Top 10,000 EWOWers - Statistics

General Stats
  • This quiz has been taken 27 times
  • The average score is 56 of 10000
Answer Stats
Rank Contestant Name % Correct
♡2
100%
1,767 [.... ..- -- .--.-. -.]
100%
4,812 ⸻⸻⸻⸻⸻⸻⸻⸻⸻⸻⸻⸻⸻⸻⸻⸻⸻⸻⸻⸻⸻⸻⸻⸻⸻⸻⸻⸻⸻⸻⸻⸻⸻⸻⸻⸻⸻⸻⸻⸻⸻⸻⸻⸻⸻⸻⸻⸻⸻⸻⸻⸻⸻⸻⸻⸻⸻⸻⸻⸻⸻⸻⸻⸻⸻⸻⸻⸻⸻⸻⸻⸻⸻⸻⸻
100%
8,611 &
100%
8,136 /e insert username
100%
1,871 >
100%
1,812 L3MON // LIM3
100%
5,073 TechnicalTangerine \(^^)/
100%
8,151 E
65%
3,705 H?
48%
3,777 mi
39%
631 W
35%
1,774 Car
30%
2,910 me
30%
2,418 Midnight
30%
4,577 MidNight
30%
♡3 Midnight Light
30%
♡4 scorb
30%
9,854 The
30%
467 | 581 carykh
26%
3,583 cArYkH
26%
5,066 Green/Bluebook
26%
♡3 losered
26%
3,731 ly
26%
♡2 MayUnderFlowers
26%
590 Meester Tweester
26%
♡3 Orange Cary Superfan
26%
2,371 Yessoan
26%
6,032 | 7,140 1
22%
♡3 4DJumpman256
22%
♡3 Dark
22%
1,369 | 1,381 David
22%
9,376 david
22%
4,060 | 5,503 Greenie
22%
♡2 GreenieGuest
22%
3,829 Pen
22%
1,570 Pin
22%
6,207 Purpl
22%
♡3 Purplegaze
22%
183 rrrrrrrrrrrrrrrrrrrrrrrrrrrrrrrrrrrrrrrrrrrrrrrrrrrrrrrrrrrrrrrrrrrrrrrrrrr
22%
♡3 #1 sigma Rizz lord
17%
2,239 8
17%
628 alexlion0511
17%
1,525 Blocky
17%
2,637 Blue
17%
295 GreenTree
17%
♡1 Indigo
17%
5,974 Ïndïgo
17%
♡3 iRDM
17%
5,317 Kat
17%
862 KWX
17%
5,781 MIKE
17%
643 Pencil
17%
9,049 Phi
17%
♡3 Pink man
17%
♡1 PriceTagFanatic
17%
8,293 Rain
17%
340 Ren
17%
6,846 Satan (If that's not appropriate then Blockkaptin77/Block)
17%
1,063 Spongy
17%
5,401 st
17%
♡3 ThePinkBunnyEmpire
17%
♡3 TieTiePerson
17%
♡2 tr_
17%
7,179 white
17%
♡3 X_Ry
17%
5,473 Yellow
17%
♡2 YellowElectric
17%
♡2 aaronvx
13%
6,282 Apple
13%
584 A Random EWOW Contestant
13%
4,502 BFDI Fan
13%
1,495 Bubble
13%
1,091 C.A.R.A.
13%
♡3 Catworld
13%
♡2 Cocoa
13%
2,688 Coiny
13%
519 Crafty7
13%
3,192 Dawn
13%
♡2 Deckardv
13%
2,126 El
13%
829 Eraser
13%
250 eyBHellolleHBye
13%
8,078 FISH
13%
8,608 fish
13%
2,732 Flower
13%
♡1 Foxrish
13%
215 fryuaj
13%
9,188 Geo
13%
1,042 Golf Ball
13%
♡3 goobrey
13%
6,279 Hydro
13%
♡2 hydrogencitrus
13%
2,961 ice_
13%
234 itsmearni
13%
220 jade
13%
♡3 J_duude
13%
7,142 | 8,747 John
13%
2,835 Jos
13%
♡3 Juhmatok
13%
1,845 | 9,789 Leafy
13%
214 Magnetty Girl
13%
851 Match
13%
♡2 Meowicat
13%
5,392 Mo
13%
7,915 Neon
13%
168 Neonth
13%
♡3 Owner of the Phattest Dumptruck Imaginable (674kg)
13%
5,679 Pan
13%
♡3 PaniniPancake
13%
♡3 PlasmicTrojan
13%
313 Poop book
13%
3,152 Rainbbow
13%
♡1 RainbowKnight
13%
♡2 Real presidnet of usa!
13%
♡2 reremiau
13%
711 Riley
13%
1,040 Rocky
13%
♡3 Snoozingnewt
13%
242 Spicyman33
13%
367 StealthySceptile
13%
393 Tak Ajnin
13%
395 taopywagon
13%
2,661 Tennis Ball
13%
♡2 The Ilucuthen Empire
13%
366 TheMightyMidge
13%
♡2 twpaz.
13%
♡3 Water Chestnut
13%
3,097 what?
13%
♡3 whitecyclosa
13%
♡3 xXBombs_AwayXx
13%
♡3 Xyloba
13%
5,360 Yo
13%
252 2 Laws
9%
211 60mo
9%
1,558 96 LB
9%
♡1 Alternavation
9%
262 Anko6
9%
8,198 anne
9%
4,737 aug
9%
4,100 Bababnas
9%
756 Bran
9%
♡2 Brandy?
9%
♡1 BrokenSink
9%
226 bromii
9%
406 BubbleTii
9%
♡1 Chad
9%
♡3 Charito
9%
♡3 CloudySkyes
9%
213 CringeCat
9%
9,511 Cyan
9%
♡2 Daquan Huang
9%
410 DavTheHootyDartrixOwl
9%
381 Dawncy
9%
246 Deficiency
9%
209 definitelynot.
9%
3,669 Dia
9%
9,037 Diamond
9%
646 Dyskrasit
9%
8,905 Earth
9%
173 EarthenOchre
9%
305 Emiquaver
9%
207 | 989 Epsilon
9%
7,007 Ester
9%
♡2 exxpired dye
9%
1,136 Firey
9%
♡2 FishOnTheInternet
9%
1,330 FlyGamez
9%
505 Fre
9%
1,716 Gemini Entropic
9%
1,709 Geographicdiscovery
9%
♡2 girlbossed.
9%
♡3 Gizmote
9%
♡1 Gman
9%
2,701 Ice Cube
9%
♡3 iTeoti
9%
5,653 IX
9%
♡2 Ixcors
9%
7,383 January
9%
7,270 Jay_
9%
2,548 Joe
9%
663 Josh / NOT a gaming channel
9%
174 JustAToadBB
9%
191 Kinderdacat
9%
4,130 Kitt
9%
2,780 Koopa
9%
♡3 Koopa472
9%
9,515 Kumi
9%
♡3 kuminda.water.supply
9%
8,571 ky!!
9%
♡2 LemonVenom
9%
♡1 lipu Kijoke
9%
286 Lpcarver
9%
♡1 Lyrical TyrAnt
9%
♡3 MarioFan
9%
2,131 Max Nov
9%
♡2 mazuat
9%
♡1 Me T. Pickle
9%
2,436 Michael H
9%
5,118 Mike Ramsay 2: Electric Boogaloo
9%
1,070 minordill
9%
♡2 Moralitea
9%
2,663 Mr. Krabs
9%
1,573 Needle
9%
175 Nonexistential
9%
6,473 nota
9%
684 Object
9%
8,955 octo
9%
1,489 oli?
9%
♡3 Onchú
9%
♡1 One Night
9%
♡2 Paintspot Infez
9%
♡3 Pancake
9%
1,073 Patrick Star
9%
♡1 PengiQuin
9%
184 pfysche
9%
618 PingThaj
9%
5,573 Quack Master
9%
435 Quetzal
9%
♡1 RAMTurtle
9%
5,426 Rando :)
9%
8,064 Random ;-;
9%
♡2 random.123
9%
2,988 roo
9%
♡2 s1nblitz
9%
6,563 sand
9%
2,806 Sandy Cheeks
9%
2,960 sea
9%
535 s.eptember
9%
♡3 sictoabu
9%
6,716 Snowball
9%
7,670 Squid
9%
1,453 Squidward
9%
♡1 Srimochi
9%
272 starsword grimoire
9%
♡1 stephan12387
9%
4,407 Super!!!
9%
♡2 Swift Smartypants
9%
640 Teardrop
9%
♡3 terminatedslime
9%
809 TheGraphicalHarmonicist
9%
880 The Light
9%
186 TheMJKWorld
9%
♡1 ThePianoGuru
9%
♡1 Twiggy
9%
♡1 Verigold
9%
2,699 Woody
9%
♡2 Yuakim
9%
167 #zackd
9%
♡1 Zettex
9%
164 08_BTR
4%
256 2manyforks
4%
599 2Wesolol
4%
763 3SidesInASquare
4%
415 6000000or6
4%
6,307 A-99
4%
2,794 Adr
4%
7,783 ADR
4%
7,515 Adri
4%
8,756 Aero
4%
5,524 A Gamer
4%
185 AlexExists
4%
7,528 Alice
4%
502 Aliendude321
4%
5,662 Alienning Man
4%
8,062 AlphaBook
4%
3,911 AlsoSofia
4%
♡1 Amelia, Ameliorator of the Eighty-Three Skies
4%
2,233 Andy Pham
4%
2,877 An egg
4%
♡1 AnEpik
4%
6,499 AnimationObjectShow
4%
296 A Phlox in Flux
4%
♡2 ArnoobExtra
4%
216 Augie279
4%
5,782 Avery
4%
♡3 avocadoexists
4%
1,151 Azim9999
4%
2,083 Bazinga
4%
202 Bazinga_9000
4%
672 BeeBee
4%
8,739 Beebee
4%
182 BFBFan5346
4%
170 | 7,490 Blaze
4%
6,575 Blender;-;
4%
6,541 Blue Box
4%
♡2 Blue Gelatin
4%
4,358 Blue Sky
4%
4,831 bob
4%
5,610 Booger
4%
7,258 Box
4%
6,447 Brad
4%
9,723 Bread!!
4%
2,909 Brown
4%
3,853 Bunnie
4%
553 caragonkh
4%
♡1 CarbonFiber
4%
3,053 Cary KillHitler
4%
♡1 cereseries
4%
9,695 Chalk
4%
485 Chester A. Arthur
4%
♡1 cloverpepsi
4%
1,067 COCOATWIX
4%
437 CodingPileOfDirt
4%
♡2 Cohaki
4%
1,930 Concavz
4%
1,527 ConspicuousPiggy
4%
♡3 ConvexProjects
4%
4,613 coolunan
4%
210 Cpink
4%
♡1 Creative Casey
4%
2,602 ctlaserdisc
4%
765 Cubeimations
4%
1,385 Davoid
4%
5,930 Daylight Darkness
4%
♡1 Daylune
4%
269 DerMongoose
4%
859 DesertYou
4%
181 DewgongFTW
4%
224 DiamondShard87
4%
3,898 Doge
4%
♡3 DogeBone3
4%
5,566 DoWnStaP
4%
4,597 ech
4%
761 Eddie “DeeandEd”
4%
171 $EeveeLikesBREAD$
4%
♡1 EeveeLuv
4%
8,748 Egg
4%
496 elevatorz
4%
221 ElevenWordsOfWower
4%
4,169 Eli
4%
5,883 Elijahyar21
4%
8,071 Ember
4%
5,669 Emerald
4%
361 Eric from real life
4%
♡2 Evolt
4%
4,125 Evrwl
4%
♡2 Exhalexa
4%
3,294 Fall_
4%
8,316 Fan-imator
4%
2,199 Fish Gaming
4%
1,950 floob
4%
3,029 Fourtle
4%
2,697 fowo
4%
3,301 free
4%
♡2 Funo'
4%
569 Galactic Gamer/Aoki Lapis (pls include both but you can refer to me with just 1)
4%
1,637 Galakktika
4%
6,804 Gamer
4%
189 garf
4%
7,703 Gay Book
4%
♡1 geobica
4%
1,866 GiveYouUp
4%
288 Gordischious
4%
856 GordonBrown2318
4%
♡3 Grammar Lee
4%
9,962 GranTorre (multilenguaje / multilanguage: español chileno / english)
4%
1,627 grinch
4%
5,379 Guil
4%
8,089 gumball
4%
8,615 Hamburger
4%
483 hamburgerhelper
4%
357 Hazel Cricket
4%
4,329 Hex
4%
573 Hiko
4%
3,761 !!!!HillaryClintonAmongUs!!!
4%
♡2 Himo
4%
1,209 horizontally spinning rat
4%
5,848 @Human@
4%
219 hyfin
4%
875 HyundaiElantra
4%
♡1 IceKeyHammer
4%
4,298 i don't know
4%
239 ilo Poki
4%
299 indoorfish
4%
1,447 InteleonsInteleonsMoreInteleons
4%
3,708 Ironic
4%
2,290 ^ is my daddy
4%
365 I Soar
4%
♡2 italic177
4%
368 It's Brick
4%
♡1 Jac4
4%
1,415 Jackson #
4%
382 Jakiller
4%
383 jan Natoku
4%
217 Jaydi Kiwi
4%
177 JCL Kaytwo
4%
4,127 jdw
4%
1,586 JEM
4%
235 Jemuon
4%
188 John Dubuc
4%
9,523 Jojo
4%
399 Jooj
4%
9,961 Joseph howard 2
4%
6,450 JT
4%
4,913 J_T_Money
4%
♡3 JujuMas
4%
♡3 Juliansl
4%
4,519 JustAGuy
4%
778 Justoons
4%
2,878 Just Someone
4%
2,382 JX
4%
853 kaisle
4%
1,168 Kanye West
4%
5,036 Kirbendo
4%
3,749 KitKat
4%
1,579 Kittytelligence
4%
8,691 -Kyle-
4%
591 "Kyle999"
4%
424 kyushi
4%
7,430 Lapis
4%
303 la rivbi
4%
817 Larry The Lobster
4%
3,550 leah
4%
9,085 leo
4%
232 Leopardsun
4%
4,039 LetYouDown
4%
4,191 Lime+
4%
2,049 lipu-pu
4%
2,502 lolasolar
4%
238 Lord of the Sheep
4%
890 luc
4%
3,430 Luigi
4%
1,699 Luna
4%
3,987 luna !!
4%
282 Lythe Nova
4%
254 Mach
4%
679 MADDproductions
4%
196 Maildropfolder
4%
731 MarbleCyde
4%
310 MarbleMint
4%
476 Marbles32
4%
819 Mariobrosaa Productions
4%
396 Matter
4%
5,162 MCJ
4%
1,002 Medicine Airplane
4%
6,438 Me Like Pie
4%
228 MeLikePie50
4%
206 MelnSlce
4%
♡1 Meptune
4%
2,292 Michael Ermantrout
4%
1,214 Michael Huang
4%
2,164 midnight fight
4%
♡2 Mikl Pickle
4%
♡2 MineFlex_B
4%
1,829 | 6,603 Mint
4%
241 | 7,102 Minty
4%
♡3 Mitochondrial Bob
4%
1,199 Mizzy the Loid
4%
180 MoltenAshes
4%
3,937 Mr. Puff
4%
997 MythicalMoon_
4%
199 namdoy
4%
212 napptapp
4%
♡1 Naslemi Jones
4%
294 Nateo
4%
8,264 Neb
4%
3,803 nebula
4%
7,120 Nepttune
4%
1,463 NeverGonna
4%
♡1 Nindragon471
4%
233 nlcd
4%
392 noef
4%
9,052 Noelle
4%
371 NorthEastBenefactor
4%
251 Noslen
4%
3,212 not a donut
4%
8,092 NoteBook
4%
9,078 Notebook
4%
195 notexi
4%
5,480 pant
4%
427 PenSteel
4%
322 Pigeon Boy
4%
7,770 Pine
4%
9,433 Pinne
4%
♡1 PizzaEnjoyer
4%
3,544 | 5,937 pneumonoultramicroscopicsilicovolcanoconiosis
4%
9,151 Pneumonoultramicroscopicsilicovolcanoconiosis
4%
3,802 Pocky!
4%
♡2 pokeysoda
4%
3,577 pokky
4%
1,054 qooyuni
4%
8,330 Quint
4%
2,567 quippy
4%
834 Quirky Burger
4%
952 RainbowSnivy
4%
6,093 Raise Your Voice
4%
444 ramen
4%
774 Random Rodger
4%
347 RapidRains
4%
♡3 recc
4%
8,898 Rem
4%
♡1 Remy
4%
344 Reselectings
4%
6,963 Rhy
4%
2,590 RICE
4%
3,285 rice
4%
5,574 Rock book
4%
1,326 RunAround
4%
5,434 ry
4%
345 Sada Abe
4%
3,762 Sajambi
4%
1,737 sal
4%
5,772 Santa
4%
3,180 sdf
4%
♡1 Sea Storm
4%
♡3 ShadowFlames
4%
♡1 Shardren
4%
♡3 SinisterShovel
4%
348 Skippery45
4%
320 Skivint
4%
5,483 SKYPORF
4%
3,501 SMA
4%
617 sodiumhydroxide
4%
1,344 Spectacles
4%
245 spooky.phd
4%
♡3 St4rry_Ski3z
4%
3,865 StarEyeCri
4%
539 starlight
4%
9,107 Star light
4%
9,196 StarLight
4%
2,826 starrybook
4%
2,096 Starry Midnight
4%
448 Starry Sprinklez
4%
3,582 StarryTheSuperstar
4%
5,101 Starx05
4%
1,029 stef757
4%
336 stone bone
4%
5,553 Susie
4%
237 Syro33
4%
3,790 T.A.C
4%
2,373 Taco
4%
892 Tau XXXIII
4%
2,499 telepoet
4%
289 Thane
4%
197 ThatShowGuy
4%
2,358 The Attractor
4%
564 TheCococQuartz
4%
8,914 the gamer
4%
255 The Great And Mighty Waffle Captain
4%
380 thenamesh
4%
7,169 The Newbie
4%
6,050 the penguin
4%
6,605 The Sunny Night
4%
3,394 Theth
4%
1,430 TheUnwatchedYoutuber aka the pope
4%
4,813 TJ
4%
786 TJEVERYDAY52
4%
3,827 TMG
4%
♡1 ToffeeLime
4%
♡2 TrainGoBoom
4%
5,200 Trapped in France
4%
359 Trenerd
4%
8,645 twit
4%
329 Usernamey
4%
3,698 Vaan
4%
480 Valeburger
4%
7,731 vIL
4%
259 Villagerslime
4%
6,118 Vio
4%
5,285 vivi !!
4%
703 Vivid
4%
♡2 WholeNote1
4%
954 Wie
4%
7,675 Will(ow|iam)
4%
229 Willow Willow Willow
4%
253 Wilma
4%
5,185 wing
4%
592 wingsw
4%
574 wolfmandude3000
4%
2,577 Xnopytt
4%
400 xtrimi
4%
6,298 xyxxxx
4%
9,710 yay
4%
6,028 Yeah
4%
401 YellowNote
4%
346 Yonelius
4%
2,731 Yosh
4%
4,356 yosh
4%
1,548 Yoshi
4%
♡1 Yume Flamigiri
4%
♡2 Zaffricious
4%
2,619 Zipping by
4%
240 Zixi
4%
6,549 Zoe Arevlo
4%
828 μ
0%
1,395
0%
1,406 マンサノリ
0%
2,125 ☝☝☝
0%
2,431 !!!
0%
5,306 𒐫𒐫𒐫𒐫𒐫𒐫𒐫𒐫𒐫𒐫𒐫𒐫𒐫𒐫𒐫 𒐫𒐫𒐫𒐫𒐫𒐫𒐫𒐫𒐫𒐫𒐫𒐫𒐫𒐫𒐫 𒐫𒐫𒐫𒐫𒐫𒐫𒐫𒐫𒐫𒐫𒐫𒐫𒐫𒐫𒐫 𒐫𒐫𒐫𒐫𒐫𒐫𒐫𒐫𒐫𒐫𒐫𒐫𒐫𒐫𒐫 𒐫𒐫𒐫𒐫𒐫𒐫𒐫𒐫𒐫𒐫𒐫𒐫𒐫𒐫𒐫
0%
6,129 슈퍼 샌즈
0%
6,171 ( ͡° ͜ʖ ͡°)
0%
9,402 ʕ •ᴥ•ʔ
0%
3,948 044r
0%
411 10:31 P.M. migraine/nausea; I'm okay
0%
836 108 mics
0%
9,261 10-Book
0%
4,722 111robloxdude
0%
3,137 11 Words Wiser
0%
9,076 _11YT
0%
323 1212DENIS
0%
7,989 134340 Pluto
0%
2,189 13 Drus
0%
2,201 19dollafortnitegiftcard🤑
0%
3,635 1AfterAnother
0%
7,301 1-Ball Studios
0%
1,295 1Gary
0%
3,643 1Kick234
0%
2,052 1LifeNoClue
0%
3,014 1'MN0T7HA7P0PULA4
0%
5,144 1 pizza 2 pizza 3 pizza 4 pizza
0%
5,904 1UM6
0%
8,796 2000000
0%
1,118 2004froggy
0%
6,504 2023hotracer
0%
9,305 20tx
0%
1,972 21ack
0%
3,114 21KeyBlade
0%
1,227 21Quantum
0%
5,866 2 22! 2 2 22 22 22 2 2. 2
0%
9,215 2763 Very Fun Jellyfish Facts
0%
847 2bstarman
0%
5,018 2dice
0%
5,907 2_INA
0%
2,366 2mmay2
0%
2,094 2nTheEpic
0%
9,245 2STUDINVASION
0%
9,814 2wrc
0%
2,194 33L5
0%
7,472 357Pumpkin
0%
5,072 4058
0%
8,000 _4509290359YEN_zPARTYPEOPLE粘り強さ、投資家、そして皇帝
0%
3,923 4.5 The Creator
0%
1,736 4dice
0%
1,243 4Jun
0%
5,138 4_kgs
0%
5,444 4_ (pronounced "four score")
0%
5,912 5381
0%
5,652 53R0
0%
9,899 54992crazyboys
0%
2,363 75 Characters? That's a LOT for a Username. Min-maxer that I am, thank you!
0%
7,743 76 Characters
0%
3,009 7s3s
0%
3,238 7th Dimension of Algoland
0%
2,530 8-ball
0%
1,021 8-Bit Book
0%
3,149 8Bit_Cat
0%
3,978 8ggt
0%
352 8th
0%
6,209 8uny
0%
5,184 98 Flags
0%
9,968 9GGY
0%
6,256 9thLife11
0%
1,776 A1Red
0%
7,264 A4 paper
0%
8,613 AA12057
0%
7,402 AAA Battery
0%
4,290 Aaden.mp4
0%
3,525 Aagames
0%
9,583 Aaqualotl!
0%
2,896 Aardvark the Midvark
0%
4,899 AaronJonJ
0%
7,055 Aaronp26
0%
8,989 Aaron Project Sekai!
0%
6,452 A Average Contestant
0%
3,780 Aayan
0%
4,222 AB39
0%
2,417 Abamy
0%
8,164 Abbyssmall
0%
2,395 abcluigi21
0%
8,833 Abhisar
0%
7,995 Abiekax__snorlax
0%
2,215 AbiFruitcake
0%
5,106 Abnormal Amethyst
0%
9,708 A book about gears (ABAG)
0%
4,691 A Book On YouTube
0%
3,318 Absence Incarnate
0%
7,778 AbsmanXD
0%
1,301 AbsoluteDasher
0%
4,683 AbsoluteGarbage
0%
7,736 Absolute of the Dark
0%
6,370 AbsoluteXi
0%
7,448 Abstract Username
0%
702 abugida
0%
6,241 abundant_crisis
0%
8,774 aburo11
0%
3,306 Abyan
0%
2,873 Abyss
0%
607 Acaicheetah22
0%
3,017 AcceleraSean
0%
9,851 Accelerated Dragon
0%
7,478 accelereightor
0%
901 according2all
0%
861 Account_Alt
0%
5,194 AC!DSNOW
0%
1,409 Ace
0%
4,359 Ace epok animations
0%
7,119 Aceidic
0%
8,985 Ace of Spades
0%
6,678 Achilles
0%
3,122 Acid
0%
5,716 acid4096
0%
9,797 Acid drop
0%
1,617 Acidic Mothic
0%
8,633 Acidvex
0%
2,492 Acky
0%
593 ACN
0%
6,002 A cool guy
0%
8,733 A_Corruputed_Nightmare
0%
5,192 Actionguy777
0%
4,434 A cube nwower
0%
5,545 Adachi
0%
1,296 Adamanti
0%
9,614 Adamus
0%
1,203 Adbub
0%
8,484 ADev
0%
4,732 Aditya'sWorldOffic
0%
8,363 Adjacent
0%
6,318 Admiral Dylan
0%
2,845 AdorableAwesomePizza
0%
2,884 Adreedii
0%
2,946 Adrian C.
0%
3,414 AdrianVGamer3
0%
2,752 Adude
0%
3,023 ADudeWithAChannel
0%
4,791 aDumb_person
0%
9,139 AdvanceGDasher
0%
4,389 Adventure toy Bonnie
0%
7,379 Adviidas
0%
7,075 AEIOU
0%
5,541 aellvdhp1
0%
1,974 aemiil
0%
8,165 aeolos15
0%
9,662 Aero Book
0%
3,337 AeroTehVaporeon
0%
5,726 AeroVVV
0%
421 æsc
0%
1,644 Aesoppin
0%
8,562 Aetherstar
0%
3,800 A Fantastic Fan of Fanny.
0%
1,870 AFasterSlowpoke
0%
7,196 A fellow EWOWer
0%
3,690 Afford F150
0%
9,458 a fridge
0%
8,736 Afro1Ninja
0%
7,845 AfroMan
0%
985 A-Gaine
0%
7,186 AgentHelloThere
0%
5,188 Agentwut
0%
4,057 AGgamers9109
0%
2,441 Agiam
0%
812 AgileGlass
0%
2,031 AGNAB
0%
3,433 AGoofyBaller
0%
3,714 A Group of Noisy Yellow Xylophones
0%
1,928 Agui alpha
0%
6,047 AgusTheEverything
0%
2,141 AGUYWITHAYOUTUBECHANNEL
0%
882 Ahkvenir
0%
676 AHumanIThink/Whirlpool730
0%
2,370 Aibyou
0%
1,530 Aidanbob4
0%
5,196 Aidan The Rock
0%
7,673 aidencuss
0%
4,203 Aidenepic807
0%
7,304 AidenMan1114
0%
4,032 Aidsie
0%
9,994 AIissmarterthanme
0%
4,793 aimlessContrivance
0%
1,445 ainmosni
0%
9,428 AipomBoi!
0%
8,565 Airplane Dog
0%
9,016 Airpods15
0%
691 Air Skittles
0%
8,331 Airtoum
0%
5,051 AI Slayer
0%
8,114 AJanimates
0%
4,183 A Jar of Jam
0%
6,066 Ajkxrit
0%
7,672 AjMcLeary
0%
7,173 Akaino
0%
1,193 Akamatsu
0%
8,453 akanabahi
0%
1,844 AkashG23
0%
2,823 AkiCyan_735
0%
4,018 Akion
0%
8,890 Akkar
0%
5,638 à la Ande
0%
8,602 Alana of Cleansed Wise Words
0%
4,532 AlastorTheRadioDemon
0%
5,202 Alay TK
0%
4,101 ALBOT
0%
4,036 Alcalop
0%
7,256 AlecSauces
0%
2,422 Alem
0%
546 alemtotodile
0%
5,790 Aleph-Automatic
0%
453 Aleph Squirrel
0%
1,620 alesonbrjk
0%
7,526 Alessnormalperson30
0%
6,495 AleV710
0%
3,551 Alex13isawesome
0%
8,504 alex14534
0%
9,424 Alex1912bois
0%
983 Alex31
0%
9,659 Alex330
0%
8,067 Alex 6101
0%
961 alexa.fig
0%
9,292 Alexander Pushkin
0%
7,239 alexchompski
0%
7,464 Alex_cookies
0%
6,997 Alexis2314
0%
2,133 AlexOKyes
0%
6,531 AlexPXL
0%
8,025 AlexVids4Life
0%
7,766 AlfredoSaucy77
0%
8,785 Alfris
0%
5,463 Algebralian 47
0%
337 Algo.00
0%
4,910 algo5
0%
982 algodoo_nerd_guy_idk
0%
2,974 Algodoo Racer
0%
7,746 Algomal.
0%
4,041 AlgoMaster
0%
♡1 Algotistic
0%
4,286 Alhello Goe
0%
9,972 ali64elite
0%
606 Alias.Exitor
0%
9,958 AliceAlex
0%
9,150 Aliceanne
0%
2,601 Alice Margatroid
0%
6,122 Alien Evidence Book
0%
3,223 Alieni
0%
5,584 Alif
0%
9,282 Alimate
0%
5,828 Alison Toaster
0%
1,562 a literal tree
0%
♡2 ALITL
0%
8,073 alittlecheese
0%
9,462 A Little Life
0%
9,201 AlixTheUnknown
0%
8,430 allazila
0%
2,076 Allen Grimm
0%
4,775 AllergicToSanity
0%
5,517 alleviatedAlec
0%
198 Alley%
0%
2,554 Alleyway
0%
5,259 alligatormantheBFDIfan_3483
0%
6,893 AllMagics
0%
3,289 AllStarDroid
0%
1,262 Allymote
0%
8,322 AllyTheLoser
0%
1,080 AlmightyAnimate
0%
4,340 AlmostCanadian
0%
4,835 AlmozenOreo
0%
7,260 A Lock Productions
0%
3,314 Alohotaxinova42
0%
8,158 AlooRaja
0%
9,995 AlpaaaaaaaaaaaaaaaaA
0%
8,961 AlphaBFDI
0%
8,528 AlphaC
0%
3,503 AlphaPizzadog
0%
4,411 alphasmashguy
0%
1,340 Alphermebo
0%
5,590 Alpine >:3
0%
3,445 Alrocko
0%
4,638 Alrox
0%
5,322 Alsocalledidiot
0%
1,003 Alsterocks
0%
7,099 Alter Cow
0%
2,430 Alternate Mirror Yes
0%
2,998 Alternating Storms
0%
1,419 ALTplusA
0%
3,625 Altrulich
0%
5,615 AlulaLeChien
0%
9,629 Aluminated torch
0%
949 Always Benji On Yesterday
0%
2,957 amarhakim
0%
4,252 Amazing Brayden
0%
3,005 AmazingBubbleCone
0%
7,467 AmazingKeller
0%
2,741 amazingpikachu_37
0%
6,359 amazonense do carai
0%
8,813 Amazon Kindle Paperwhite (8 GB)
0%
1,264 amb2127
0%
3,377 amberlandball
0%
4,836 American Cheeseburger
0%
249 Americatress
0%
2,269 AmethystCat
0%
7,124 A Mexican Kid
0%
422 amey
0%
8,855 Amingus
0%
865 A minute
0%
9,329 AmISceatur?
0%
2,599 AmoebaShleeba
0%
2,933 Among Gamer
0%
3,270 amongme1005
0%
681 Among Us Enjoyer
0%
5,731 AMPersand
0%
9,023 Ampersand055
0%
7,518 Amugo
0%
6,203 amythya
0%
6,283 An Algerian guy
0%
662 AnArtichoke_
0%
3,841 An average person
0%
1,341 anderium
0%
3,559 andmine
0%
7,616 Andrechicken
0%
7,188 andreio
0%
1,567 andrej.ee
0%
4,750 Andrew
0%
473 Andrew 1.0
0%
6,635 Andrew1117
0%
9,564 AndrewAnimatesStuff
0%
759 Andromeda
0%
8,911 Andromedakid_
0%
9,810 Andros
0%
9,045 andvarizal
0%
768 Andyman
0%
4,729 Andy Show (10^6)
0%
1,735 anemiaxd
0%
457 An Epic Penguin
0%
9,559 Angel-IG
0%
5,949 Angel is Angelic
0%
8,144 Angelito
0%
1,506 angerberry
0%
9,183 Angie.4s
0%
9,577 Angular Angel
0%
603 Anh2V
0%
4,676 Aniball Anderson
0%
1,011 AnIDFB
0%
8,553 ~Aniissuperawsome~
0%
287 AnimalGamerTest
0%
3,271 Animan
0%
877 Animat3DD
0%
7,509 Animated_AdventuresYT
0%
5,845 Animated Ducko
0%
4,768 Animated_Marvin
0%
3,931 Animated Now
0%
6,553 Animating Pains
0%
1,190 animation biological
0%
9,801 AnimationJ
0%
6,317 Animation Maker
0%
3,087 Animations And Other Stuff
0%
2,929 AnimationSensation
0%
5,641 Animatium
0%
6,663 Animators Guidebook
0%
5,114 AniMattIons Over Here
0%
7,706 An Irish Clown
0%
3,961 Anirudh#2763
0%
2,860 Annabiscuits
0%
6,620 Annie Li Game
0%
6,392 Annoy the best
0%
2,216 Anonymentor
0%
494 anonymous00
0%
7,375 Anonymous Contestant
0%
2,394 Anonymouse
0%
1,466 Anonymous Jargon
0%
6,335 Anonymous Light
0%
7,151 Anonymous Pony
0%
4,093 Another
0%
6,406 (another)delta
0%
4,999 AnotherSpaceCartographer
0%
3,710 anpang
0%
1,404 Ansul824
0%
6,153 AnthonyDaBestYT
0%
4,333 | 8,489 Anthony Dinh
0%
1,688 Anti-AI-Enforcer
0%
3,846 antidisestablishmentarianism, yay
0%
2,517 Anti_Gyro
0%
4,681 AntiUser
0%
9,729 AntonStuff
0%
4,672 AntoprogamerMX
0%
5,009 Antoxic
0%
1,926 antss
0%
2,642 Anubis’s Temple
0%
793 ANW Nerd
0%
9,812 Any1
0%
389 Anyo729
0%
9,611 Anything45
0%
3,140 AO6
0%
2,940 AOEWOWguy
0%
4,140 Aostrele
0%
8,763 aothal
0%
5,157 | 6,070 APerson
0%
3,072 a_person 1734
0%
4,472 Apersonthatexists36
0%
3,897 A Petrified Dumb Person
0%
8,543 Apicots
0%
8,607 Apocalypse Birb
0%
6,482 Apolbook
0%
3,527 Apollo
0%
2,050 Apollyon
0%
2,461 ApologeticFunyarinpa
0%
5,254 Apolpaiduh1st
0%
7,340 appamatix
0%
6,709 Applebees Pizza
0%
2,446 Apple_Flames
0%
9,634 Apple Guy
0%
2,766 Apple Pi
0%
4,779 Applepiesleth
0%
8,523 Applepop Book
0%
8,057 AppleSaucing
0%
9,367 Apple Shmapple
0%
5,706 Appleson Fruit
0%
8,593 appley
0%
6,569 April1rs
0%
5,134 April Kerosene
0%
463 Aqua247
0%
2,252 Aqua2Sun
0%
7,326 Aqua Bright Light
0%
2,959 AquaClouds
0%
2,410 AquaOnyx
0%
9,323 Aqua Pluto
0%
3,666 AquareOfficial
0%
3,837 AquaRun15
0%
7,220 aquatic depths
0%
9,421 Aquatic Queen
0%
4,576 AqueleRettism
0%
8,640 A Quintillion Big Ones
0%
5,054 Aracas Dracœpie
0%
2,546 Arachlynn
0%
5,502 Aradia
0%
2,685 Arandombook
0%
5,869 ArandomBox
0%
2,305 ……… a random guy I guess….
0%
9,777 arandommel
0%
5,122 A Random OSC person
0%
8,237 A Random Strawberry
0%
9,175 Arbon Arson
0%
4,052 arboshorvwie
0%
9,746 Arcake
0%
5,318 arch4ngel
0%
2,253 Archer Boy
0%
2,119 Archie
0%
5,969 Arc_theAC130
0%
7,920 Arctic
0%
5,349 Arctical
0%
8,936 ArctiTsar
0%
8,450 A Really Cool Bird
0%
2,882 are jay
0%
4,802 ArfurPups
0%
8,803 ArgentinianJupiterTheTouhouFan
0%
4,518 ARGITI
0%
8,656 argonismist-nnl
0%
3,819 Argon Star
0%
9,674 Argos Flowering
0%
8,596 Ari26xx2
0%
9,165 Ari Bunch
0%
7,388 aridante
0%
1,615 Ari the Ari Guy
0%
9,467 ari the destroyer
0%
7,953 AriToonari
0%
2,778 Ari_Tree
0%
4,938 Aritzed.Rio
0%
8,093 Ari Weamer
0%
3,358 Ariwi
0%
7,215 Arkaeriit
0%
6,754 Arkavon!
0%
2,387 Arkent
0%
3,508 arklypurple
0%
651 ArkzenoRay
0%
3,469 ArlieHyena
0%
4,554 Arlo
0%
1,894 ArmandRonan
0%
1,537 ArmJoesh
0%
7,457 Arm of Robot
0%
8,313 ArmoredMango
0%
416 Armorty
0%
1,813 Armypuffin The 3rd 2nd 4th Of Doom 2
0%
1,272 Arpiyen
0%
7,364 ArrieB0t
0%
4,305 Arroyoso
0%
5,007 arsenicCatnip
0%
2,484 ArsonApple
0%
6,202 Arson's Parent
0%
360 Artaz
0%
8,267 Artemis Rose
0%
4,045 Arthurtyui
0%
3,015 articasterisk
0%
9,934 Articuno5149
0%
3,543 Artificial Girl
0%
9,532 ArtikIRL
0%
6,851 Artist Duck
0%
1,459 Artistic Bookster
0%
9,164 Artistic Lavender
0%
9,579 Artive
0%
8,473 Artofitall
0%
5,818 Art of War
0%
9,229 Artorias
0%
2,516 ArtsyBlixt
0%
9,879 Artsy Dinosaur
0%
4,929 ArtTheBook
0%
3,799 ArtwaffleGB
0%
6,049 Arty-234
0%
9,293 arvt
0%
8,034 aryobagus
0%
8,215 Arzayu
0%
9,227 Asbestos Bird
0%
3,980 AscendingSlugcat
0%
6,102 ascotlandman
0%
9,121 Asdonier
0%
1,258 aSean_Feligon
0%
394 asetylnitrat
0%
8,032 As good as it looks
0%
9,093 Ash
0%
♡1 ashaisasmasha
0%
1,332 Ashfalcons44
0%
2,171 AShiningDeadRedComet
0%
9,281 ashisalrtaken
0%
8,272 Ashkorta9
0%
4,561 Ash Pompeii
0%
3,190 Ashton Does A Thing
0%
8,755 Ashycat
0%
4,684 Ashyman the 2st
0%
2,309 AsianGαb★
0%
9,435 ASimpleCatFan
0%
4,990 aSimpleUnderscore
0%
3,475 Asmoday
0%
9,652 a snake called noodle
0%
9,522 ASPEN
0%
7,520 Aspenindiel
0%
9,845 Asphalt_09
0%
8,257 A Sphere and a ring
0%
521 Asro
0%
5,199 AssamMilkTea
0%
8,710 asseater56
0%
5,206 Aster Green
0%
9,676 asteroidz
0%
9,343 astorixen
0%
1,963 Astra Espera
0%
813 AstralBlob
0%
3,274 astralhsp
0%
4,824 Astral Projections
0%
4,821 Astral-Vortex
0%
7,054 astrapboy
0%
9,366 Astro Coolio
0%
7,014 Astrodius
0%
9,489 Astrology Night
0%
3,329 Astronaut
0%
9,884 Astronight
0%
6,005 Astro's Anarchy
0%
7,917 A sweet recipe
0%
7,829 atbashcipher
0%
3,182 ATCB259studios
0%
8,247 ATEC (pronounced ay-tick)
0%
5,973 atimes3
0%
1,721 Atlaski
0%
1,782 AtomicallyAccurate
0%
1,155 AtomicBlueberry
0%
7,386 Atomicboi
0%
4,478 AtreyuKillsIt!
0%
5,234 A True Gamer
0%
8,020 Audiobook
0%
9,046 Auggies tale
0%
6,534 Auglur
0%
1,891 auhsoj
0%
3,305 Aukned Glamahawpa
0%
7,263 Aurelis
0%
3,688 AuroaeBorealis
0%
1,748 aurohaze
0%
4,640 Aurora
0%
5,218 Aurora377
0%
9,665 AuroraBorealis2010
0%
3,091 Auspec
0%
5,271 Austin
0%
5,032 Austin Devvania
0%
4,163 AustinExists
0%
6,247 Austin’s Island
0%
4,650 Austin the Dalmatian
0%
8,234 Authonomy
0%
4,409 AutisticDude06
0%
9,033 Autistic queer
0%
4,825 AutumnExists
0%
2,555 _Ava_K67
0%
308 Avanfan
0%
5,901 Average
0%
3,380 AverageAmericanCheeseLuva
0%
8,268 average BFDI viewer
0%
9,616 Average Cary Enjoyer
0%
5,126 AverageCupcake
0%
6,838 AverageDiscordUser1
0%
4,070 AverageEWOWer11
0%
3,211 Average Red
0%
9,361 AverageRetroGuy
0%
3,674 average robloxian
0%
6,188 Average Thing
0%
5,399 Averagist
0%
9,525 A very funny cool guy who’s cool
0%
8,459 avicon
0%
7,070 AviDaAvi
0%
5,151 AV Spark
0%
7,898 awayfromkeyboard
0%
1,723 awepi
0%
7,926 Awesome200
0%
3,316 Awesome Animator
0%
7,538 Awesome Boi the Animator
0%
3,787 Awesome Cat Fan
0%
2,398 Awesome Danimations
0%
5,878 AwesomeJunky
0%
3,736 Awesome Kae's Sauce
0%
7,096 Awesomeone Cool
0%
300 AwesomePig7
0%
277 Awesome PolarBear
0%
4,909 Awesome Sauce
0%
3,732 Awestin (pronounced Austin)
0%
1,444 Awezome
0%
2,314 awfulzed
0%
3,849 Awildpokemon!
0%
6,442 Awqa
0%
6,977 AWritingStickfigure
0%
6,135 Awsome Space Book
0%
8,951 AwTreeriously27
0%
3,410 AxaQ
0%
5,732 Axlkvh
0%
1,083 axn
0%
7,265 Axo
0%
2,264 axolotl lover!
0%
7,235 AxoUni
0%
1,001 Aya_32125
0%
5,516 Ayako!!
0%
7,838 AyenHatesTypos
0%
6,216 AylaKD
0%
1,304 ayosmi
0%
6,477 AyoStef
0%
6,100 Aysky
0%
6,009 Ayumi Bros [A.B.]
0%
7,753 azaeliameow
0%
2,110 Azeotro
0%
1,000 Azul <3
0%
407 Azumaknight
0%
4,805 Azura Hardware
0%
984 Azuran
0%
4,051 | 5,736 Azure
0%
3,786 Azure_Lazuli
0%
8,185 Azure Sunflower
0%
736 AzureyCentralix
0%
♡1 Azurite
0%
5,367 azuwure
0%
7,277 Azzy
0%
9,395 B3ky0fTh3V4ll3y
0%
7,919 b3rnozes
0%
6,795 B4N3R
0%
481 ba0bo0
0%
9,232 Babel Books
0%
3,634 babydragonboy
0%
9,482 Background Character #009
0%
5,530 | 5,668 Bacon
0%
5,627 bacon!
0%
6,611 baconmaniscool
0%
1,424 Bacon Puppy
0%
9,722 Bacon Simp
0%
7,554 Bactobook
0%
2,279 Bad Games 2
0%
5,940 Badgr
0%
6,211 Badman1254
0%
4,708 baffle sauce
0%
4,182 Bagel Brain
0%
9,159 BagelGod
0%
9,769 bagfaced
0%
9,099 BaggerHead
0%
4,584 Baggets
0%
2,762 Bag, The Tree Mountain.
0%
4,652 Baguette
0%
1,006 Bait and Tackle
0%
7,279 BakaPrase2017
0%
1,549 Baked Bacon
0%
2,121 baked bean
0%
8,547 Baken Cookies
0%
5,262 BaldoAldo22
0%
169 Ballam
0%
7,899 Ballin__69
0%
1,451 Ballin Hippo
0%
6,753 Balsamic Vinegar
0%
9,923 BambiProductions
0%
6,404 bamisbig
0%
3,741 Banajama27
0%
9,898 Banana Brain
0%
987 Banana Buggy
0%
4,079 BananaDuck
0%
540 BananaFace
0%
7,817 Banana Fried Chicken
0%
8,649 Bananaguy
0%
8,871 Banana_Guy
0%
6,958 Banana Llama
0%
6,115 Banananonstop
0%
6,964 Banana Peeler
0%
6,641 Bananas Lover
0%
6,841 Banana slug
0%
4,923 BananaSoupPiePizza4Lunch
0%
2,325 BananaSplitOrSomething
0%
3,806 Banarnar
0%
3,652 Bandit
0%
854 Bani57
0%
7,011 Banned Cat Names
0%
4,527 Bansie the pencil
0%
8,260 Banter Vanter
0%
3,126 Barbarian Gamer
0%
3,055 Barbote
0%
9,407 Bardur Giant
0%
7,211 Barfy
0%
4,458 Barfyhere
0%
7,159 Barry B. Benson
0%
3,276 barteek
0%
7,874 Bartholemew Ribworth
0%
4,014 Bart mug
0%
8,449 BaryJG
0%
1,396 Barys Boi
0%
846 Base
0%
4,540 Basic Haste
0%
8,822 basiczero
0%
334 Basil Star
0%
9,680 Bass Clef
0%
2,425 Bastian (pronounced basdjuhn)
0%
5,815 Batterystar
0%
2,048 batterysupreme
0%
7,760 BattleAxeimations
0%
3,319 BattleBoy28
0%
5,857 BattleCatPerson
0%
6,493 BattleOfTheEmojisForABigishmillionDollars
0%
7,639 Battle-Worn Firebrick
0%
7,510 Baw_Bert
0%
7,726 BazMannBach
0%
5,506 bb64fam (bb for short)
0%
7,624 BBoy barbeque bacon burger
0%
8,558 BD
0%
4,936 Beach Birb
0%
9,919 Beanboi
0%
5,250 BeanieMan
0%
547 Beanofan
0%
966 BeanutPutter
0%
7,593 Bearflyer
0%
8,377 BearKingO
0%
5,890 Beatbod
0%
3,498 Beau Beauregard
0%
7,708 beaverbeaver
0%
9,241 Beaver Master
0%
3,368 BeAwesomeOne
0%
3,872 Bedbug
0%
2,301 Bedtime Book
0%
1,536 Beebles
0%
6,980 BeeGoWheee
0%
4,250 BeeJay
0%
4,589 Beek
0%
2,698 BEELETH
0%
7,591 Beep1234 or Blue Top Hat (CHOOSE ONE)
0%
9,567 beepboa
0%
5,339 Beepdog
0%
2,017 Beethovens11th
0%
4,040 beetle
0%
5,702 BeForReal Guy
0%
8,883 begalseeker
0%
4,448 Beh
0%
965 Beine
0%
4,991 bejeweled
0%
579 bejuuled
0%
5,378 Belfry
0%
9,985 Bell-Book
0%
2,311 Belligol
0%
2,157 Bélodie
0%
7,080 BelovedLion
0%
3,382 BEmerald314
0%
7,029 Bemon
0%
4,445 Ben1178's Brandon T
0%
823 ben9583
0%
4,369 BendBlox
0%
2,457 BendyBro
0%
4,545 Bendy Motions
0%
7,851 Benedict Whisker
0%
1,609 BenjaminCats!
0%
942 Benjibuddy
0%
8,326 bensbensbensbens
0%
6,699 BenTheGamer
0%
6,502 Bentheuniverse, but EWOW
0%
3,836 Benwonderturkey
0%
2,897 Ben Young
0%
2,079 Beokirby
0%
1,257 Bepis
0%
3,371 •bericakes•
0%
4,925 Berry Bro
0%
9,333 best funny school kid
0%
2,283 bestgoat
0%
1,390 BestKP
0%
5,323 Beszmi
0%
5,120 betaic
0%
3,010 betamaj
0%
3,665 BetterInnit
0%
5,350 betterthancarykh
0%
7,659 Bettyboop
0%
9,539 Between Light
0%
9,208 Bewilderment
0%
3,093 Beyster Bayfar
0%
619 BezelCat2
0%
7,875 Bezin
0%
8,178 BFBfan9510
0%
2,881 bfbflameplays
0%
549 bfbohiofan11
0%
6,595 BFBTREE
0%
9,131 BFDI and II fan
0%
5,700 BFDI Fan1
0%
8,760 Bfdifan123
0%
9,596 Bfdi_Luvr79
0%
7,813 BFDI Rocky
0%
9,852 Bheta
0%
3,765 Bi Bomby
0%
2,822 Bico2
0%
9,135 bicycle parts
0%
439 BigBeter
0%
3,702 big book bob
0%
8,636 [B]ig [B]urger [B]runch
0%
2,584 big_egg
0%
5,799 Big fat book
0%
4,363 Bigflu.
0%
8,846 BigJennyGirl
0%
9,761 Big L
0%
9,104 Big Man 4756
0%
2,574 BigNasty717
0%
6,884 Big pap 26
0%
7,095 Big Papi
0%
6,454 Big rainbow
0%
5,955 Big_rblx
0%
2,600 Big Red Pac-Man
0%
5,984 Big Shrimp
0%
4,145 Big Sloth
0%
9,689 Big Willie
0%
4,405 bigyihsuan
0%
5,881 Biinz
0%
9,846 bik-bok
0%
7,628 billbobs678
0%
1,652 BillyBobAppleJenkins
0%
6,619 BillyTheMid
0%
3,561 Bilon Gamius
0%
1,610 "bimble"
0%
7,724 bineapple
0%
8,765 Binglesquirk
0%
5,232 bingoid_
0%
9,163 bioaerosol
0%
8,086 Birblover13
0%
6,573 Birchboom
0%
465 bird?
0%
3,730 Bird™
0%
7,218 Bird Biology
0%
4,099 Birdboy73
0%
9,374 Bird in the day
0%
9,507 Bird Man
0%
3,794 Biroban
0%
6,480 Birthday Boy Blam
0%
5,084 Bisexual Flag
0%
5,053 Bisk
0%
2,895 bismuth28
0%
5,298 Bit kit
0%
1,099 BitterestBuggy
0%
6,252 BiwwiBob
0%
5,839 bjammin1232
0%
9,902 bl0xxOr (pronounced blocks-ore)
0%
626 BlackBird_6
0%
9,339 blackferrari2
0%
7,833 Blackhole
0%
3,808 Black_is_my_name
0%
2,705 Blacklight Night
0%
5,484 BlackMMP
0%
719 BlackRock11
0%
6,815 Blade
0%
9,866 Blade but (a) book
0%
7,877 BladeLegend
0%
2,266 Blade's Edge
0%
9,061 BLADEULTRA
0%
1,205 bladny
0%
2,589 Blainek
0%
674 Blake at Stake
0%
9,048 Blake blake blake blake blake
0%
4,159 Blanco "Steins;Gate" Hattie
0%
9,234 Blankey tanky
0%
8,146 Blanksquare
0%
8,667 BlazeTheCow
0%
5,729 blazeyMancer
0%
6,671 Blazin’ Cabbages
0%
2,834 Blazing Clover
0%
5,357 BlazingMedalOfHonor
0%
6,808 Blazry
0%
4,277 bleak the cool
0%
7,423 Bleebtown
0%
1,025 bleptical
0%
7,450 BlessBoxy
0%
4,869 bleurae
0%
7,620 Bligger Blobby Booger Man
0%
7,944 BlimbleBottoms
0%
5,792 BlipopSUS
0%
7,261 BlissfulBlizard
0%
6,523 Blissimational
0%
6,421 BlitnorKuck
0%
9,403 BlitzkriegIvanWearingCrocs
0%
2,128 Blixxy
0%
7,547 Blizz_Da_Tiger
0%
3,805 blob
0%
9,055 BlobBoy925
0%
7,710 Blobster Blob
0%
6,029 Block Boi
0%
9,800 Blocked Barriers
0%
9,330 Blockly
0%
6,342 BlockmanGames
0%
4,342 Blocky150
0%
6,931 Blocky151
0%
9,265 Blonk
0%
1,945 Bloob Erry
0%
5,011 Blood Drop
0%
1,397 bloodtree
0%
9,302 BloodType0
0%
7,793 blood type b
0%
9,136 bloodysong
0%
6,179 Bloomhighs
0%
2,854 Bloon104
0%
3,692 Bloop
0%
8,497 Blooperz
0%
2,561 Blooples
0%
9,623 Blop
0%
8,111 blorp
0%
8,258 Blorp
0%
5,552 blossomeatinggrapes
0%
7,429 blotted
0%
4,468 Blox_1003
0%
2,274 Blox Rus
0%
8,160 Bloxxedz
0%
6,681 Bloxy
0%
4,124 Bloxydabeast
0%
3,781 BloxyDoesStuff
0%
8,820 BLPster
0%
9,932 BLTN
0%
3,024 Blu Ash
0%
4,095 BluClues
0%
6,856 Bludisanorange
0%
7,356 Blue Acidball
0%
6,091 Blue Apbook
0%
8,946 BlueApple
0%
6,962 Blue Balloon
0%
4,283 Blue Bee
0%
4,226 Blueberry syrup
0%
7,012 Blue Blazin’ Gamer
0%
4,776 Blue Book
0%
5,953 BlueBoyOfficial
0%
1,524 blueclue
0%
5,471 BlueDude
0%
2,830 Blue Guy
0%
6,821 Blueish Yelman
0%
1,293 blueJay
0%
7,640 BlueKirbvii
0%
3,402 BlueLucario98
0%
8,035 BlueLucasAnimates
0%
5,758 Blue Music 51
0%
906 Bluenaz
0%
5,820 BlueNebulaMAD
0%
4,076 Blue Paint
0%
7,737 blueptwo (or bloo :3)
0%
2,340 Blue Pumpkin
0%
6,882 Blue Raspberry
0%
9,925 Blue Raspberry milkshakes
0%
6,037 bluerazberry99
0%
3,357 Blue Samo
0%
297 Blueshark
0%
4,678 BlueShell
0%
7,452 Bluesnake
0%
2,625 Blue Sphere Productions
0%
4,426 bluespongeFROZEN
0%
6,854 Blue Square
0%
9,486 BlueSquare
0%
4,973 BlueSquareYT
0%
8,106 Blue Star
0%
1,012 bluetape13
0%
9,737 BlueTechno
0%
6,590 BlueThunderLight
0%
4,541 Bluetube Logo
0%
3,613 Blue Water
0%
4,499 Bluewolf
0%
8,318 "Bluey Blue" Blu the 33rd
0%
9,874 BlueyJToH
0%
3,422 bluirre
0%
4,004 Blundue
0%
2,763 bluu
0%
2,618 Bluy3llow
0%
8,902 Bl_zs
0%
3,969 boarodile
0%
1,865 Boba 2
0%
3,663 Bobbieeeeeeeeee
0%
2,486 bobby792003
0%
1,912 Bobe
0%
7,291 Bob Eggyboi
0%
7,536 Bobersand
0%
9,146 Bobicus the 5th
0%
3,419 “Bob I guess”
0%
4,568 bobisepicwoa
0%
8,037 bobomb
0%
4,490 BobonalTheGonal
0%
516 Bob Rob
0%
4,010 BobsterNub
0%
7,643 Bob the Blob
0%
5,289 BobTheJester
0%
5,603 Bob the slob
0%
3,334 Bodhill
0%
4,193 Bodhimations
0%
1,064 BodieAnimates
0%
4,469 Boe Jiden
0%
6,656 Bogged Down
0%
3,697 Bogsteram
0%
864 BoiledEggs
0%
9,731 boiledsalmon
0%
9,255 BoingDoing
0%
5,097 BokayTrebuchet
0%
428 Bolthebro
0%
4,807 Bomb!
0%
4,452 BOMBYMAN
0%
6,864 Bon
0%
1,211 BongoRadio
0%
4,862 Bonker
0%
3,740 Bonnie
0%
4,674 Boogaloo
0%
3,649 Boohaloo
0%
6,920 Book about frogs
0%
7,713 Booka kadooka
0%
4,667 Bookalino
0%
9,720 Bookaneer
0%
4,774 bookapepto
0%
6,799 BOOKASSO (Book + Picasso)
0%
9,313 bookbutpurple
0%
3,257 BookByte
0%
7,112 Booked
0%
4,745 Bookerrific
0%
7,903 Book For Hire
0%
7,060 Book Gaming
0%
6,774 Bookie
0%
6,921 Bookish Booked Book
0%
4,308 Bookity
0%
7,911 Bookkins lumberach
0%
4,703 Booklet Levitator
0%
9,441 Book Luck
0%
4,922 Bookly
0%
9,021 Book mario
0%
3,913 Bookmark Animations
0%
4,360 Bookmongus
0%
8,266 BookNote
0%
5,625 Book of cheese
0%
9,933 Book of Love
0%
4,963 book of memes
0%
7,720 Book of Palestine
0%
6,586 Book-sket Ball
0%
9,267 Books-Mart
0%
2,224 | 4,533 Bookster
0%
4,167 Book With Hair
0%
1,281 Bookworm
0%
5,282 Book worm
0%
8,006 Book Wyrm
0%
4,068 BookyBob
0%
8,966 Booky Cube
0%
3,170 Booky McCool
0%
6,704 Bool book
0%
7,585 Boom Book
0%
9,833 BoomDada
0%
5,838 boopy pogs
0%
973 BoostGlitch357
0%
7,562 BootifulBlaze
0%
9,341 Bootleg.
0%
1,827 bootlegroxy
0%
1,375 BooTuBe
0%
5,246 booxolotl
0%
7,964 boppee pudding
0%
3,396 Bopperr
0%
5,511 Bora
0%
1,956 Boredum
0%
1,786 BoredYoshi
0%
3,823 BorisJohnson344
0%
677 BorisShoes
0%
8,451 BosoBr0
0%
4,047 BoSorbet
0%
6,887 BOTB lover!
0%
8,186 Bot From Mars From Scratch
0%
503 Bo Tie
0%
3,655 Botnick
0%
6,451 Bottle Of Honey
0%
4,015 Bottomless beatbox
0%
5,997 Boulderoy Randy
0%
8,864 Bounce Ball
0%
8,462 bounsterr
0%
5,342 Bouny. Sof t
0%
6,689 bouvet
0%
3,248 Bovol1
0%
9,312 Bowl
0%
375 BOWLER606
0%
8,021 Bowlister
0%
2,065 Bowomp
0%
6,253 Bowowowowowowowowowowow
0%
1,192 BoxaColgate
0%
7,354 Boxdotnet
0%
1,143 Boxfullery
0%
1,676 BoxHead
0%
8,213 Box Recovery Center
0%
3,428 Boxy The Funky Box
0%
2,522 BoyBomb
0%
5,693 Boypower2566
0%
5,115 bozo brain bossy bot bomi
0%
2,278 BozoGolden
0%
2,093 BP4dawin!
0%
3,415 bpdoles
0%
9,394 br1ghtestlight
0%
5,405 brace
0%
9,095 Bracelet Book
0%
4,853 Bracelety Forever
0%
3,657 Brachiosaurus sandwich
0%
543 BradExplodes
0%
6,805 Brady and Bottle the Epic Creators
0%
3,880 BradyAUS
0%
3,955 brainbedder
0%
595 Brainbow
0%
2,693 BrainBoy53
0%
1,875 BraincellLL
0%
3,930 Bramblo
0%
7,971 Brandon Snup
0%
5,035 brandon sussytoes the second commander in law
0%
4,622 Brand Utger
0%
1,750 BrashFoil7
0%
6,380 Brawlover
0%
4,104 braynee202
0%
9,398 (brazilian) Plushie lover
0%
2,002 Bread Basket
0%
6,156 Bread Buyer
0%
4,384 Bread Grains
0%
2,219 Bread In Bucket
0%
5,008 Breakfast_with_jam
0%
6,609 BreaksBee
0%
3,587 bream
0%
2,423 breathUralic
0%
5,290 Breccann
0%
7,108 !!BredTheBreddiest!!
0%
2,680 Breezy The Cat
0%
5,240 Brelock
0%
5,771 Brendan7625
0%
192 BrendanTW
0%
5,082 Brentatronic
0%
2,791 Brett N.
0%
7,038 brewuu
0%
8,507 Brianpigs17
0%
6,360 Briccy
0%
4,647 Brick Man
0%
9,930 Bricky Booky
0%
634 Bridgette TDI
0%
7,896 Bright Gamma
0%
1,518 brightlight
0%
2,892 Brilliant Broc
0%
1,387 Brilliant Sam
0%
5,763 Bristol
0%
2,451 bristyl
0%
9,999 British Rocky
0%
1,568 brnzen
0%
4,166 Bro And The Chick
0%
3,188 BroBro
0%
6,208 Broccoli
0%
7,110 Brokey
0%
6,408 BronzedBrownie
0%
5,263 BronzeOBM 2
0%
2,668 Brookoli
0%
3,259 Bross2292
0%
7,396 Brotastic
0%
5,487 brousqky
0%
5,543 BrownieBread
0%
8,792 Brownie Turtle
0%
5,015 BrowniPop
0%
6,989 Brownmayo'
0%
1,838 BrozdoVSN
0%
5,469 Brr
0%
3,976 BrSlimbish
0%
5,223 Bruhd
0%
6,860 BruhEndo
0%
4,615 Bruh Fan
0%
3,968 Brush
0%
4,957 Bryandrr
0%
9,987 brycecake
0%
9,063 Bryology Textbook
0%
8,924 Btoum-Roumada
0%
9,097 Bubbbled
0%
520 BubbleBluejay
0%
2,976 Bubble Buddy
0%
8,244 Bubbles Aquatic
0%
2,817 Bubble's Yoylecake
0%
6,898 bubblybeluga
0%
2,556 Bubbus
0%
3,484 BubbyBigalo_Flr
0%
8,917 bubeafy
0%
4,579 BubMarch
0%
4,400 Bubsy 3D
0%
9,354 Bucket
0%
9,069 Bucket bear official
0%
3,124 Bucketverse
0%
3,524 Buckeye
0%
3,421 Buckoish
0%
1,439 BudderBroHam
0%
8,666 BuddingBudderBuddy
0%
506 BuddyRock123
0%
1,027 BuddyStory
0%
9,928 Buffoon Moon
0%
7,051 bug_bones
0%
8,585 BugBug
0%
7,138 Bugnarsclubs
0%
9,204 Bug Sockz
0%
8,423 BuilderBot
0%
1,507 bulbasaur-republic
0%
6,886 Bulka
0%
1,542 bum
0%
6,700 Bumbaton Le Mexicanoz
0%
6,089 Bumblebee
0%
3,293 BunBun
0%
6,546 Bunch of the Thing
0%
2,889 Bunnii Bastard (Bunnii you wanna stay kid friendly)
0%
1,603 Buoy
0%
6,053 Burger Bro
0%
9,352 Burger With An Egg
0%
6,703 Burke The Miraitowa
0%
9,432 Burner
0%
4,480 Burning Bird
0%
9,903 Burning Bright
0%
8,524 Burning Flames
0%
4,437 Burning tacos
0%
4,219 BurningTheHouseDown
0%
5,496 BurnoHere
0%
8,015 Burnt Marshmallow
0%
9,237 burp king
0%
2,115 Burritos
0%
1,398 Burst Trigger
0%
3,139 Burtle11
0%
9,199 Business Bot
0%
8,321 Butineedkarma
0%
784 | 9,946 Butter
0%
1,600 ButterDNoodle
0%
4,223 Butter Toast Zelda
0%
5,788 Buttslide Guy
0%
4,682 Buzzeryy!
0%
8,005 BuzzleBerm
0%
9,349 Buzzsaw
0%
3,128 Buzz Saw Jester
0%
8,788 ByrdIsTheWord
0%
1,955 bytebit_
0%
3,887 By the Quart
0%
8,930 BZW77
0%
6,895 c001Kh4n9
0%
4,374 C4MERA_MAN
0%
3,989 CA19
0%
9,989 CA8H 15
0%
7,682 CAANDEY BOOK
0%
1,408 Cabbage International
0%
8,109 Cacao Kookie
0%
770 CacoPholey
0%
2,807 cactus_cactus
0%
1,362 Cad48
0%
5,673 cade
0%
2,404 cadedade
0%
1,983 Caden00
0%
4,061 caden_mai
0%
6,417 caekzsys
0%
8,882 CafeCalebG
0%
3,728 Cahlahbio
0%
2,635 Cahootian
0%
5,470 caiden
0%
698 cakebrunch
0%
316 Cakes Jay
0%
9,383 Cake's Numer One Fan
0%
6,766 Caketaco
0%
4,306 Cakey Wakey Eggs and Bakey
0%
6,111 calamari
0%
370 Calculovo
0%
6,043 Cale
0%
9,752 CalebES
0%
1,895 CalebTheNeutralGuy
0%
6,280 Calenbook
0%
7,894 Calendar Of Candles
0%
6,755 CalendingCool
0%
8,706 Calico Cat
0%
5,965 California and West Virginia
0%
7,298 callibones
0%
2,999 CallieFromOctober
0%
2,559 CallMeObby Bobby
0%
7,283 Callumers
0%
1,499 Camacaron
0%
3,047 Cam Dagreat
0%
8,104 camerUUn
0%
1,393 CamilleHiiragi
0%
3,370 Camillot
0%
6,042 cammagamma
0%
2,841 CamMaster7
0%
7,668 Campan
0%
276 Cam & Tori
0%
5,095 Canadian Book
0%
5,287 Cancelled Again
0%
8,570 CandiCooki
0%
7,370 candiedCoder
0%
9,074 CandleH
0%
9,370 Candolwick
0%
5,928 CandyCorn
0%
3,175 CandySweet613
0%
5,833 Candyzzzz
0%
341 canichatandobserve
0%
1,768 Canine Helicopter
0%
9,832 Canker sore
0%
9,223 canman3138
0%
7,786 cannibal hunter
0%
8,196 cannybanany
0%
7,466 Canny Book
0%
5,337 CanOfBeans
0%
926 CanofBeans36
0%
9,822 Can sit
0%
9,799 Can't die 'cause I'm in the living room B)
0%
5,992 CapCut Animator
0%
4,455 CaplanRebelGuy
0%
1,448 Captain Canada
0%
5,710 Captain Discordant
0%
1,418 Captain_Fred
0%
1,789 Captain Froakie
0%
5,478 Captain Goomba
0%
3,336 Captain Owen
0%
5,275 Captian Stench-Beard
0%
718 captking
0%
2,776 CaramelArt
0%
5,245 caramelbubbleart
0%
7,418 Caramel Frappe
0%
6,690 Carbohydrates
0%
9,667 Carbonated Swamp
0%
7,476 CarbonIce
0%
358 CardboardAirplane
0%
4,453 Cardboard Board
0%
7,998 Cardboard box flying on an astronaut 3
0%
6,178 Cardfenced
0%
6,165 Carl1510
0%
5,166 Carloobjects2006
0%
6,955 Carloso
0%
7,623 CarlTheBoi
0%
1,490 Carly the Apple
0%
3,277 Carman
0%
4,131 Carminati
0%
9,028 Carolineeeeeeeeeeee
0%
9,207 carpythefish
0%
4,108 Carrion Prince
0%
5,204 Carrotkid08
0%
6,916 Cars1231
0%
7,494 Carterbros!
0%
4,630 Carter J. (StudioCRJ)
0%
5,784 Carter the Violet Yoshi
0%
3,745 Cartoon Character
0%
4,013 Cartoon Novice
0%
4,548 Cartoony
0%
5,834 Caryonga
0%
5,091 Cascade Scribe
0%
5,443 Caseyeyey
0%
4,375 CashBash
0%
2,534 cashcarti123
0%
♡2 cashedcredits
0%
5,226 Cashew Rations
0%
4,596 Cash money
0%
4,343 "Casi"
0%
6,687 Casserole
0%
6,665 CassieTheAxolotl
0%
8,389 CASTORCORE
0%
6,814 CasualAchiever73
0%
4,234 Casual Person On The Internet
0%
257 Catakira
0%
3,012 Catastroph
0%
9,166 CatCabinet
0%
1,167 cat copnt
0%
5,861 CatDog
0%
6,695 catGAMERUF
0%
4,717 Caticane
0%
3,614 Catlover:3
0%
8,779 Cat master
0%
9,991 Catmint Crusader
0%
1,469 CatPhanta
0%
6,358 catrulesgaming
0%
5,045 catsanddogs333
0%
2,342 Cats are cool
0%
815 CatsAreLiquid
0%
9,388 Catsco
0%
6,369 CATWS PATTERN
0%
1,747 CaveVision0
0%
8,502 cayden009
0%
5,920 Cayden the Great
0%
8,052 Cazic
0%
6,698 cbf
0%
6,125 C-Bob
0%
9,765 Cbotz
0%
3,440 C Bros
0%
4,566 CBrownProductions
0%
4,939 CDAWGGG
0%
5,825 Cdboom
0%
4,377 Cdipanda
0%
3,361 c doveman
0%
9,351 cd-rome
0%
6,674 Cebuano_OSC
0%
9,238 CedarSnail
0%
8,030 Ceedox
0%
321 Ceglak
0%
3,308 Celeredi
0%
8,284 Celery King
0%
6,594 Celery Plate
0%
♡2 - Celestial19 -
0%
5,329 Celestial Bronze
0%
5,893 Celestial Wanderer
0%
4,450 Cell453
0%
6,006 celu7361
0%
7,994 CemiSense
0%
9,896 CEMKA
0%
3,864 Centacrunch
0%
5,703 Centraa
0%
6,723 Central Spark
0%
7,296 Cepbros
0%
1,546 Cephapopz
0%
704 Cepukka
0%
7,804 Cereally
0%
837 Ceres Vestas
0%
1,060 Cerisewyyy?
0%
6,956 Cersobleptes
0%
976 CeruleanCatseye
0%
9,109 Cetro and BFRC
0%
852 Cetus
0%
2,801 C.Ezra.M
0%
3,392 chaes
0%
4,412 Chaineek
0%
8,894 Chain of buckets
0%
3,921 Chainshaw Sillyguy
0%
9,702 chair
0%
7,307 Chalkbunny
0%
1,744 ChameleonKing
0%
8,466 Chandul
0%
5,504 Channlon
0%
6,836 Chanseys World
0%
6,157 | 7,892 Chaos
0%
2,447 Chaos2191
0%
5,081 ChaosKid
0%
3,429 Chaosträger
0%
981 Chaotic Leaf
0%
8,953 Charlescausewhynot
0%
285 charles_nathan
0%
3,833 Charlie Creates Content
0%
4,415 CharlieTheFlop
0%
6,706 CharliiDoesStuff
0%
2,769 Charm
0%
4,889 CharMar
0%
3,536 CharmzEdge
0%
6,979 Charremy Cat Real
0%
541 Charvari
0%
5,205 Chase
0%
8,533 Chaseee4eva
0%
6,911 Chasey
0%
4,840 chattercase
0%
5,698 Chaz_Kat
0%
7,590 Checco105
0%
4,149 check.
0%
3,198 Checkmated Mathigician
0%
6,558 Checkpointz
0%
9,585 cheedar cheese'd
0%
6,078 cheekypoot
0%
3,678 Cheep Cheep Gamer
0%
8,285 Cheerio
0%
7,200 Cheese777
0%
3,159 Cheesebaron
0%
9,422 Cheeseburger
0%
6,260 CheeseburgerFries
0%
5,963 Cheeseburger man
0%
2,113 Cheese-Dipped
0%
8,838 Cheeseecake.
0%
3,927 Cheese Heart
0%
5,171 Cheeseisafood
0%
5,315 CheesePizz
0%
5,391 Cheesesse
0%
7,440 Cheese Wizard
0%
7,910 Cheesyatemysmores12345
0%
4,244 Cheesyboi1315
0%
3,532 Cheesy Facty
0%
8,148 Cheesy_fan
0%
7,115 Cheesy Nivs
0%
6,266 cheetahdubs
0%
6,781 Cheeto_chilly
0%
773 cheezdoodlesfan
0%
7,598 Cheeze Hamburgr
0%
4,671 CHEEZERR
0%
4,294 Cheezerton
0%
4,109 cheeztomeetya45
0%
1,255 Cheezy Glossary
0%
8,312 CheezyMemer
0%
4,618 Chef
0%
6,267 Chef Raw
0%
6,733 Chelizbel
0%
6,952 cheme
0%
8,644 Chemicals121
0%
3,929 Chemi-Carl
0%
9,578 Chemicular Silver
0%
7,780 Cheppy
0%
4,987 Cherry 4 The Win
0%
8,866 Cherry Bomb
0%
9,671 Cherrybombsforeveryone
0%
5,311 Cherrycakey
0%
4,787 CherryFanta
0%
4,551 Cherryheart
0%
7,883 Cheshire, MSW
0%
9,735 Chester Cheese
0%
6,646 ChevroletSilverado
0%
♡1 Chew804
0%
7,835 chezborgor man
0%
5,519 chezburger
0%
6,106 Chezi0uf
0%
9,839 Chezzburg
0%
8,345 Chgilly
0%
5,919 Chiaki <3
0%
397 chichinitz
0%
5,316 | 5,747 Chicken
0%
9,609 Chicken bandit
0%
3,570 chicken bone
0%
5,980 Chicken Dixdam
0%
2,606 Chicken Mcbicken
0%
1,893 Chid
0%
7,330 chiken nugies
0%
2,657 Child
0%
7,866 Chili Spice
0%
1,366 chillager
0%
4,449 ChillBobBeef
0%
2,824 Chilli Tortellini
0%
2,855 Chilln0
0%
1,324 Chilly
0%
5,739 CHILLY BILLY
0%
4,153 ChillyGifts
0%
4,493 Chilly Jan
0%
8,972 ChillyPie
0%
9,900 Chillywoman 33
0%
5,831 chiloy
0%
1,270 Chip
0%
7,549 chips and dips
0%
7,987 Chiro_TheChurro
0%
2,975 Chirpy Chips
0%
5,327 ChitoBooks
0%
932 C.Hizzle
0%
4,635 Chloeslaw
0%
9,642 chocerboi
0%
5,715 Choco
0%
4,997 chocobook
0%
6,086 Choco-Framboise
0%
6,113 Chocolate Bedrock
0%
3,771 ChocolateCandy
0%
8,650 chocolatetown
0%
7,934 Chocolatey
0%
8,353 ChocoRocco
0%
6,633 ChocoShrubster
0%
2,689 ChokoCake
0%
4,610 ChokoCheri
0%
5,836 Cholent King
0%
373 chomik
0%
4,120 Chomp
0%
7,254 Chopstick Stylus
0%
1,555 Chris Campbell
0%
9,182 ChrisTheCuttingBoard
0%
446 Christianosc
0%
7,563 Christmas Light
0%
9,848 Christmas Tea
0%
3,203 Christopher47
0%
8,618 Chrocrusader
0%
6,564 Chroma
0%
5,769 Chromaghazt
0%
5,656 ChromaTheAnimator
0%
3,348 ChromatiX (add “_WasTaken” at the end if there’s more than one me)
0%
5,979 Chromax Syncrr
0%
5,733 ChromeTester
0%
8,938 Chromium
0%
6,623 Chronic
0%
9,690 Chronically
0%
9,179 Chronicles Of Stuff
0%
9,509 ChronoCritical
0%
9,355 Chrysanthemum
0%
2,796 Chuck E Coop
0%
2,908 Chucklepop Mcgigglekins
0%
9,618 Chucky
0%
4,462 Chukuno
0%
6,542 Chuong Diep
0%
6,326 Chupacabra
0%
6,420 Chur0
0%
7,671 Churrook
0%
9,413 chvco
0%
9,703 Cike Ramsey
0%
8,391 Cillury
0%
7,210 Cinderace4smash
0%
3,639 Cinnabar
0%
9,670 Cinnamint Berry
0%
1,997 Cipher Sypher
0%
8,031 Circly the Circle 7373
0%
1,053 ciscotheginger
0%
2,518 citrons
0%
4,719 Civvv
0%
7,689 CJCoolDude
0%
5,077 CJDoesEWOW
0%
8,940 CJhasaboringname
0%
8,339 CJ is playing
0%
7,156 Clagiri
0%
9,452 ClaireCrayon
0%
9,527 Clanbook, wisdomates
0%
7,687 clarismatic
0%
9,070 Claríssa’s Library
0%
6,383 Clasified
0%
1,662 Classical Reverie Dragon
0%
2,593 Classy
0%
8,304 Claudaraderie
0%
4,710 Clay Whites
0%
2,427 CleanMeanBean
0%
3,058 Cleetus Dingus
0%
3,465 Cleft Key
0%
4,724 cleo12
0%
9,276 Cleopus Troust
0%
1,377 Cleversand
0%
1,783 Clever Squid
0%
3,476 Climbing Ivy
0%
3,460 Clockbot
0%
2,991 ClockButTakeOutTheL
0%
575 Clockfold Animate
0%
6,727 Clock invader 101
0%
2,669 Clock Is The Best WCA Event
0%
8,648 Clockworker
0%
4,281 ClodiArabia
0%
2,316 cloned Mango
0%
6,790 Clonelocker
0%
5,238 cloog
0%
5,542 closedcurtains
0%
8,960 Cloth
0%
9,956 Cloudchasi
0%
7,601 Cloudspiral
0%
7,109 CloudyRain
0%
3,563 CloverDrop
0%
7,550 Cloverleaf
0%
2,202 CloverPanda
0%
6,976 Clover Scented
0%
9,287 Clown Colonel
0%
9,897 Clown kat
0%
4,761 CluckySTAR
0%
7,544 Cluxser
0%
2,913 CM185
0%
2,757 CMH2006
0%
8,075 CM icon (aka spkale)
0%
1,504 cmoss
0%
7,047 cmtcomet
0%
9,996 Coal Soup
0%
3,234 Coaster Dave
0%
9,220 CoastieWAV
0%
4,649 Cobalt Snake
0%
3,381 Cobble consumer
0%
8,776 coconut cat
0%
5,372 Coconut Hurler
0%
2,129 CocoTacos
0%
9,468 cocovanilla
0%
1,516 Coda_Kaze
0%
4,320 Code⁴
0%
4,598 Code_Blue
0%
624 coder01
0%
7,732 CoderCircuit
0%
2,935 Coder_Nerd_11
0%
929 CoderX3
0%
8,716 Codetatoes
0%
8,798 CodeTellurium
0%
647 Coding Ant
0%
1,931 CodingFire
0%
5,959 Codokay
0%
2,771 Codoudou
0%
2,042 Cody Nutt / Aurora Borealis
0%
7,641 CoffDroppd
0%
7,216 Coffee bunny
0%
4,713 Cofii
0%
4,905 coinceedinkerlinker
0%
613 Coiny BFDI
0%
5,889 CoinyDoesStuff
0%
5,268 Cokey Dokey
0%
8,591 ColdCocoa
0%
4,699 Cold Face
0%
5,931 ColdSoda
0%
5,852 Cold Water
0%
2,210 cold wordguin
0%
4,563 ColeTheGeek
0%
5,765 Cole_The_Mole
0%
3,061 ColinIGuess
0%
8,729 ColinzTheOriginalOrJustColinLol
0%
7,152 Collapse!!
0%
6,071 Collin the Ghost
0%
3,574 Collin Three
0%
6,426 Colombian Strawberry Poptart Lover
0%
7,577 Color artist
0%
8,693 ColorKnight8832
0%
9,568 Color Theory
0%
7,857 Com (as Book)
0%
7,249 comatoasterstrudel
0%
6,300 ComboYT
0%
4,031 Combustion Explode
0%
2,840 COMEDY_GOLD
0%
6,228 Comet
0%
7,697 CometaHavoc!
0%
7,555 Comet Ryde
0%
4,148 Cometshard
0%
3,317 Cometstars
0%
2,225 Comical
0%
1,464 Comic Book
0%
4,714 Comic Chaos
0%
6,967 Comic the Nerd
0%
2,733 Comixal
0%
7,592 Comixy
0%
4,143 Command Book
0%
6,832 CommanderMeatBoy
0%
9,802 CommanderRuby
0%
2,594 Commanding Agent
0%
4,617 commando dap
0%
4,236 Commenter Chaos
0%
8,554 CommonAmmo the Wallbouncing Clip-making Cowboy
0%
6,552 ComparatorClock
0%
9,536 Competitive carrot🥕🥕🥕
0%
9,733 Competitive Competitor
0%
3,094 Computer Dooder (doo-der)
0%
2,231 computerical_flair
0%
2,438 Computer Powered Waffles
0%
9,513 Concerned Courier
0%
9,790 conchellor
0%
5,927 concretebracelet
0%
555 conder
0%
7,209 Conellentia
0%
1,856 CongaSpy
0%
2,455 Congregation Jumpscare
0%
5,936 ConhqirLoL
0%
6,803 Conie con artist
0%
3,231 Connie Kwok
0%
1,164 Connoiseur Conan
0%
3,492 ConnZero
0%
7,657 ConoBargen
0%
6,062 Conorponor333
0%
7,611 Constelly
0%
2,729 Content The Mushroom
0%
4,024 ContraCage
0%
925 contrastconnection
0%
3,637 ControllerTaikoFan
0%
9,262 Conull
0%
8,184 cookbook
0%
9,047 Cook-Book
0%
2,914 CookedCream17
0%
803 Cookie Ashley
0%
7,273 Cookie Bookie
0%
292 CookieCrisp
0%
7,442 Cookie Moth
0%
3,553 Cooky
0%
7,936 COOLada
0%
7,904 coolalepher
0%
2,535 Cool Animal Thing
0%
7,241 Cool basic dude
0%
3,148 Cool beans
0%
6,378 cool beans ahhhh
0%
5,286 CoolBeans (if this is a duplicate, use “Coolerbean”)
0%
6,492 Cool Blitz
0%
8,207 Cool Blue
0%
5,850 Cool Blue Boi
0%
7,337 Cool Book
0%
8,319 COOLBOY1313
0%
7,387 CoolCarter
0%
2,793 CoolcidProd
0%
6,660 Cool dude
0%
7,788 Coolery
0%
6,340 CoolGALFourtyEight
0%
248 coolgamer707
0%
4,489 Cool Guy
0%
5,977 cool guy!
0%
8,998 Cool guy
0%
9,697 Coolight Lit
0%
9,685 Coolio kid
0%
6,608 cooljeremy777
0%
4,606 Cool Kid
0%
2,095 coolkidminecraft
0%
6,060 Coolmanppap3
0%
2,265 coolmepguy
0%
6,263 CooLmodeler99
0%
6,121 Coolmork
0%
8,722 Cool & Nice
0%
1,268 cooloak
0%
4,268 cooloom :D
0%
7,441 coolpigo9
0%
6,559 Coolr
0%
9,303 Cool snail
0%
6,328 Coolster
0%
5,105 CopperDevonDaOne
0%
2,359 coppersalts
0%
7,268 Coral
0%
9,508 corcla
0%
1,156 Cordeiro Alone
0%
8,884 CORGIDUDE
0%
6,982 CorkyMichael
0%
3,021 Cormac McCarthy
0%
5,407 corndni
0%
2,656 cornelius cornwall
0%
5,312 Cornerpiece
0%
3,851 Cornflower
0%
9,707 cornypun
0%
9,819 Corrupted book
0%
4,880 Corrupted Caesura
0%
8,922 CorruptNub
0%
3,742 Cortex
0%
5,954 Corvus Crassus
0%
281 CosmetiComet
0%
8,556 Cosmical Flowers
0%
7,405 Cosmic Catastrophe
0%
436 Cosmic Crow
0%
9,791 Cosmic Raisin
0%
4,323 Cosmic Star
0%
3,912 CosmicToons
0%
4,173 Cosmic Virgo
0%
3,785 Cosmopolantic
0%
7,208 cosmoslawl
0%
6,201 CostBee
0%
3,120 CosWave
0%
417 COTTo
0%
8,540 Cotton Candy
0%
7,832 Cotton Clover
0%
9,593 CougheeLover
0%
3,292 Countryball(:
0%
8,777 Count Zero
0%
9,548 CourtneyMTF
0%
4,810 Cowardly Canary
0%
6,910 cowboy book
0%
8,669 Cow Of The Sea The 4th
0%
964 Coyoboyo
0%
4,430 CozieComet
0%
4,704 CozyNosy
0%
1,313 Cpt. Mono
0%
8,204 Cr3tion
0%
9,917 crabothy
0%
4,797 Crabs
0%
9,118 Crabz
0%
2,610 Craft Macncheese
0%
1,075 ‘Crafty :3’
0%
3,828 crafty453
0%
9,638 CraftyGuy
0%
8,572 Crafty Henry
0%
9,426 CraftyQuartz
0%
8,137 Craig bledzoe!
0%
4,350 cramatic
0%
4,263 Cranberry38
0%
7,172 Cranty
0%
8,299 Crappy Videos Incorporated
0%
5,597 Crashest
0%
3,496 Crasnex
0%
9,569 Craving Clover
0%
5,762 Crawfish Conundrums
0%
2,028 crayola
0%
1,055 Craz B'dazz
0%
2,032 crazy4aqua711
0%
2,833 CrazyBlues
0%
1,769 Crazy Candy Cat 471
0%
4,706 Crazy Crystals
0%
5,248 CrazyMoses
0%
9,314 CrazyStinkyKetchup
0%
1,986 Crazy Yoshi
0%
7,725 [C!rc!t Gh0st!]
0%
5,394 Creative October
0%
5,108 CreativityInk
0%
514 Creeel
0%
1,949 creehop
0%
8,296 CreeperENDERMAN
0%
497 Creeper in disguise
0%
6,463 Creeperplayz
0%
2,192 Creepet27
0%
1,250 CreepingCretinousCreature
0%
2,655 Creepsington
0%
7,458 Creepy mime
0%
5,753 CreMat_Blu
0%
6,372 CreppRuby
0%
6,599 Crescent Glow
0%
2,541 Cresidential Luna
0%
7,085 Crick
0%
2,462 Cricklebite
0%
7,359 Crikie
0%
9,622 Criminal Goober Book
0%
7,976 CrimsomBlues
0%
1,619 Crimson Cloud
0%
6,299 Crimson Knight
0%
1,752 Crimson Tranquil Dungeon
0%
1,481 crispchip
0%
4,746 crisp chips
0%
1,994 crispeh
0%
1,014 CrispyChicken
0%
9,997 Crispything
0%
7,935 cris-yhan
0%
7,505 CriticalClovers
0%
8,879 CroisSaint!
0%
7,091 Crookie Bookie
0%
8,038 Crop Farmerrrrrrrrrrrrrrrrrrrrrrrrrrrrrrrrr
0%
7,508 Crossain’t
0%
2,861 CrossXFire
0%
7,957 CROUTON
0%
8,860 Crow
0%
203 CrowB#
0%
6,520 Crowdo Chikin
0%
9,787 Crow Fan
0%
2,478 crowfessor
0%
4,612 Crow-Person Justin
0%
6,578 crson
0%
5,034 CrumblzChaos
0%
9,124 Crumpford
0%
7,858 CrunchySK
0%
6,223 CrusaderGoat
0%
1,968 Crushery
0%
9,551 Crymson
0%
8,253 Cryosage
0%
1,077 Crystal Cat
0%
7,463 Crystal :D
0%
8,542 Crystalized Moonlight
0%
2,683 Crystal_Kat
0%
1,657 crystallineBarbasol
0%
4,274 Crystallium
0%
454 CrystAxol
0%
4,325 crystol70
0%
4,073 csg21
0%
4,763 Csongor
0%
8,995 csp929
0%
5,333 CStriker
0%
2,069 Csupo The 20
0%
1,519 ctat
0%
601 CTCtheHistorian
0%
♡2 Cube492
0%
5,472 Cubeboi7070
0%
1,564 Cube Chan
0%
1,551 Cube Dock
0%
2,364 Cubed-Potato
0%
2,553 Cubeoi
0%
5,942 CubeUnknown
0%
6,448 Cubeycake
0%
6,199 Cubez0id Studi0s
0%
2,962 Cubie Random Stuff
0%
5,191 cubingrules2763
0%
3,353 CubitBot
0%
5,353 Cublex
0%
4,239 Culander
0%
9,741 Culprit
0%
6,082 Cumulus
0%
6,669 Cunnylord
0%
2,686 CupCake12102
0%
8,189 CupColt22
0%
9,637 Cup Of M
0%
3,369 curbydunce
0%
9,643 CuriousBooker
0%
2,886 Currant
0%
3,920 Currency Collection
0%
3,877 Cursed Donut
0%
2,543 Cursed Magician
0%
753 Curtis Bottleton
0%
3,082 CutDatCheez
0%
2,327 cutebeanfan
0%
1,186 Cute Little Puppi
0%
2,868 Cute narwhals
0%
2,402 CuteyKat
0%
4,287 Cutiesunflower
0%
4,385 CutWat
0%
8,154 C-Void
0%
9,835 Cwron
0%
5,531 cws2...763
0%
2,405 Cy717
0%
5,488 CyaLya
0%
1,578 Cyan0714
0%
4,513 Cyanatic
0%
3,046 Cyanberry
0%
885 Cyan_Copper
0%
5,982 Cyan Cosmo
0%
3,398 CyanDizzy
0%
2,664 Cyaned
0%
8,045 Cyan Froggy
0%
1,604 CyanideLyme
0%
1,929 cyanified
0%
6,341 CyanLightning
0%
6,640 CyberCeara
0%
4,556 CyberJesterRyRy
0%
1,241 Cyberuki
0%
5,819 CyborgBookOfWisdom
0%
963 Cychlo
0%
5,107 Cyclic Number
0%
1,421 CycloneZone (Tori)
0%
8,694 CyclonicRifted
0%
386 Cygnus
0%
5,076 Cyicon
0%
9,788 Cyluul
0%
2,343 Cymbalic
0%
3,004 Cyn Dher
0%
7,125 cynster
0%
9,260 Cypher burn
0%
8,275 Cyrin
0%
3,489 D3364N
0%
9,162 D3LT4-CAT
0%
6,686 D3plazd
0%
3,838 DaAPlaz
0%
2,992 Dab5terTheDude
0%
2,130 DaBrian
0%
3,462 DaCheesesDoggo
0%
808 DaCool Causal
0%
4,495 DaCreww2023's Journal
0%
3,235 Daddy Egg
0%
6,831 DAD GUM THEY DUN HIT THE PENTAGON
0%
9,127 DadoDeudo
0%
9,875 DA EPIX BOOK 6000!!!!!!!!!
0%
5,363 DaffaFM2002
0%
2,745 Dafilol
0%
5,961 DaGamah
0%
4,505 Da Great One
0%
7,542 Dahuuman
0%
8,387 DailyProzac
0%
8,083 Dairyfreecream
0%
2,040 daisyspeck
0%
9,873 Dajo
0%
1,990 Da math freak
0%
3,108 Dana
0%
8,200 dananaa
0%
1,153 DancingDog
0%
4,535 dan_da_man_
0%
8,627 Dan Da Man
0%
1,204 DanDaMiniFig
0%
1,074 daneeko
0%
2,552 dangfolder
0%
1,734 Dango360
0%
5,856 Daniboy0826
0%
6,099 Danic the Book
0%
3,296 dani_elrd
0%
4,195 Daniel the Degenerate
0%
7,480 Daniel The Object Show Fan
0%
6,057 Daniil Maevskii
0%
1,302 "Dan." (include period pls)
0%
1,597 Dannium
0%
8,358 Dannyunown0
0%
2,588 DaNoodleChiw
0%
960 Dan Quixote
0%
5,704 Dante4
0%
7,690 Dante Inferno
0%
1,004 DanTheStripe
0%
1,588 Danubeball
0%
9,893 Danzing
0%
4,974 daph
0%
8,506 Dapigin
0%
8,256 Dapper Apple
0%
4,461 DapperDudeLol
0%
2,046 Darbie
0%
1,217 darctian37
0%
369 DarcyDrawz
0%
6,110 DaRealGamer101
0%
5,728 Da Red Panda
0%
7,818 Darf
0%
9,307 Daring Bari
0%
9,755 Darin: Little Fun Fan Club!
0%
6,424 Dark290z
0%
8,080 DarkBaller
0%
8,455 Dark Bookster
0%
2,367 Darkdash
0%
3,606 Darker Glass
0%
8,749 DarkerStill
0%
536 DarkIron1124
0%
9,929 Dark Magic
0%
7,131 Darkness Moon
0%
9,785 darko
0%
9,050 Darkseed
0%
1,807 Darrest
0%
1,018 DarrklingMuffin
0%
4,988 Darth Slim Jim
0%
6,168 darusu user
0%
8,929 Darwinj
0%
3,782 DarzioMarzio
0%
3,746 dasher
0%
4,174 Dashing Snow
0%
9,750 DaSoviet!
0%
10,000 DatAmazinDog
0%
5,413 DatBlueGuy
0%
3,431 Datboo
0%
5,664 DatCrummyMuffin
0%
194 DatFatCat137
0%
172 DatHam
0%
1,085 DatMathBoi
0%
6,843 DA TOST O:
0%
3,027 DaveHD1234
0%
9,613 DavEid
0%
1,320 DaveLikesGames
0%
4,665 David Anima
0%
3,946 DavidCameron663
0%
5,247 David Doodle
0%
1,512 David Hasselhoff
0%
7,988 David Jonas
0%
7,837 David Pham
0%
6,562 DavidTheAwesomeGuy888_X3
0%
6,194 davie53
0%
930 DavyDoo
0%
8,700 Dawesomki☆
0%
7,338 dawg
0%
2,758 dawid214#6840
0%
9,784 Dawn de Era
0%
5,186 DawnOre
0%
8,604 daybloomcrow
0%
8,225 Daylight Light
0%
8,973 DayNightlight
0%
8,214 Day Sprinklefest
0%
7,013 DazMaxk
0%
3,251 Ddaarre12
0%
3,783 ddaybreak
0%
5,924 DDDDavid
0%
8,004 ddksns
0%
1,287 ddrev
0%
1,183 DeadBed
0%
3,547 Deadcactus
0%
5,547 deadlydoofus
0%
9,796 deadokay
0%
788 Dealan
0%
2,380 Death Bump
0%
6,269 DeathGamer8200
0%
7,202 Deathgripdraws
0%
2,209 Death Lake 9
0%
4,866 Deaz San
0%
8,916 decc of kards
0%
8,802 Deciduous dude guy
0%
5,295 DeclanGaming14
0%
7,876 Decorative×Diary
0%
9,955 Dededeleted
0%
3,092 Dedrooter943157280
0%
9,554 Dee :3
0%
1,814 DeeepFriedWatrr
0%
9,072 Deep Deep Aqua
0%
6,636 Deepfryent
0%
1,878 DeepIntermission
0%
312 DefaultAwareness
0%
9,496 Definitely Not a Cat Typing This Username
0%
7,193 Definitely not AI
0%
7,556 DefinitelyNotBookBFDI
0%
5,189 definitelynotkyle
0%
1,517 DefinitelyNotSmart
0%
7,046 definitely not yoyo
0%
2,249 DefnotKali
0%
2,000 DehLogund
0%
4,601 dejv
0%
7,257 Delango
0%
2,284 DeltaDrillster
0%
6,651 Deltan8
0%
3,751 Demetrius Demarcus Bartholomew Bo-bobby James McSenior Sauce the 3rd.Jr
0%
4,756 demicore
0%
9,641 DemiPixel
0%
6,394 Demi-wierdo
0%
9,494 Demon Blue
0%
1,201 DemonLoaf666
0%
2,117 Demosprite
0%
2,168 Denmarkclarke308
0%
8,975 Dennis.
0%
4,347 Denvur
0%
1,960 DeRailer50
0%
1,141 Deranged Octopus
0%
2,764 DerikBloxYY
0%
1,282 dermpkid
0%
5,382 Derti
0%
1,680 Derv
0%
7,045 Deserted Dualblade
0%
2,565 Deserts of Time
0%
3,454 Deserttail Goober
0%
390 Desh Jakobsson
0%
3,693 des-i-think
0%
8,759 deskseven
0%
3,221 DespaBeeJo
0%
1,185 Dessert Archon
0%
6,743 Destroy Book
0%
4,351 DetachedHat1799
0%
1,294 Detective Chiyo
0%
6,668 deudz
0%
798 DevDevDev
0%
8,425 devdude
0%
8,592 DeviantArt Victim Hotline
0%
1,322 Devils Planner
0%
5,796 DevinEleven
0%
2,576 Devinix
0%
6,123 Devin Mifflin
0%
4,444 Devin the YouTuber
0%
4,083 Devlin!!
0%
8,482 Devoid
0%
6,527 Devy the Colamy
0%
4,742 Dexahi "Dev" Persona5
0%
5,310 Dezzi!
0%
2,397 DFC MarxVideos
0%
6,924 DHOne
0%
751 DiaIsAwesome
0%
832 Diamond BFDI Mini Again
0%
2,907 diamondcup67
0%
6,751 Diamond Digger
0%
6,390 Diamond Guy
0%
6,528 "DiamonDJuice"
0%
1,072 DiamondN1nja
0%
3,545 DiamondStab
0%
4,893 diamonial
0%
2,003 diana:)
0%
2,055 Dicer’s Diary
0%
8,576 Dicshunarie
0%
4,641 Dictionary from Quest 100
0%
6,767 Diddly Doo
0%
1,127 Diedrick Elliot Layton
0%
9,651 Diego Llamas Fabila
0%
3,952 Diepy
0%
8,458 Difficulary
0%
2,723 dig-E-dude
0%
1,635 Digi
0%
8,124 DigitalAct1vist
0%
2,728 Digital Alchemy
0%
6,361 DIGITAL BLADE
0%
6,105 Digital Descent GD
0%
4,332 Digital dollfqce
0%
1,778 DigitalMythril
0%
1,165 Digital Potion
0%
6,613 digitaltech
0%
1,890 Dijinut
0%
2,195 Dijitalex
0%
5,730 Dildeep
0%
1,050 Dilothenoob
0%
6,249 Dimayuplay
0%
301 Dimedime
0%
1,222 DimensionalIO
0%
1,353 DimensionEngi
0%
3,546 dimensssion
0%
7,575 DimmyDoodles
0%
5,539 diniXrAA
0%
3,131 Dinky
0%
7,981 Dino
0%
7,798 Dinodig3000
0%
3,267 DinoRex
0%
2,883 Dinoroki
0%
9,284 DinoSour
0%
6,726 Dinson
0%
9,550 Diny90
0%
5,811 diogocaetano1
0%
7,799 DipSticks
0%
2,375 direq
0%
8,286 Dirty Laundry
0%
3,254 Discovery Girl
0%
9,942 DiskDVD
0%
2,736 Disksjw
0%
2,969 Disneyson
0%
5,408 Dis_NWOWER
0%
2,569 Dissmo
0%
8,549 Dittocookie2
0%
8,223 divuyes
0%
1,695 Dizmond
0%
4,428 DizzerDude
0%
9,576 Dizzy
0%
5,348 DizzyC
0%
6,844 Dizzy Glizzy
0%
9,197 dizzy vision
0%
867 DJBC
0%
6,088 DJC
0%
1,867 Djfireball
0%
5,146 DJ "xdlolhaha" Khaled
0%
7,714 DJyay!
0%
2,739 Dlb.Martin
0%
1,885 DLusion
0%
4,331 DM559
0%
1,033 dmandaman900
0%
9,973 dmitrij201
0%
2,966 Dmitry Klimov
0%
7,712 dnvsd
0%
6,074 Doc65
0%
6,162 Doctor C
0%
5,462 Doctor Frolic
0%
8,480 Doctor Fuzz
0%
3,957 dodeka
0%
3,472 DodgyDu0
0%
9,751 dogcatjewel
0%
2,234 dogeyay
0%
7,696 doggos are da best
0%
6,126 Dogy
0%
3,189 Dollar Store Sketch Book
0%
769 Dolph
0%
6,904 Dolphin
0%
4,035 dolphin1310
0%
8,262 DolphinK33
0%
9,904 domdexter0
0%
8,410 domini
0%
1,121 dominoexists
0%
4,874 dominomomento
0%
4,803 Domm-Exists
0%
2,346 domnats n' xyro
0%
6,020 DomTheSlayer55
0%
3,554 Don6359
0%
1,545 Donch
0%
3,933 Donetheone
0%
6,994 DoNotYellAtTheMoon!
0%
6,512 DONTSTOPSAYTHENWORD
0%
1,831 DontTrustTheBushes
0%
806 DonutBxx
0%
258 Donut Corpser
0%
8,868 Donuttt
0%
4,229 DonutyVon
0%
6,428 Dood Doodles
0%
4,129 Doodla
0%
1,995 DoodleBass
0%
4,119 Doodled Guy who's better than Cary
0%
3,102 doodle neptune
0%
2,281 Doodlepedia
0%
7,348 Doodler Page
0%
4,832 Doodles
0%
3,738 doodleXD
0%
9,296 DoodleyFunCase
0%
2,114 Doodly Jr's Granduncle the Orphan
0%
5,258 doodoolol
0%
3,404 Doofus Fungus
0%
805 Doogy Man
0%
4,378 Doone-o-tron
0%
3,719 Door
0%
2,148 Doorknob eater
0%
6,189 Doorknob Licker
0%
2,097 Doormatter
0%
4,914 DOORSLAM
0%
4,698 Doory Dibbs
0%
6,007 Doowinkle Dauber
0%
9,555 dopp
0%
2,515 Dord
0%
9,566 Dorfulate
0%
3,471 Dorito the Axolotl
0%
625 Dork Matter
0%
8,384 Dort the Nort
0%
3,623 Dose 'O Danny
0%
602 DoubleAP
0%
1,472 Double Bright Lights
0%
8,187 DOUBLECHEESEBURGER
0%
3,194 doublec squared
0%
1,659 DoubleDeux
0%
902 DoubleG
0%
8,515 DoubleHelix
0%
6,232 DoubleItch
0%
8,715 doubleslashTNTz
0%
5,119 Double Trouble
0%
2,181 DoubleVari
0%
1,580 Double ZeroB
0%
7,751 Doughy !
0%
6,750 Douglas the one
0%
2,255 Doveycors
0%
2,904 DoveyDove_Unicorn
0%
9,155 Dovydas
0%
6,265 Downwiththeninjas
0%
7,846 Doylecake
0%
7,237 DP3092
0%
3,341 Dradekon on yt
0%
5,113 Dragonbird
0%
4,049 DragonDude23112
0%
4,324 Dragon Pride
0%
2,241 DragonSlayer
0%
1,310 Dragony Doom
0%
5,314 Drama
0%
8,899 Drama-Donna
0%
8,619 Drawing Adrian
0%
1,671 DrCanary
0%
9,545 Dream scheme
0%
8,757 dreamVoyager
0%
330 dreepleash
0%
2,996 DremCatcher
0%
732 Drew
0%
9,004 Dr Henry Miller
0%
5,787 Dried Mango
0%
7,665 Drip
0%
2,490 DrippyBender
0%
5,711 DRisccuN8
0%
2,466 Dr. Mister Colin Flufflekins VIII, Destroyer of Worlds
0%
1,271 DrNaOH
0%
9,920 Drogobo
0%
1,886 Drolltic
0%
6,310 Dropsoflava
0%
810 ); DROP TABLE EWOWERS;
0%
7,686 Dr.Pepper
0%
4,886 DrumaculousisNOTaword
0%
3,876 drybones_bones
0%
6,191 DsStars 2
0%
9,058 -D-Tech-
0%
6,303 Du3 Apple Juice-
0%
838 DualDuelist
0%
8,643 dub
0%
4,293 dubhedubhe
0%
5,532 Duck4Days
0%
5,976 Duckgamer67
0%
7,394 Duck Luck
0%
891 Duck Master
0%
4,623 DuckOmega
0%
5,430 Duck Ship
0%
2,183 DuckTummy
0%
3,653 duckworth_y
0%
7,213 Duckz20
0%
7,781 dudeareyoucrazy
0%
8,658 dudeguy99
0%
7,727 Dude McGuy Bruv
0%
2,542 Duds
0%
8,487 Duffy Turtle
0%
6,863 DuizzyAra
0%
826 Dulcyd
0%
3,242 dumbbac0n
0%
558 dumbjames5305
0%
7,561 DumbLiary
0%
200 Dumb Stuff
0%
4,465 DUMMY4
0%
3,784 Dun12
0%
7,058 DunkinDonutsfan
0%
4,736 Dunkyl 🔣🔣
0%
2,324 DunnaD
0%
9,849 Duplexity
0%
284 Duskit
0%
554 duskRenn
0%
9,000 DustKing
0%
530 dustox
0%
5,069 DUX
0%
7,990 Duxae
0%
1,360 DuyCool
0%
9,993 Dxuser5
0%
1,908 Dygstrama
0%
2,782 Dylan1234
0%
5,621 DYLAN DEMOLISHER
0%
764 Dylan_from_nowhere
0%
4,482 Dylan James “David” Edes
0%
5,085 dylanramos
0%
1,674 DylanSP
0%
2,256 Dylan the EWOWer
0%
2,162 dyl_lelz
0%
1,848 DyllieHoola
0%
8,851 Dynaboom
0%
8,541 Dynalask
0%
3,560 Dynamic
0%
9,043 DZA
0%
4,749 dzinerKing
0%
5,684 Eager Rocketeer
0%
1,094 Eagle Master
0%
4,485 Eagoi-toons
0%
2,628 EarthBound
0%
9,358 earthegg
0%
9,298 EARTHMOVER
0%
178 Earth Plume
0%
5,428 Earthquake Generator
0%
8,661 Earthworm Sally
0%
7,170 EarthWyrm
0%
8,500 easypeasymac
0%
9,338 EBalistic
0%
5,972 EbbDrop
0%
6,397 ebengradovets
0%
1,138 ebk
0%
3,662 eblu
0%
2,077 EchinaceaPuff
0%
1,218 Echo Bird
0%
611 echolotl
0%
2,330 Eclipse
0%
9,294 Eclipsed Glare
0%
9,064 Eclipse Finder
0%
6,114 Eclipse Mix
0%
1,102 Écogie
0%
9,455 EcoLeaves
0%
1,804 EctoHazard
0%
6,822 Edalgm/EdalgmAnimations
0%
4,209 Edcec
0%
4,582 edclamc
0%
7,122 Eden The Nwower
0%
8,931 EdFacts
0%
2,738 EDisassembler1263
0%
6,469 EduardoKicksHats
0%
5,041 Edward Spaghedward
0%
9,754 EEEEEEEEK!
0%
9,030 EEE WOW!
0%
8,336 EefX3
0%
2,470 eefy weefy
0%
7,558 eeleeus
0%
7,397 Eesydu
0%
8,475 EexerGamingSk
0%
6,400 Effy
0%
8,944 eflerbs
0%
2,151 E FOR LUC
0%
1,731 egbert
0%
2,670 eggeggegg
0%
8,162 Eggertonian
0%
3,566 Eggnog
0%
4,795 Eggoroni
0%
8,366 Eggrolla007
0%
9,137 Eggy
0%
750 Egg Yolk 87
0%
9,080 Eggz0lot
0%
7,004 Egon370
0%
9,557 Egorrikone
0%
9,512 E Gray on Youtube
0%
6,051 EgWasHere
0%
8,084 Ehar
0%
5,586 ehiggi
0%
4,110 Ehvann
0%
4,008 eífer_m
0%
1,618 Eigengrau Monitor
0%
5,508 EightRightTurns
0%
9,348 "Ein Joschy" (joschy pronounced like the name josh)
0%
8,873 E is me
0%
6,484 EkaFrancium
0%
7,807 Elated24
0%
5,583 ElbowKing6
0%
8,009 Elcon With a 3 and a 0
0%
3,052 Elder Barry
0%
3,598 Eldritch Lobster
0%
1,681 Electo
0%
8,361 Electra
0%
7,523 ElectricityC
0%
6,901 Electric Mail
0%
5,846 ELECTRICMOTOR
0%
572 ElectricNJ
0%
3,413 Electrified Mayonaise
0%
8,876 electronicretro
0%
2,064 Electro Snek
0%
4,463 Electrostefan
0%
8,270 Elemental Domino
0%
7,128 Elemental Master
0%
9,387 Elementals227
0%
8,825 Elena Violeta
0%
1,771 Elera
0%
1,938 Eletrco Eletrco III
0%
2,291 Eletromoiu
0%
2,876 Eleven Bagels in A Hot Dog Costume
0%
1,260 Elia_0_
0%
4,891 Eliamorace
0%
1,792 EliGabRet
0%
2,887 Eli Is
0%
1,176 Elipty
0%
7,228 Elit3gam3r
0%
938 Elite_Forces
0%
6,313 EliteKindaNoob
0%
2,211 Elite Octo
0%
9,412 ElkKhanate
0%
7,633 Ellis Is Hot
0%
8,340 ellluk
0%
7,483 ellokey
0%
8,999 Elongated Okapi
0%
4,915 els
0%
940 Elytherandom
0%
1,318 Em648
0%
2,368 Emanuel; The silly coding book
0%
9,944 emerald bb
0%
8,290 EmeraldBlox
0%
977 Emerald Cherry
0%
2,500 Emerald Crystals
0%
5,810 Emerald Cube
0%
8,746 Emeraldsuffers
0%
744 EmergencyBee33
0%
5,660 Emeruler
0%
870 Emimoto
0%
8,552 emiragne
0%
1,574 EmirGD8
0%
9,459 emirmike
0%
5,529 EML
0%
5,307 Emmanuel Likes algicosathlon
0%
2,299 emmitt32
0%
2,112 Emmyska
0%
5,454 emptyroom
0%
1,112 Em T. Katt
0%
1,738 Emyxical
0%
5,633 Enanan
0%
3,859 EnaPup
0%
1,034 Enchanting Daisy
0%
9,222 Encyclopedia
0%
4,847 Ency-TWOW-pedia
0%
2,015 Enddy
0%
7,802 EnderBender28
0%
4,422 Enderbolt
0%
9,694 EnderBro
0%
1,047 EnderCode050
0%
2,874 Endless Nickel
0%
8,201 Endless Void
0%
5,187 Endlight Darkness
0%
1,759 EndMark_3
0%
7,040 Endrx
0%
1,899 Energy Man
0%
8,697 English Textbook
0%
9,009 EnhanceWx
0%
1,476 Enkerou
0%
5,230 Enkyu 4u
0%
7,532 Enpi
0%
3,439 entertaining person
0%
6,775 Entertainment Chaos
0%
3,565 Enthusiastic individual
0%
376 Enthuz
0%
3,617 Entrance For Rememberance
0%
5,761 Enturos Darkos
0%
1,633 envi
0%
1,532 Enzo1098
0%
1,413 EP35
0%
5,592 Ephemeral Eternity
0%
941 Ephyles
0%
2,248 Epic Apple
0%
4,427 epic bagel man
0%
8,481 epic_coolguy48
0%
9,773 epic_fail
0%
8,877 Epicgamer545
0%
9,011 epic guy
0%
4,168 EpickGamer
0%
1,355 EpiclyBlue
0%
5,865 Epic Mario
0%
8,219 Epic Masty
0%
8,867 Epic Nova
0%
1,261 epic person
0%
2,755 Epic Randomness
0%
4,980 Epic Skill
0%
6,798 Epic Toast
0%
9,715 EpicYoyleCake
0%
4,158 Epik
0%
1,371 Epikical
0%
6,472 Epik_Melon
0%
5,697 Epislinki
0%
3,141 EpizExcity
0%
9,918 Eppl
0%
2,068 EpsiCron
0%
2,074 EquatedTable
0%
9,981 Equinox Influence
0%
2,426 eractil_o
0%
8,385 EraserMations
0%
3,154 ErikDuzAnimatics
0%
9,445 Eriley Underscore_
0%
5,817 Erizur
0%
2,025 Erm…It’s Jax
0%
1,837 Eroavis
0%
3,208 erospinz
0%
4,488 err404_
0%
2,784 Error 0x194/Error 404
0%
4,056 Error 404
0%
2,507 ErrorAry
0%
9,818 [ERROR_BOOKNOTFOUND]
0%
9,446 Error The Error Window
0%
5,388 ErrorUNF
0%
7,363 Escade
0%
3,993 Eskaypist
0%
7,309 Eskimo Python
0%
1,471 Espn Real (pronounced “es-pin real”)
0%
8,393 Espresso Can
0%
8,903 EssWhyy
0%
6,321 Estegosaurio
0%
6,684 Estonia
0%
8,016 eternal2
0%
8,190 Ethan
0%
7,317 ethanbest
0%
5,075 ethanc
0%
3,168 ethancool
0%
5,459 Ethanebels09_2
0%
4,514 EthanNoob
0%
7,255 Ethan Soda
0%
6,806 Ethanz
0%
8,731 Ethyaz
0%
6,592 EtneCs
0%
8,559 ETS1331
0%
1,798 EttiSpageddy
0%
910 Eurasian
0%
742 Europe Bill
0%
3,367 Eva-hime
0%
6,909 Evan Arts
0%
8,590 EvanBxrici
0%
6,525 Evander_Blue6
0%
3,255 EvanDoesDraw
0%
689 Evan Epic
0%
4,882 EvanThe11
0%
2,098 Evan the toe jammer
0%
2,038 even odd
0%
9,645 EventuallyNews!
0%
3,181 Evergreen
0%
8,392 Evergreen The Book
0%
9,271 everyon
0%
738 EverythingTheorist
0%
4,654 Évìdencé
0%
441 EvieWurtz
0%
1,182 Evil Doctor's Lair
0%
1,111 eviled
0%
1,686 Evilleafy
0%
8,614 EvIl LeAfy
0%
8,394 Evil Map
0%
1,329 Evil Mastermind
0%
3,734 EvrnoobJR
0%
3,245 ewi lune
0%
9,924 EWOW CONTESTANT
0%
7,664 EWOWFan2019
0%
468 EwowForever2763
0%
6,567 ewowparticipater21120
0%
6,918 EWOW reborn
0%
423 EWOWsers-AJL
0%
4,464 EWOW superfan 11
0%
2,043 EWOW username
0%
3,144 ewp
0%
2,306 Ex 5
0%
8,277 Exabyte1
0%
9,691 EXACTLY 53.14159 POUNDS OF URANIUM
0%
844 ExasperatedMagentaLuma
0%
6,444 Excarine
0%
2,653 Excerium
0%
4,522 exclam0
0%
2,286 Exerizer Here!
0%
5,046 Exhausted Exister
0%
7,693 Exi "KitKatExists" Candington III, The Unofficial Royal Dictator of KitKats
0%
6,735 Existence
0%
4,944 Existyyyy
0%
3,504 Expeditious Loser
0%
4,928 Expired Milk
0%
8,493 ExpiredMint
0%
6,978 Explanation proclamation!
0%
5,421 ExploSam
0%
7,503 Explosion101
0%
4,772 Explosive Nails
0%
5,244 ExquisiteNoodle
0%
8,942 ExqzBeanz
0%
953 ExtantChain
0%
3,176 Extra Height
0%
7,741 Extraterrestrial Kat
0%
5,397 Extremely Loud & Incredibly Book
0%
5,241 Extrops
0%
6,852 Eyadmations
0%
2,531 Eyesayuh
0%
8,789 Eye Wolf
0%
2,773 Ez-Cheez
0%
5,737 F0XYW4FFL3Z
0%
5,447 F4
0%
4,187 Fabian is cool
0%
5,956 Facts About Drops
0%
5,743 fainted painted
0%
8,505 FairPlay137
0%
9,945 fairyairi
0%
2,489 Fake Mexican
0%
2,812 Falchi0n
0%
8,875 Fallie
0%
244 Falls
0%
3,113 faltymistacke
0%
8,240 Fan0102
0%
6,906 Fanboy
0%
7,762 FancyEraser
0%
3,943 Fancy Kermit
0%
2,772 FandomRandomTehOG
0%
9,469 Fane
0%
♡1 fane757
0%
5,964 Fanimations
0%
7,507 FannToonsTDA
0%
7,413 FANNYFAN900
0%
1,057 Fannys Hate
0%
4,084 fanoffunie
0%
4,916 Fanster
0%
8,157 Fanta lover
0%
6,149 fantasmaaron
0%
7,848 FantasticFrogi
0%
2,026 Far Achiever
0%
4,644 Farm Girl
0%
1,576 Farming Simulator 2024 🚜
0%
7,649 FartBlaster
0%
7,752 Fart Butt
0%
1,503 fartman978
0%
8,962 Farty Mc Boyingson
0%
8,954 Fascism Ball
0%
8,725 Fastbro
0%
1,462 fastcast
0%
8,492 FastDuck
0%
8,621 FATCAT
0%
5,467 Fatty Fatty Building Man
0%
7,960 fatzlob
0%
3,528 faultif
0%
1,059 Fawh
0%
2,714 Fayil
0%
4,087 FazGuy
0%
4,199 FCHOPINII
0%
478 Fecto Forgo
0%
9,013 Fedora Man
0%
5,149 Fedora's Foggy Fortnight
0%
2,836 Feeling Bruv
0%
5,536 Feez
0%
776 FeldsparMk7
0%
7,560 Felipe [Wolfstenium]
0%
3,816 FeliVi
0%
7,455 FelixxileF2023
0%
8,597 FemgramNya
0%
8,794 Fenix Fox
0%
5,060 Fennec Eisenkatze
0%
2,326 FennQuadNine
0%
724 Fenufreek
0%
5,559 Feral Cereal
0%
7,499 Ferf97
0%
1,649 Ferg
0%
8,740 Fern
0%
7,572 Fernando Gimenez
0%
7,133 Fern Can Win This!
0%
8,390 Ferocious Screw
0%
247 FerretBandit
0%
5,420 Fesak8
0%
5,385 feshy
0%
7,043 Festive Book
0%
9,079 Festive Lite
0%
1,791 FexeliL
0%
355 Fezabolt
0%
3,451 FezEmerald
0%
1,468 FG
0%
5,635 FG69
0%
3,200 Fhilp
0%
5,198 fhoulish.
0%
1,154 fidget boii
0%
7,865 FIERY!
0%
4,969 Fiery Water
0%
7,063 Fifocaso
0%
7,153 Fifth Waltz
0%
3,924 Fiftyseven
0%
510 figgyc
0%
3,759 Figquest
0%
4,962 Filey
0%
6,907 FileyKay
0%
208 Filipino Mathematician 23
0%
9,959 FilledofGarbage Guy
0%
1,383 Fill in the Gaps
0%
5,946 FilmView
0%
9,130 fily {{READ AS FEEL'EE}}
0%
3,026 Finalast
0%
2,432 Financeless
0%
7,146 F.inc
0%
1,565 finewine
0%
818 Finniccle
0%
413 Finnimations
0%
9,465 Finn To Winn
0%
2,158 FireballN
0%
4,542 Fire Blaster
0%
6,892 FireBlaze
0%
2,703 FireBrand
0%
9,828 fireeeeey56
0%
9,546 FireeOfKnowledge
0%
6,033 FireFlower
0%
7,552 Firefright
0%
317 FireFruit
0%
4,414 Firelighter
0%
850 Fire Miner
0%
8,947 Firenight fright
0%
4,611 fireoshi
0%
1,971 FirePhoenix
0%
4,364 Fire Spark
0%
4,734 Firewolf the guy
0%
1,921 Fireyblade7
0%
8,828 Firey Is The Best!
0%
4,766 Firey Plush
0%
3,035 Firey the goat
0%
7,680 First Name Simon Last Name Petrikov
0%
6,680 first panro person
0%
9,526 Fish2aRoo
0%
6,246 Fishcakesandme
0%
8,077 fishportals
0%
5,830 FishsyPeppy
0%
8,909 Fishy Chapis
0%
8,957 fishyflop
0%
1,577 fitatfi
0%
7,371 Fitnessgramtmpacertest
0%
6,339 Fitzy
0%
2,070 fiull
0%
4,067 Fivepointedstar
0%
561 Fizzel
0%
7,424 fizzy_
0%
4,175 Fizzy Fang
0%
1,036 Fizzy-Pop101
0%
2,779 fjuwoeifhsdjnwwww9
0%
1,698 Fjvfvnecuve
0%
6,521 FKeyDoesWisdom
0%
3,727 Flagbearer
0%
2,020 FlagBoi (S.A.M)
0%
8,454 Flaguieug
0%
3,081 Flaky Hat
0%
♡1 Flambeetle
0%
716 flame
0%
7,840 Flame Boy
0%
5,594 FlameTheSketch
0%
6,524 Flamethrower Kid
0%
2,109 Flaming
0%
7,233 FlamingAnarchy
0%
791 FlamingFish
0%
2,300 flamingskyess
0%
1,526 FlaminHotPizza360
0%
9,632 Flamstango
0%
705 Flare Dare
0%
2,954 Flarehog
0%
1,129 Flarp19
0%
488 Flasankia
0%
2,177 FlashDream
0%
7,184 Flask_the_science_guy
0%
9,479 Flatlandflyer
0%
9,454 flatmug
0%
5,526 Flatscreen Rotom
0%
7,495 Fleetway_1
0%
1,388 Fletch
0%
4,260 Fleugim
0%
5,300 Flimbo.
0%
1,429 FlingYourself
0%
4,112 Flintix
0%
1,842 Flintosta
0%
9,181 “Flipbook”
0%
4,115 Flippr
0%
9,044 FloatingFolder
0%
1,722 Floobee
0%
7,715 FLOOFY DOG!!!
0%
1,350 floolf
0%
2,188 Floorshine3415
0%
1,918 flopperz
0%
9,794 FloppyDiskSOSC
0%
4,696 flopy fish
0%
3,908 Floralcove
0%
8,580 FLORAPAWZ
0%
6,917 Florida Man Evolved
0%
7,669 Flory the Screamer
0%
9,922 FlowerBFBMPP2763
0%
8,355 Flowermeat
0%
3,850 Flower Power
0%
1,275 Flower Radio
0%
7,276 flowr_forezt
0%
3,821 FludityQueen
0%
7,164 FluffiestDoggo
0%
2,754 FluffyDonut
0%
7,057 flumbar
0%
872 Flummarington
0%
6,752 flying7900
0%
2,955 Flying burger
0%
2,004 Flying Cats
0%
4,314 FlyingFinn
0%
4,439 Flying Pebble Machine
0%
9,704 FnFChamp
0%
896 Focy
0%
667 FoggyAlien
0%
4,961 Foldy trains
0%
♡1 fonda1515
0%
2,149 FondantApple冰块
0%
6,650 FoodDude
0%
7,574 foolcrum57
0%
4,917 FoolishSpud
0%
1,016 FordF150
0%
5,824 For Easton
0%
5,755 Foreleg
0%
4,769 fore star son beeeffteeess
0%
9,320 Forgetful Flame
0%
7,701 Formidable Lotus
0%
9,757 Fornax
0%
3,080 Forrest_Dog
0%
9,371 fortranXVII
0%
4,510 Fortuitous Hamper
0%
3,979 Forvelik
0%
9,601 ForzesCoolestCool
0%
2,719 Fourfoxes
0%
6,116 FourX
0%
6,013 FoxBlocks
0%
991 Fox with Fires
0%
8,327 Foxy Loxy
0%
899 foxyq_
0%
3,037 FR13D 7473R
0%
8,659 Fr13dCh1ck3n
0%
3,809 Fractobyte
0%
1,485 FracturedCyan
0%
7,688 Frakyee
0%
7,578 FrancesFarmersRevenge
0%
8,886 Franimer
0%
5,424 Frank2theMax
0%
4,715 Frankiee
0%
8,367 Frankie The OG Fan
0%
6,536 Franky Fallow
0%
9,717 freak24736
0%
4,873 FreakyFern
0%
4,588 Fred 90
0%
2,006 Freddy15920
0%
6,296 FreddyWontWin
0%
8,145 FrederickExpress
0%
3,616 FrederickTheGreat
0%
176 Fred Something
0%
6,371 Freecorb73!
0%
4,881 Free palastine 🇵🇸
0%
6,514 FREESMART
0%
4,237 Freezium
0%
2,563 Freister118
0%
2,571 French Chad
0%
7,288 French Toast
0%
7,617 Frenesi
0%
4,142 FrenzyTinpot
0%
7,222 Freshens
0%
3,350 freshlemontea
0%
4,760 FreshlyHeated
0%
5,127 Friday
0%
2,058 Fridge man
0%
5,882 Fried Charcoal
0%
7,344 Friendly Qazwsdxecrfvtgb
0%
1,919 Friend of the Shark
0%
9,969 Friesricee
0%
8,043 fritos
0%
652 Frix
0%
3,485 Frog
0%
4,552 frog
0%
3,286 Frogbert the Ninth
0%
5,620 Frog Boi
0%
4,388 Frog egg collector
0%
7,064 Frogguy
0%
♡1 FROGLOCK
0%
1,924 | 8,800 Frostbite Book
0%
5,876 Frosted Sunset
0%
5,780 Frostee
0%
325 Frostmunch
0%
5,962 Frost Tophat
0%
1,563 | 8,566 Frosty
0%
608 Frosty Cat
0%
6,163 FrostyFire27
0%
3,328 frosty victor
0%
7,272 Frozen Cubes
0%
2,636 Frozen Fork
0%
9,913 Frozen Fozzo
0%
2,338 Frozen Noob
0%
3,562 FruitofFruits
0%
9,766 Fruit Punch Twist
0%
492 fshingrod
0%
1,175 Fublemit
0%
4,806 Fufflecorn
0%
2,459 Fuish
0%
2,384 Full Of Flair
0%
5,299 Fun BFDI Facts 2
0%
3,723 funee j. face
0%
8,315 Fungusbery
0%
3,499 Funkchen-Sparky
0%
3,646 Funky Man Felt
0%
6,771 Funky Monkey
0%
9,753 Funnicushion
0%
5,657 funni haha petson
0%
9,876 funny ant
0%
498 funnydoggggggggggggggggggg
0%
6,382 Funny fig stock
0%
9,664 Funnyfootfungusmonkey
0%
4,778 Funny Funnies
0%
3,826 Funny man
0%
5,998 Funny Object
0%
9,823 Funny Person
0%
5,088 Funny Plantt
0%
8,586 Funny rock man
0%
5,986 Funny Top Hat Frog
0%
1,438 FuntimeAdam262
0%
8,616 FuntonSkater
0%
4,442 _funty
0%
2,981 Funuf
0%
6,351 fünulein
0%
6,748 Funzees
0%
1,166 Funzo
0%
2,190 Fupicat
0%
9,953 Furious Water
0%
9,990 FurretBro
0%
5,109 furretmaster134
0%
362 furret stonks haha
0%
1,386 FurretWalk
0%
8,379 fusilli jerry
0%
7,400 FuturePensioner
0%
4,673 FutureTime2068
0%
6,653 FuturisticGeb
0%
9,724 Fuzzbook
0%
3,795 fuzzy
0%
8,992 FuzzyCoryal
0%
3,397 FuzzyEpic3
0%
9,231 Fuzzy string
0%
2,595 Fuzzywolfe
0%
576 Fwesnid
0%
3,331 Fyniti
0%
4,983 "Fyre"
0%
7,217 FZN
0%
4,210 Fzschmwonk
0%
7,093 fzyfzy
0%
4,371 Gabanzo Bean
0%
6,212 Gabbiez_5
0%
2,795 gabitza1234
0%
5,745 GaboZT
0%
7,459 GabrielHaxxor
0%
596 Gabriel p.a.c
0%
3,514 Gabut123
0%
8,405 GachaRobert36
0%
6,571 gafosin
0%
8,834 GageTheRuler
0%
7,902 gaguaga
0%
4,078 Gaj
0%
333 GalacticGroove
0%
263 galactika!
0%
7,974 Galaxanna
0%
2,468 Galaxy
0%
4,386 GalaxyBee
0%
8,978 GalaxyDragon
0%
6,167 Galaxy Flare
0%
6,431 Galaxy_gamer
0%
6,323 Galaxy Wolves
0%
2,437 Gallargus Gongoozler III
0%
8,578 Galstarzy
0%
1,800 GamCub
0%
4,616 Gamebuilder2000
0%
9,503 GAME DROID
0%
8,971 Game Genie
0%
8,328 GameManBoi
0%
6,717 gamemaster
0%
1,119 GameonHead
0%
9,688 Gamer Jesse M
0%
6,411 Gamer Word
0%
7,618 gameyface
0%
328 Gamey Gaming
0%
2,506 Gamezbroz
0%
1,150 Gaming YT
0%
2,580 GamlA
0%
4,599 Gammer bro
0%
5,305 Gamyx
0%
4,506 Gang Member #9999
0%
2,433 Gao
0%
2,134 Gappy Galloween
0%
6,842 Gapsin Hoomat
0%
9,817 GarbageMan The 4th
0%
2,681 GaretTheGreat
0%
3,500 Garlic Bread
0%
9,850 garliccmonster
0%
923 Garrmactad
0%
1,219 garverse
0%
7,901 GARYQJ
0%
2,651 GastonPD
0%
6,325 Gatito237256
0%
6,177 Gato Brownie
0%
3,136 GatoCookie
0%
420 Gaussian B.
0%
7,336 Gave2Haze
0%
8,121 Gavgoesboom
0%
1,648 Gavin :^)
0%
4,992 Gavin The Crafter
0%
9,213 gaymenliker34
0%
2,616 Gay Raccoons
0%
2,105 GB256
0%
6,045 GBattery
0%
7,126 Gb John
0%
1,754 GBlime
0%
2,247 GC Chlottxn
0%
933 GDNacho
0%
5,847 GD Zyxo
0%
8,329 GearedWorm
0%
3,881 Gears_AndGrinds
0%
6,865 Gear Volts
0%
3,949 Geekazoid349
0%
493 Geeky
0%
3,861 Geez
0%
8,401 Gekimima
0%
5,288 geklmao (if that’s not too kid friendly put GEK)
0%
6,788 gelatiny
0%
1,249 gelfai
0%
8,212 GelixTheGreenPerson
0%
9,914 gellypawsxd
0%
7,147 Gemfot
0%
8,099 Gemi likes blue :)
0%
4,440 GenDee
0%
7,293 Genealogy Guide
0%
9,612 General Gojira
0%
3,940 GenericCheezGuy
0%
8,133 Generic Guy
0%
6,423 | 9,983 Generic Name
0%
9,964 GenericPerson7
0%
8,509 GenesisJade
0%
9,744 Gene Starwind
0%
1,914 Genius 3
0%
7,942 Genuis Numberblocks
0%
7,422 GeoAndrew
0%
7,168 Geogeo3
0%
4,253 GeographyMaster
0%
8,826 Geo-House
0%
9,249 GeologyRocks
0%
7,042 Geometrical Glare
0%
3,593 Geometricality
0%
4,747 GeometricPugsley
0%
5,913 Geometry Dominator
0%
7,372 Geothefox
0%
5,813 Gerimatod
0%
4,586 Get Egged On
0%
3,340 GevisarJJ
0%
2,302 GGB 123
0%
4,593 Ghaazi
0%
8,674 GhastlyPages
0%
5,648 Ghaztiey
0%
1,647 Ghost256
0%
7,132 ghostalibi
0%
1,328 GhostApple101
0%
3,477 Ghost Byte
0%
1,184 Ghostie Q
0%
5,581 Ghost With A Tophat
0%
9,142 Ghost writer
0%
9,408 Giabar
0%
5,670 Giant Fluid Strong Arms
0%
7,705 gibbous_here
0%
1,163 gibby flibby
0%
8,222 Gibbytime1234
0%
1,425 Gigabyte66
0%
7,525 gigglegamer361
0%
9,002 Gigi6898
0%
6,496 GigiMations
0%
9,842 Gilbert
0%
5,521 GillaMonkey
0%
4,687 Ginger Die
0%
3,220 Gin Ibushi Gaming
0%
5,899 GioHappy!
0%
9,304 GioMakesThings
0%
717 giuseppe2376
0%
3,134 Gkayrnak
0%
4,789 glace cone
0%
7,789 GlassBotleBrain
0%
5,224 Glass Idol
0%
7,997 Glass Planes
0%
4,543 Glass Tarot
0%
6,794 Glazzy Mazzie
0%
8,815 Gleam
0%
9,012 Gleaming Novelty
0%
1,196 GliderSpider
0%
3,683 Glimmering Starlight!!!
0%
1,458 Glistering Gorges
0%
3,670 Glitch
0%
1,612 Glitched_C0D3
0%
7,048 Glitched Cheese Sandwich
0%
2,746 glitchedinvader
0%
840 glitchy
0%
7,437 Glitchy
0%
5,164 Glitchy404
0%
978 Globey the Globe-ster
0%
4,966 globin
0%
6,511 Glog1000
0%
8,631 GlooberySnail
0%
2,067 GloriousPotato
0%
5,158 Glorpy Computer or Digital Slop
0%
7,392 Glow
0%
9,597 GlowEWOW
0%
6,879 glowingscramble
0%
9,992 Glowoai
0%
7,345 Glubbler
0%
5,738 Glubey
0%
3,847 Glubnap
0%
8,612 Glueoreo4
0%
4,492 GM95
0%
3,918 GMCSierra
0%
8,347 GMFinnegan
0%
♡1 gmo
0%
5,256 Gnashum!
0%
2,479 gnome
0%
9,082 Gnome Pickles
0%
8,501 goatgirl9000
0%
8,525 gobblert
0%
1,547 Gobbyleh
0%
4,538 GobsonTheWizard
0%
9,678 Godello
0%
9,125 God Gamer
0%
6,415 GoGlitch
0%
4,217 Goiky Canal Pro
0%
3,717 goikyfan26
0%
713 goikyite
0%
4,300 GoldBoy
0%
3,164 Golden
0%
6,388 Golden Book
0%
1,098 GoldenCrafter35
0%
4,433 GoldenFreddyEntertanment
0%
5,596 Golden Guy
0%
2,092 GoldenHasSeCrets (nHaSeCr)
0%
3,264 Golden Light
0%
6,311 Golden Loser
0%
8,698 Golden Mirror
0%
5,636 GoldenSponge
0%
2,317 Goldfighter5
0%
4,580 Goldie
0%
986 GoldInvestor
0%
1,607 GoldSaturn14
0%
3,151 GoldSquid2
0%
8,682 GoldTyanox
0%
2,684 GoldyIsCool
0%
688 golfballbfdi
0%
8,048 GoneDigital
0%
9,594 Goninja
0%
1,200 goober
0%
6,460 Goober :3
0%
2,120 goober98
0%
3,888 GooberOfSillies
0%
3,447 gooblerz
0%
1,283 Gooburr
0%
3,995 goob woob toob
0%
8,309 goodalienrobot
0%
1,066 Goodboi
0%
1,224 gooddogtyson
0%
5,546 Good Games
0%
6,679 Goodmito
0%
2,289 ~~~good pup!~~~
0%
3,209 Goody Procter
0%
8,932 Gooey Kablooey
0%
3,766 Goofy Banana
0%
4,845 GOOFY GOOBER
0%
5,411 Goofy Goober
0%
5,534 Goofy Karsten
0%
6,160 Goofy Ramster
0%
1,242 googifloop
0%
1,672 Google Bard
0%
1,583 Google Translate
0%
6,853 Googology Ruby
0%
6,950 Goog Pringleson
0%
1,443 Goombaboy
0%
3,261 GoonTownMayor
0%
4,090 | 9,427 Goops
0%
1,882 Goose Guy
0%
1,082 Goosethemaster
0%
878 Goplu
0%
4,884 gorbeilious72
0%
4,809 Gordle
0%
5,505 gordonshoot
0%
9,447 Gorlockdestroyerofworlds
0%
6,362 gotilb
0%
1,126 Gowa
0%
5,237 gowonmcdonalds
0%
2,737 GP423
0%
8,227 GPlayz
0%
9,299 GP the stickman
0%
9,246 Grably Boogly
0%
7,882 GrabTag
0%
9,216 Gradient
0%
8,417 GrainBoi
0%
9,952 Grain of salt
0%
8,728 GramApple
0%
5,281 GramBatter
0%
2,483 GranderUtai
0%
796 Grandle Jams
0%
8,787 grandmatriarch55
0%
4,796 Grandpa Louie
0%
7,806 Granolora
0%
3,461 GrapeJuice
0%
7,308 Grape Juice
0%
8,900 graph100
0%
243 Graph Giraffe
0%
4,335 Graphlix
0%
7,026 Grassi Thing
0%
4,152 GrassyBsr
0%
6,813 Grassy Green
0%
6,764 Grassy Mold
0%
671 Gravel
0%
615 Gravity
0%
5,983 graycasey
0%
♡2 Graysandwich
0%
528 GrayTheSmart
0%
4,581 GrayTileGuy
0%
7,867 Great Intelligence
0%
5,509 GREAT PAPYRUS
0%
1,498 greatplate
0%
4,843 GreeDee
0%
5,993 Greedy Hider
0%
4,959 GreenAppleMations
0%
6,615 greenbean
0%
2,513 greenbeen13
0%
6,365 GreenBottleCap
0%
6,616 Green Bunny
0%
9,415 greencheesewithabazooka
0%
9,590 GreenElectricity
0%
4,432 GreenGuyAnjo
0%
6,728 Green Hours on Repeat
0%
4,731 Greenish Mirror
0%
9,793 GreenishPebble
0%
4,334 GreenLeathery
0%
7,201 Green Microwave
0%
1,338 GreenMousePowerHouse
0%
6,354 Green Mussy
0%
9,730 GreenPanda
0%
4,555 GreenPuppyMario
0%
5,645 Green Racecar Driver
0%
9,921 Greenrice
0%
5,365 Green Rosevevoswag
0%
5,709 greensquidkid
0%
1,023 Green Tea & Coffee
0%
3,107 Green Tops
0%
4,055 Greenvasion
0%
779 GreenyGuy
0%
9,210 greenyoshifan420
0%
5,659 GregCendWeeeee
0%
951 gr_eggg
0%
8,007 Greg Plungerbuss
0%
3,729 GregsPlayzTWOW
0%
5,934 GrenAnt
0%
2,276 grepfrutmeat
0%
487 Gresskarpai
0%
2,770 Grey Cube Rebirthed Ultimate
0%
7,081 Grey Moonlight
0%
9,847 GreySol
0%
5,168 Griffin Banks
0%
8,806 griffpatch FGPT
0%
3,860 Grilled_CheeseGuy8
0%
4,875 GrilledPancakes
0%
2,458 Grimlar
0%
7,445 Grimm Ace
0%
4,475 GrimRose
0%
3,668 GrindedMustard
0%
5,579 grizz_LoL
0%
3,788 Grizzly Kit
0%
7,613 Groovee
0%
7,569 GroovyPersonOnEarth
0%
7,604 Gross Understatement
0%
314 GroundPound
0%
7,568 Grrollll Gamer
0%
9,010 Grub Gee
0%
6,971 grulovia
0%
3,890 Grumpyonion145
0%
8,138 Grunty grunter
0%
7,398 Grusha_The_Ice_Type
0%
7,546 G' s amazing channel on youtube
0%
4,643 Gsn1vy
0%
5,975 GtheBumbleBee
0%
7,079 guadeterre
0%
9,547 Guardy Boy
0%
5,446 guavacado II
0%
7,381 Gubby Dumpson
0%
2,922 GubDub
0%
3,592 -guest423-
0%
6,974 Guiding Light
0%
4,998 Guinea
0%
3,906 GumballWaterson1990
0%
2,521 GumboJumbo
0%
3,715 Gumdropy!
0%
1,105 Gummy Pikmin Productions
0%
9,324 Gumsby
0%
6,095 Gunk
0%
9,844 Gun Owner's Manual
0%
1,208 gun_powder
0%
1,348 Guoguo
0%
9,870 Gurdes
0%
3,210 Gurdit 88
0%
9,840 Gus mcbeans
0%
3,256 Gust
0%
1,022 Gustaboy72
0%
2,934 Gustavo
0%
8,448 Gustavo :D
0%
2,634 Guy Cool
0%
9,189 Guy From A Place
0%
6,187 Guy in Green
0%
2,071 Guy Motion
0%
7,843 guy named User
0%
4,634 Guy Rocketram
0%
1,535 #gvG_jt
0%
2,682 gwengavin
0%
7,653 Gyatt gamer
0%
3,351 Gyclenium
0%
715 Gyrostabilizer Gracen
0%
3,111 H2BGYT (How to be good at youtube)
0%
1,431 h3nry_s71ckm1n
0%
1,811 Haaam
0%
635 Haapsalu
0%
996 Hacim42
0%
7,316 Hacker's Manual
0%
1,658 Hahafunnyfun
0%
2,979 HAHA YEAH!
0%
4,751 Hakase
0%
3,013 Hale Childeric
0%
450 HalfAnimation
0%
7,694 Half n’ Half
0%
7,828 HaloZombies
0%
6,432 Halvernia
0%
2,666 Halwa
0%
8,447 HamburgerKing
0%
980 hamburgerlord
0%
9,123 Hammerheadjack88
0%
2,107 Hampterio
0%
8,907 Hamshakes
0%
9,533 hamster
0%
2,270 hamster1
0%
6,039 HamsterJam
0%
5,918 Hamstermandoom
0%
7,236 Handsome Gary
0%
9,119 Handsome Howard
0%
3,205 HandsPlasticX
0%
9,256 Handyman Josh
0%
767 Hankinator
0%
7,608 HannHas
0%
4,978 hanss314
0%
2,263 Hap
0%
9,038 Happy
0%
1,142 HappyDaWatermelon
0%
4,097 Happykyle1119
0%
6,855 Happy Radiolicious Scavorious
0%
3,438 Happy Sloth Productions
0%
442 HappyTheTomato
0%
4,085 HappyYomar
0%
8,628 harball
0%
728 Hardback Jones
0%
6,928 Harex Booky
0%
5,368 HarimauYap
0%
2,591 Harjjw
0%
8,646 Harmonistic Violin
0%
1,178 harmonybot
0%
8,208 HarnessThePower
0%
8,574 harperkdavis
0%
1,835 harrietburris991
0%
8,934 HarrisL2
0%
2,727 HarrowwInk
0%
8,463 HarryBOB
0%
1,146 Harry Head
0%
5,735 Harry-roesser Please go visit my channel.
0%
2,941 Harry The Loser
0%
4,777 Hartz Zuri
0%
4,133 Haruka Horseradish
0%
8,416 Harvest Haunter
0%
2,917 Hasaki-san!
0%
1,521 Hash Slinging Slasher
0%
7,968 Haskell Hurry
0%
2,060 Hatster
0%
8,209 Hatsune Miku
0%
7,663 Hatter Book
0%
7,234 Hatzify
0%
1,540 Haunted Water
0%
8,068 Hawkzy
0%
1,426 haxolotl
0%
6,999 Haycat
0%
5,395 Hayden Babayden
0%
5,274 Hazardous Carlos
0%
4,393 HazeJozu
0%
683 HazelKnight
0%
9,434 Hazelol
0%
4,238 Hazenrazel
0%
2,104 HazerR45
0%
9,816 hazrds
0%
6,494 Hazy Purple
0%
2,474 hazzarthelampster
0%
7,321 HBJ
0%
2,186 headoftea
0%
2,138 HeadphonesAxolotl
0%
6,147 HeadphonesOfTheSosc
0%
5,879 Healion123
0%
7,540 Hearth Attack
0%
343 HeartOne
0%
9,476 Heartsii
0%
4,091 Heartwarming Hearth
0%
3,863 Heatwave679-OR10
0%
3,699 Heav
0%
8,404 HeavensCrescendo
0%
2,135 hecko
0%
1,936 Hectic Monday
0%
4,417 Hefty Strings
0%
9,297 Heiji :)
0%
7,683 Helio
0%
820 HellLight
0%
588 hellodontmindm3
0%
7,854 Hello_Everybody
0%
5,922 HelloJellyPolygon67
0%
2,220 hello there
0%
6,763 helo
0%
4,517 HelpfulHector
0%
9,931 Help me
0%
222 Hemi Demi
0%
2,709 Heng
0%
8,653 HenriJæ (the Spaceflight Enjoyer)
0%
4,296 Henrique Rick
0%
2,245 heptasepta
0%
9,054 heqwvtr
0%
5,661 HeR0Stuff
0%
5,093 Herbvill
0%
2,641 Herckie Hsu
0%
8,369 Heretic
0%
2,072 Hermit
0%
7,185 Hernand
0%
♡2 Heronix
0%
4,811 Herr Musiker
0%
3,280 HexaCryonic
0%
1,225 hexadeque
0%
165 HexaForce
0%
670 HexAmazon
0%
3,685 Hexorbob
0%
3,917 Hexy Sexy!
0%
5,607 Hey, it's me! Goku!
0%
3,455 HeyItsStar
0%
7,034 Heylookamoth
0%
604 hezzer3
0%
2,272 HGK
0%
1,433 hickstar
0%
3,165 Hidden Chime
0%
3,321 hiddenriot
0%
5,374 Hidden Strawberries
0%
1,710 HidingUnderABlanket
0%
3,530 HIDKWID
0%
1,237 hifur
0%
1,254 High Concept
0%
1,939 High Impact
0%
898 High Noon
0%
8,431 Hight sight
0%
1,784 HiGuysGames
0%
4,636 hi hello hi hello
0%
1,964 Hihityu123
0%
5,957 Hihosilver
0%
2,540 hi, I am JINJER
0%
5,152 Hilversum
0%
6,896 Hitchhiker's Guide
0%
4,723 Hive
0%
7,844 Hixbook
0%
1,461 Hiy Jony Sawy
0%
6,875 hjoim,.o;iklpjnmkl,o,mbhbnmv,mghn,bcafjaplpaeãed.saees.-ssd.aweae
0%
3,684 HK SillyScribbles
0%
9,453 H_master
0%
4,631 hnad
0%
1,500 HNBGamer
0%
5,013 HNOC System
0%
4,446 Hoang Bach
0%
6,876 Hoebackyt BladeMan17
0%
9,886 hoggwash
0%
8,248 hojita
0%
733 Holical
0%
3,060 HollowTale42
0%
4,642 Holly Tang
0%
2,528 Holo
0%
6,951 Holobook
0%
6,440 Hologramy
0%
7,983 Holy Schnitzel
0%
3,258 HomerN2763
0%
4,082 Homestar Punner
0%
9,327 Hommie demom
0%
3,016 HondaCR-V
0%
3,983 Honeybun Sun
0%
9,448 HoneyComb
0%
2,008 honeycrud
0%
8,341 Honey The Epic
0%
9,025 hoo0
0%
7,377 Hooded Head
0%
4,423 Hoodlaf
0%
6,857 HoogieJonka
0%
1,245 HookahBoy
0%
4,034 Hoom
0%
1,017 hooplow
0%
2,994 hoopster6481
0%
2,321 HoosierVR
0%
3,801 Hooter Tooter
0%
6,959 Hoping victorious NWOWER
0%
4,365 Hopping Icon
0%
9,834 hopuytree
0%
5,301 Horizon Shine
0%
5,362 HorridCoffee
0%
4,248 Host David
0%
9,410 Hot & Cold
0%
9,786 Hot Lamp
0%
1,902 HotSnow
0%
8,152 hourfrozen
0%
1,794 House
0%
6,355 How2UseFire Guide
0%
3,882 HowDoIPickAName (or HDIPAN or HowDo)
0%
4,728 howdoipressspace
0%
9,001 However not
0%
2,497 HowOriginal
0%
2,386 How to Cook Ramen (For Beginners)
0%
6,046 How To Kill A Yin Yang
0%
8,865 How to Play: SBURB
0%
8,220 How to Scam People 101
0%
525 Hozen
0%
4,677 Hparg
0%
6,109 H Perm
0%
513 HriHof
0%
8,531 Hrvatski gmazovac
0%
4,408 Huddo
0%
7,852 huffy duffy duck
0%
1,435 Hugh Blue (BloxyColaHugh)
0%
5,544 Human contestant
0%
5,163 Human Edition
0%
1,691 human person
0%
3,346 Humbugswax
0%
7,855 Humor4Dummies
0%
6,513 Hunbun999
0%
1,787 hung9A
0%
4,529 HungRy Commando
0%
298 Hunter J
0%
8,197 Hunterpro
0%
7,367 HurricaneBeryl
0%
1,785 HushMush
0%
2,415 H. W. A. Shoehorn
0%
3,110 HWD
0%
6,271 Hydro Remixer
0%
3,240 hyjinks
0%
1,944 Hynkaer
0%
7,101 Hypen Puck (like a Hyphen "-" and a hockey puck)
0%
9,269 Hypercube127
0%
644 Hypercube34
0%
4,272 hypercuber
0%
1,683 Hypergon
0%
5,759 HyperSkunk
0%
8,732 Hyphen64
0%
4,362 Iabansstuff
0%
3,650 I_am1guy
0%
8,996 I Am Always 2 Feet Away
0%
4,141 IamAnoob12
0%
2,675 I am a Stalking Internet Guy
0%
7,368 iambastianb
0%
7,089 i am lord voldemort
0%
4,660 Iamnothere
0%
9,244 IAmNotVeeB
0%
748 IAmSoGoodWithWords
0%
9,960 I Am So Tasty
0%
979 Ianis
0%
2,187 ianloveshead (and if that’s not allowed, ianlovesEWOW will do)
0%
7,502 Ian Park
0%
8,970 Ian X Wance
0%
1,420 iaport
0%
6,065 Iashiash
0%
7,864 IAteMyHand11
0%
4,800 Iauvhethrid the Destroyer
0%
7,748 Ibrahim
0%
8,520 Ibsy
0%
1,739 iCarly Season 2
0%
8,622 Iccagu
0%
2,694 Ice99997
0%
6,538 IceAndFire
0%
741 IceBox
0%
7,433 Ice Cake Cookbook
0%
6,874 Icecreamlover
0%
9,437 Ice cream rose
0%
9,562 ice cream tips and tricks
0%
9,591 IceCube_Animations!
0%
6,186 Icecubed
0%
5,694 Iced Penguin
0%
5,746 Icee
0%
4,790 Icefinity
0%
8,488 Ice Guy
0%
4,366 IceNinjaSans
0%
9,073 Ice Rocky
0%
8,056 IceShroom
0%
3,100 IceTypesDontSuck
0%
3,250 Icey_The_Loser
0%
586 Icey You
0%
5,193 IcicleFrostbite
0%
6,742 IConsumeAcidEveryDAY
0%
3,424 Icosahedron_Simp
0%
638 Icy-cle Note
0%
734 Icy-Fire N Gamer
0%
4,894 IcyTexmel
0%
2,419 IcyyyyInferno
0%
3,963 IdaeChop
0%
1,793 IdentityCrisis
0%
1,058 ideot
0%
5,860 IDHANMWDLB
0%
9,148 idiorhusky
0%
8,881 Idiotic Burgerrs
0%
8,095 Idiotic sandwich
0%
2,790 IdiotsUnited2.0
0%
1,267 idklolhelpmedwaf
0%
7,571 Idkquincy
0%
4,246 idkwhatimdoing
0%
2,612 Id Monad
0%
9,714 I Don't Exist Also Pencil, Bubble & Gelatin
0%
9,362 IDon’tLiekTheseGrapes…
0%
7,488 I drink gas
0%
970 Ienne
0%
9,725 iffyraptor
0%
7,564 IfIGetEliminatedPleaseShoutoutMeCary
0%
3,959 I Found You
0%
5,947 Igavus
0%
7,906 IGB
0%
1,038 Igetrickrolledeveryday
0%
3,622 IggyGe
0%
5,280 Ignimbrite
0%
1,101 Igorogordo
0%
5,713 IGrewUpWithBfdi
0%
7,610 I hate this channel
0%
7,676 ihdoany
0%
3,145 IIcySStick11
0%
8,263 II_Haso
0%
9,288 iIIogicaIbook
0%
8,837 Ijoinedlate
0%
3,518 ijo pali
0%
727 ikiller
0%
3,230 IliekSleeping
0%
3,516 I Like Combinatorics
0%
5,028 ilikecubesnstuff
0%
1,904 ilikesorbe
0%
9,156 I Live Forever
0%
5,174 Illevolate
0%
7,849 Illuminatigon
0%
8,617 Illy tv
0%
1,378 ILM
0%
4,624 -ILM-
0%
1,730 Ilmonj144
0%
1,932 IloGaming4
0%
7,199 ILoveMath
0%
6,003 ILOVEPILLOW :3
0%
2,867 IloveRumania
0%
9,117 ILoveSlugcats334
0%
1,858 I Love You
0%
8,891 Ilumina
0%
8,469 ilxeal
0%
971 Im4ginative
0%
1,364 ImaBigNerd
0%
8,022 I'm a dictionary and you'd better believe it!
0%
2,888 Imaginmations
0%
5,681 ImAGoobie
0%
4,926 ImanTheAnimator
0%
6,870 imaperson1060
0%
6,984 I'm awesome
0%
5,507 I'm book but I forgor to paint myself sorry guys
0%
327 IMC
0%
5,692 I mean why 75 characters? Why not even more? Oh I see now.
0%
8,805 ImGamingNow
0%
5,062 imgi nova
0%
8,065 im in your walls cary
0%
1,937 ImNotEli
0%
1,898 ImperialRed
0%
7,634 Improsimon00982
0%
1,538 Im Punbeatable
0%
3,379 ImSamAndIExist
0%
2,786 I'mStupidity
0%
8,854 imthebiggestbirdtrexbattleship
0%
2,144 ImTheJoshyBoi
0%
1,879 inaloft
0%
1,677 Inan
0%
2,647 Inanimatepony
0%
3,323 inari28
0%
3,870 Inbarin
0%
6,058 INCANVENIENCE
0%
8,226 Incognito
0%
7,074 Incredimations
0%
675 indefpro
0%
1,756 Indestructible Bedrock
0%
4,339 Indetermite
0%
4,700 IndieStudios
0%
6,606 Indigo Art
0%
4,595 IndigoBatt
0%
1,970 Indigo Cluster
0%
9,951 Indoph
0%
4,762 Industrial Icosahedron
0%
7,537 infamousone15
0%
2,142 Inferno Bomber
0%
9,466 InfernoFireHedgehog
0%
3,534 InfernoSlayer
0%
762 Infi-Nerdy
0%
6,667 Infinite Book
0%
378 InfiniThreat
0%
830 infinitysnapz
0%
4,607 InkedDoesStuff
0%
2,658 Inkling Koopa
0%
3,804 Inksurgence
0%
8,280 Inquisitor
0%
2,348 inrealdude-
0%
8,155 in retrospect
0%
9,243 Insane Flame
0%
2,328 Insert InDirt
0%
552 Insomnia Catcher
0%
3,680 Integer.
0%
8,303 Integral
0%
1,711 Interflux
0%
8,804 Intergalactic
0%
8,529 interlol
0%
3,631 internetleaf
0%
2,356 Interrobang
0%
♡3 IntersectingPlanes
0%
9,570 @intheareoplaneoverthesea
0%
7,380 intraced
0%
4,337 intwignificance
0%
7,566 InusualPlayer
0%
1,903 Inventor Maxworks
0%
9,380 Invertedbook
0%
8,465 Inverted Paradox
0%
7,331 Inverted Spanish Book
0%
1,742 Inverter
0%
1,086 Invis19
0%
5,400 Ion Kin Chan
0%
1,122 Ioto
0%
4,401 iphone15_hater
0%
2,153 iQue Multiplayer Box/Controller Manual
0%
3,186 IralexRUS
0%
9,291 I ran out of names, I am scared someone already take this name so uh 9283
0%
869 IREV
0%
7,197 Iris Moon
0%
7,477 IrizGMD
0%
5,911 IronEren
0%
708 Ironninja1116
0%
636 Irufusetochangemyprofilepic
0%
6,529 Isaac de Colombia
0%
710 Isaac JoRo
0%
7,362 Isaiah_CBR
0%
6,693 ISA Merolino
0%
3,193 ISBSP
0%
2,005 Iscoda
0%
2,978 isFEISARfair?
0%
2,501 Ishy
0%
6,096 Island lazz
0%
2,322 isometric
0%
580 Issacboy123
0%
9,500 Item Asylum Fan
0%
8,761 It's A Me, Mario!
0%
6,257 It'sAName
0%
2,972 ItsAnimePotato
0%
6,219 It's Chaz
0%
9,100 It’sCJ!
0%
2,160 itsDoodlez
0%
2,407 itselmo
0%
6,349 ItsHenster
0%
3,246 Its_JasonBSF
0%
7,573 ItsJustMeudy
0%
2,037 ItsKaboom
0%
5,588 itsLara
0%
8,302 ItsMeep<3
0%
1,996 ItsNotBob
0%
5,016 ItsNOTjanuary
0%
3,505 ItsRandomPerson
0%
6,364 ItsRobloxHere
0%
5,854 ItsStar
0%
3,744 Itz_GMann
0%
4,200 ItzImsss
0%
9,092 Itz_ponda
0%
419 ItzShaun
0%
3,526 Itzz Me
0%
4,470 IvanGuy23
0%
8,407 Ivy Can't Think of a Name
0%
6,386 ivyco
0%
1,685 Ivykit
0%
5,161 I want to see the creativity I can put into 11 words
0%
5,864 I was given 75 characters, so I am going to use ALL of them eh? ha! heh heh
0%
7,721 I Will Win for bfdi
0%
7,286 IX (pronounced ikes)
0%
2,014 Iyoburn
0%
542 Izzeee
0%
2,662 Izzey
0%
4,996 Izzopathic (Pronounced eye-zoh-path-ick)
0%
7,655 Izzy Book
0%
7,415 J4YB1RD
0%
2,439 Jabewostar
0%
3,830 Jab-Hab
0%
2,059 Jabien
0%
3,161 Jace_Guu
0%
568 Jackallen99
0%
2,646 Jackasplat
0%
4,572 jackbox4261
0%
4,213 jackdev1
0%
2,708 Jackmaster187
0%
9,113 Jacknjellify jr
0%
7,072 Jackobus III
0%
4,194 Jack Orange
0%
8,334 Jackowacko
0%
6,973 Jackrabbit
0%
6,783 Jack's Big Book of OCS
0%
9,771 Jackson greenway ◉)
0%
6,433 Jack Sun
0%
781 Jacktastic
0%
8,714 JackTheAx
0%
1,382 JackTheFlop
0%
9,214 Jackwastakenx2
0%
2,715 Jackyboi
0%
9,745 Jackysillykiddo11
0%
849 JacobAwesomeness
0%
4,086 Jacob Fairclough
0%
3,601 JacobGamerzButABook
0%
5,651 Jacob Senior
0%
8,754 JACOBS HOW TO TIPS
0%
1,412 Jacob The Brick Gamer 8
0%
3,519 JadeCrusty
0%
7,067 Jaded ash
0%
1,110 Jaden73147
0%
5,369 Jade Starlight
0%
2,916 JadeTheArtist
0%
7,231 JadisTheRandomBean
0%
5,102 JadonLol
0%
7,456 JaedenOsc
0%
3,290 Jagcore
0%
5,078 Jaiden Maybe
0%
7,003 Jaixex
0%
8,188 jajrawson
0%
9,950 Jake N Tim
0%
4,381 Jakeviz
0%
4,690 JakeWantsCake
0%
5,642 jakey
0%
7,033 jaktomjery
0%
3,179 Jamations
0%
3,648 Jamazing
0%
7,881 JAMB
0%
3,215 jamborgor epicus the second🗣️🗣️
0%
8,641 Jamersjam
0%
1,392 James123456789
0%
1,342 Jamesanity
0%
1,457 JamesCallaghan329
0%
2,033 James Chardone
0%
2,185 JamesTheDude4526
0%
7,850 JamesTheGA34
0%
9,273 jamieisanidiot
0%
1,331 Jamixiy
0%
8,101 JamminRiptide
0%
4,016 JamoKid7
0%
4,770 Jandal Man
0%
8,600 jan Jonatan
0%
8,769 jan Sipiki
0%
5,217 Japsur_JJ
0%
8,346 Jareick
0%
2,089 Jarleo
0%
1,655 Jaron
0%
9,110 Jarvis Jengivar
0%
8,703 Jascool1
0%
1,712 Jasperony
0%
6,226 Jass
0%
3,333 jasyak2
0%
5,211 JavaSiege
0%
9,270 javasplit
0%
4,560 Javier Corona-Lopez
0%
1,598 Jawline Jim
0%
5,340 JAWSH.FLA
0%
3,373 Jax-Cube
0%
3,926 Jaxiefire
0%
3,364 jaxolotl2763
0%
5,452 JaXon
0%
8,977 jaxophone_
0%
2,102 Jay28jay2 (Object Craziness)
0%
1,139 JayAreEee
0%
1,010 JayDee
0%
♡1 jaydene19248
0%
8,171 Jay Games
0%
7,749 jayinadayz
0%
946 Jay Ray
0%
560 Jayrite
0%
7,461 Jays with Jam
0%
605 JayTeeDee
0%
2,267 Jay The Animator
0%
5,525 jazzpunk
0%
507 JazzyKazzy5
0%
4,330 jBirdFace
0%
4,029 Jbmations
0%
3,954 JbroComics
0%
6,757 JcatTV
0%
2,937 J.C. Doggendoodle
0%
4,655 jdicje
0%
9,782 Jeakkers
0%
4,416 Jeanthenwower
0%
6,601 Jebevscy
0%
2,456 JECEMBUARY!!!
0%
3,427 Jecobi
0%
1,480 Jeda Five Seven
0%
907 Jeelhu77
0%
1,993 JeepGrandCherokee
0%
811 Jehan
0%
2,551 Jell
0%
1,850 jelli
0%
3,450 Jelli
0%
6,055 jello
0%
8,269 JelloCello
0%
9,910 jello frog
0%
8,335 Jellogramming
0%
1,749 Jelloid
0%
8,869 jellyandcats
0%
5,599 JellyCrab
0%
7,614 Jellyfella
0%
7,427 Jellyish Wisdomizer
0%
1,725 Jellyy
0%
7,913 Jemmy
0%
1,857 Jeneral Public
0%
5,887 JenTheCooliom
0%
5,640 jeongiee
0%
5,209 Jeophf
0%
2,345 JeremyGamer13
0%
7,403 Jer-koi
0%
3,902 jERROR
0%
6,350 Jerry
0%
2,942 Jerry Mac
0%
7,187 JerusalemStrayCat
0%
6,899 Jessica [jaspr]
0%
3,084 JessieStar
0%
1,174 JessInReal
0%
3,905 JessOneTea
0%
5,921 Jester Cloud
0%
3,268 Jester Dimentio
0%
9,365 Jesty Besty
0%
8,819 Jesus Centaur
0%
3,272 JesusTheFunnyGuy
0%
6,505 Jesyak
0%
6,840 Jetpooky
0%
1,423 JezzaCozzie
0%
5,533 Jfnoah
0%
3,609 Jiafei
0%
3,703 JillyFesh
0%
7,651 Jimensions
0%
9,470 Jim Jimson Archipelagus
0%
8,587 Jimmy Carter
0%
7,010 Jimmy Deez :D
0%
7,928 Jimmy Jimmystien
0%
4,002 Jimmy the Ugly
0%
7,303 Jisk
0%
4,098 JJawsmcooldog
0%
874 JJJ
0%
3,659 jjjonetwo
0%
6,833 JJ the cool girl!!
0%
6,551 JJtheFB
0%
7,025 J.J Toons
0%
4,860 jJuso
0%
6,724 JJx6
0%
7,761 JKBenbot
0%
6,184 jkdb24onYT
0%
8,461 Jkdukes
0%
1,705 JKP
0%
8,673 jkqwz
0%
7,810 JKS
0%
7,290 JLocked
0%
8,974 Jlx909
0%
470 JMPR717
0%
3,260 JoanStar
0%
9,460 Joaquimhopmans
0%
4,693 Joawzy'
0%
5,604 Jodeui
0%
7,635 Jodgers
0%
1,039 Joe Art Maker
0%
5,945 Joeball 7
0%
4,523 Joe Bible
0%
8,273 Joebro42
0%
7,685 Joefromflorida
0%
6,017 Joe Mama
0%
9,768 Joesaun
0%
2,863 JoeTheBaguette
0%
9,748 JoeTheBro
0%
1,606 Joeytf
0%
7,834 Jofef
0%
4,303 Joffy
0%
1,753 JogoJeshua
0%
1,140 Johann'sBarking
0%
6,926 John Book
0%
8,228 John cena
0%
8,824 johndoesart
0%
2,950 John F. Kennedy
0%
9,258 John Jr. Jr. Jr. Jr. Jr.
0%
1,488 JohnMajor6115
0%
726 Johnny Zillion
0%
8,380 John Olsen
0%
5,384 JohnThePizzaGuy
0%
1,982 johs45
0%
4,733 Joined Late
0%
5,939 Joke_Deleted
0%
6,756 Joked Vol
0%
9,813 Jokester fire
0%
9,357 Jokster
0%
8,538 Jolly Crim
0%
5,551 Jolly Joyous Fishy Friend
0%
6,501 Jolly man
0%
2,759 Jolly Pikachu
0%
5,812 Jomi 172
0%
9,090 Jonatoon
0%
6,915 JonBobLey
0%
4,278 Jons_Max!
0%
9,006 Jonyayer
0%
2,696 JoobnoobViper
0%
2,362 JordanAnimatesYT
0%
6,869 JordanPlaysYT
0%
1,361 Jordan River
0%
8,642 jordi.
0%
1,720 Jorge 420
0%
1,984 Jorik_Eternity
0%
363 Jo Ro
0%
7,130 Josef Yan
0%
4,392 Josemax70
0%
3,307 JosepTheBee
0%
895 JoseyPosey7
0%
6,488 Joshi (TheOneJoshGuy/TOJG)
0%
9,718 Joshoodie
0%
9,521 Joshy Squash
0%
291 JosszzoL
0%
8,012 Journal
0%
6,146 JoyfulJordon
0%
7,098 Joyful Timer
0%
9,906 Joy Ireland
0%
9,938 jozzep12
0%
5,558 JPG29
0%
8,435 JPOisPrettyCool the funny
0%
6,489 jrgamer4u
0%
912 JriSv256
0%
6,946 Jrobendrex
0%
6,676 Jroc1014
0%
7,062 Jr!!! :P
0%
8,061 jsap_4
0%
4,871 jserk
0%
8,849 J Sixteen
0%
9,648 Jsotoyes2
0%
5,801 jtag123slam
0%
1,953 JTC
0%
1,491 JTEMMWRCTCG134
0%
2,575 jude1845906
0%
3,449 JuiceTime
0%
8,692 Juju the object gamer
0%
7,349 JukzaDX
0%
4,952 Julie Hoang
0%
6,762 JulieTheFoxYT
0%
7,576 JulioDoesRandomStuff
0%
1,505 JumboDS64
0%
9,051 Jumbo Jupiter
0%
5,422 jumping jam
0%
3,813 Jump in the Back
0%
7,227 Jumpy Mystic
0%
3,493 Juneru
0%
4,436 Junglegamer047
0%
4,212 Juniborn
0%
7,162 Junkcarnival151
0%
3,088 JUNYA JUNE
0%
3,581 JurbishJurb
0%
2,956 Jurta
0%
9,740 justabum
0%
6,239 just a ewow contestant
0%
2,720 Just a Goofy Goober
0%
1,279 JustALazyGuy
0%
2,879 Just a Lime
0%
1,905 Just an account
0%
5,183 | 6,532 JustARandomGuy
0%
3,442 Just a Sad Book
0%
4,908 Just a TB fan
0%
2,797 justaustinlol
0%
8,113 Just customm
0%
1,210 JustDrew42
0%
7,335 Justerfrog5557
0%
2,818 Justin9529 (FloridaFlag)
0%
8,852 Justin Case
0%
3,509 Justin Chapman
0%
2,704 Justin_va
0%
3,393 JustJack
0%
4,669 Justjayboi
0%
4,257 Justjohn
0%
889 Just Kamil
0%
4,316 JustLewiss
0%
737 Just Minus
0%
8,091 Just Regular Old Book
0%
2,925 Just Some Guy
0%
4,752 JustSomLim
0%
7,407 Just_Tabs
0%
2,296 JustTheJas
0%
3,941 JVTA
0%
1,298 jw5397
0%
2,277 jwklong
0%
3,387 jztkspjdh
0%
4,864 K00K1D95
0%
1,297 K1RB1L1TY
0%
3,033 Kache Banditt
0%
3,767 Kaddie
0%
9,877 Kadenkajs
0%
231 Kaestra
0%
1,943 Kaffir Lily Kefir
0%
8,949 Kafkamart
0%
5,358 KagiMarp
0%
6,617 Kaiden Games
0%
904 Kaiiak
0%
8,414 Kai Is Online
0%
2,742 Kailee Mix
0%
4,403 KaiLight
0%
9,219 Kairu-kun
0%
3,378 kaitlyn yoylecake
0%
2,491 kaiyakaze
0%
3,206 kala Asi
0%
5,691 Kaleidoscopes
0%
266 Kaleidoskull
0%
6,343 KalelH2324
0%
8,534 kalideo
0%
3,628 kalium39
0%
4,370 KalstorGaming
0%
8,218 KALTHELEGEND47
0%
8,512 KaMa2
0%
4,027 kamiisyna
0%
1,623 Kandezii
0%
6,190 Kane 5 to 95
0%
7,017 Kanga
0%
5,518 K-Angel
0%
8,599 Kankuş Tayyareoğlu
0%
223 Kapco
0%
8,486 Kaplin
0%
1,334 Kapuccino
0%
3,879 Karadical
0%
4,578 Karameru40
0%
3,299 karaskar
0%
4,352 Karina Caramel
0%
1,100 KarlKewbZ
0%
6,195 KarlYeah23
0%
2,756 KarmaticAnimation
0%
1,897 Karson05
0%
1,751 Kartang
0%
3,044 Karui :D
0%
1,708 Kasoku
0%
6,132 Kasprinprpl22
0%
947 Kasser
0%
5,891 kassiopeia
0%
8,027 katamari_
0%
5,564 KatAtaK
0%
8,036 katerpillar
0%
9,699 KAY EL TEE VEE ARE
0%
8,712 KayJay
0%
2,803 Kazechol
0%
7,822 "Kazindel"
0%
2,665 Kazn-Kan
0%
3,166 KazumaKendallthe3rd
0%
2,721 K_Back
0%
6,487 KBGKaden
0%
6,987 kbyay the blobster
0%
8,781 kdaolzbk
0%
9,565 KDestroyer9
0%
4,476 KeB3i
0%
2,304 Kebe
0%
3,973 Keelinosity
0%
8,468 KEFT
0%
8,799 keikoleiko (pronounced key-co lee-co)
0%
4,096 KeiZ (:
0%
6,316 kelolel
0%
632 kelp
0%
7,702 kelpums
0%
5,624 Kendro SusyMcSus
0%
8,283 kendynshalton
0%
4,741 Kenpi
0%
1,552 KentuckyBall
0%
3,523 kenz0id
0%
9,240 Kenzo Kentucky
0%
8,282 Keraxis
0%
4,861 kesleryak
0%
3,594 Kestin Pastelliot
0%
7,104 Kevin Bacon
0%
4,985 kevinlel
0%
1,359 Kevinm31
0%
2,480 Kevin The Cucumber
0%
1,707 Kevinxiehk
0%
2,989 Kevren
0%
9,657 keyhole
0%
9,053 Keyper
0%
6,255 Key's Studio
0%
8,664 k factorial
0%
8,356 Khaled K
0%
3,928 Khalid
0%
6,535 KHALID SYITA (pronouced kuh-lid sheet-uh)
0%
3,686 Khaz
0%
2,482 Kh yu
0%
9,943 kibs
0%
3,085 Kidding Kid
0%
7,035 kiddygoat
0%
9,132 KiddyJackz2009
0%
7,325 KidNamedPerson
0%
8,726 Kiein
0%
4,520 Kiki3
0%
1,496 Kiki_And_Coco_Productions
0%
8,382 Killstreak
0%
680 kimikoazuma
0%
5,148 KindleSalt
0%
4,074 Kindzakat
0%
1,901 King2970
0%
4,730 King 3D
0%
9,474 KingAnt
0%
6,108 Kingbraylon
0%
9,806 king dice
0%
8,965 Kingdom of Princes
0%
6,244 King gamer
0%
3,237 KingNoob
0%
8,793 King Of Awesomeness the 3rd
0%
6,145 King of Derps
0%
6,001 KingOfLagg
0%
1,005 KingOfTheCold
0%
3,585 King Queso
0%
8,670 King Stickmin
0%
4,740 KingThing
0%
8,675 KinokoBroAnimations
0%
490 KinyACat
0%
6,180 Kinyxo
0%
5,047 Kip
0%
9,838 kiraboshi
0%
1,252 KiraKiru
0%
3,225 kirballs
0%
5,042 Kirby
0%
1,081 KirbyMarioSunshine
0%
7,895 Kirbyplayr
0%
7,385 kirotiq
0%
8,605 Kit🌙
0%
7,082 KitchenAccomplished
0%
7,232 KitCopo
0%
4,838 kitdriveyards
0%
6,485 Kitkat TicTac
0%
790 kitkatyj
0%
6,169 kitokat
0%
1,980 kitrium
0%
7,501 kittah
0%
3,239 kittiesandcream
0%
6,090 Kittoodles
0%
1,095 kittycoolcat7
0%
461 Kitty Likes Fire
0%
8,483 Kittymewmew
0%
6,662 Kity Rascel
0%
7,695 kiwi
0%
271 Kiwiyum
0%
2,581 KJ PLAYZ
0%
8,814 Klamper
0%
5,418 Klarijon
0%
7,841 Klarion
0%
7,824 Klebber
0%
7,068 k lemon
0%
3,395 Klichaie
0%
4,394 Klook6950
0%
4,355 KlV
0%
5,321 Kmartink
0%
2,179 KmHammer
0%
3,817 Knífechúr
0%
5,128 KnightOfNeptune
0%
1,277 KnotKoda
0%
364 knuxchux
0%
4,265 købalty
0%
6,405 KobyMax
0%
6,052 koduflower2000
0%
4,357 Koi Fish Pond
0%
3,288 Koir
0%
6,468 Koister
0%
4,023 KoKo Limon
0%
2,227 Kokopuffs
0%
2,082 Kolventra
0%
2,282 komaloser
0%
8,444 Komasangamer
0%
7,182 kometoru
0%
2,285 kona
0%
5,266 konataganda
0%
4,748 Kooky Zuka
0%
7,871 kool aid snorter
0%
8,807 KoolCatFluffy
0%
7,859 KoopaPlush
0%
7,474 korby775
0%
2,388 KoreanSpicyGarlic
0%
3,842 Korl
0%
3,167 KoroWisdomsies
0%
4,072 Korx
0%
5,216 KorZen
0%
7,811 ko Umeja
0%
2,865 Kovakhiin
0%
8,878 KowKing
0%
9,537 Koye
0%
7,016 Kqt Vibes
0%
1,346 Kraezy Dude
0%
4,216 Kramlakus
0%
3,651 KrashKai
0%
6,206 Krásnaja Zvezdá
0%
1,161 Krazmalaxx
0%
462 KrazyMan79
0%
5,371 Kreath Flower
0%
6,120 Kreemii
0%
5,510 Krekers_SunLight
0%
7,306 Krem
0%
5,910 Kribyking
0%
934 Krimpybob
0%
4,670 KrippAnus
0%
5,276 Kriskross
0%
8,539 Kris P Kreme
0%
9,056 Krispy Deebs
0%
8,251 Krispy Kritter
0%
2,111 Kris’s Soul
0%
1,266 Kristos
0%
2,603 K_rma
0%
7,744 KronosAnimates
0%
3,644 Krookodile
0%
4,764 Krovedills
0%
2,958 Krrrbyy
0%
2,349 krustykrampizza
0%
335 KrystalBirdie277
0%
1,229 KrystalGhostz
0%
2,789 KTB Elite
0%
1,841 KTGE_Official
0%
4,798 kth11211 ("kth" is fine though)
0%
9,040 Ktoonsyeagod
0%
349 Kuba Klimczak
0%
4,164 kubus1472
0%
3,229 Kuker Enemy
0%
7,912 Kukkulaaa69
0%
5,231 Kulerage
0%
5,404 kulupu ko
0%
3,291 Kur0mi3 Mel0dy!!!
0%
9,177 Kurboh
0%
2,336 Kurg
0%
4,701 KuruGon^-^
0%
9,491 kus4nagi
0%
9,310 KuyaPuma
0%
2,339 kwdash
0%
4,258 Kwebboman
0%
7,704 Kwibbet
0%
8,402 KyaCandys
0%
5,970 kyanako
0%
5,602 Kybusian Glarb
0%
2,918 Kyle Animation Studios
0%
2,674 Kyle Catchphrase
0%
3,322 KyleDoesRandom155
0%
1,591 Kyle Pokorski
0%
5,214 Kyler basics
0%
2,508 KyleReid17
0%
2,034 Kyline
0%
8,668 Kylling
0%
9,826 kymue123
0%
8,730 KyndlingStone
0%
8,018 Kyran
0%
6,877 KyZenith8
0%
5,006 L1ght
0%
1,009 L375
0%
1,152 l3g4l1s3nucl34rb0mb5
0%
955 L4Vo5
0%
1,291 label12
0%
3,588 Lacbat
0%
9,584 Laced bookmark
0%
2,964 Lach15bro
0%
1,849 LachlanTheDumbPerson
0%
8,987 Lackluster
0%
1,162 Ladair
0%
6,018 Ladovalon
0%
8,514 Lads of Troy
0%
5,492 LadVolt
0%
9,965 Lady Eli
0%
6,837 Laem
0%
2,313 laetse
0%
6,373 Lagátor
0%
1,414 __Lagbot__
0%
3,284 Laggity
0%
1,954 Laharmo
0%
5,251 Lakii
0%
2,103 LA Knight YEAH!
0%
831 LAKottke
0%
7,581 lalia is gonna win ewow
0%
7,262 Lame Lexem
0%
7,825 lameostuff
0%
4,243 Lamp
0%
6,867 Lampberry Shine
0%
1,106 lampishboi
0%
7,425 Lampter
0%
8,737 Landayne
0%
9,830 Landitknight
0%
3,310 LandofFury
0%
6,658 landy
0%
332 lane
0%
2,810 LANnet
0%
3,434 Lanuqkicktsu
0%
3,687 Lanylamp
0%
3,344 Lapis700
0%
4,344 LappiSVG
0%
6,079 Laprasdaclapper
0%
1,052 LARAUJO
0%
5,595 Larchibald
0%
5,442 Larkas
0%
3,011 Larretty
0%
4,421 LarsyP
0%
7,479 lasagna!!
0%
2,334 Lasagna Enthusiast
0%
3,117 LaserAirX
0%
4,528 Latte
0%
845 LaughingGenius
0%
3,034 Laundry
0%
♡1 Laurceny
0%
3,758 laurer
0%
7,287 LavaCastle
0%
7,088 Lava Jakob
0%
8,399 lavalaph
0%
6,483 Lava Mage Man
0%
6,158 LavaPants
0%
9,198 Lavender
0%
7,281 Lavender Blender
0%
6,064 Lavendersproutz
0%
3,324 Lavenight
0%
2,813 Law
0%
4,854 lawnoa20
0%
2,161 Laysparkly
0%
8,577 Laz_
0%
5,725 lazaraine
0%
2,820 Lazer Lazem
0%
4,767 Lazer Shark
0%
8,216 LazerTheNoob
0%
6,722 Lazlorzy
0%
7,938 Lazuly
0%
9,211 LazyKH
0%
4,757 Lazymation Studios
0%
5,941 LazyNoodles
0%
2,377 LBNostalgia
0%
8,072 LDS
0%
8,281 Lead Poisoning
0%
9,457 Leaf blade
0%
6,849 leaf book
0%
4,975 leafpei
0%
3,146 Leafrik
0%
7,121 LeafSilvery
0%
7,839 LeafSnivy
0%
6,800 leafstir
0%
4,063 LeafyAnimations
0%
1,913 LeafyMations
0%
6,137 leafysharky
0%
5,169 LeagueOfLetters
0%
3,904 leamai242
0%
9,684 LEANBEEFPATTY1539
0%
4,447 Leap
0%
2,401 leapfroggrr
0%
5,014 Leaqua21
0%
2,750 Leara
0%
4,557 Learnable lean
0%
3,748 Learned Hog
0%
8,383 Leather Dragon
0%
6,797 Leccy
0%
8,701 Le Celeste Beste
0%
7,107 LeCHL
0%
4,196 LeCyan-tist
0%
3,112 l_eduardo
0%
187 LedybruhGuy
0%
7,583 Lee
0%
9,439 LeEpicGamer
0%
5,381 Lee SOSC
0%
8,406 Le Fish au Chocolat
0%
701 leftlaneopen
0%
6,540 Leftover Lego
0%
7,587 Lefty
0%
3,754 LegallySoap
0%
7,406 Legatololly
0%
993 LegendFinder
0%
6,034 LeggyTheBooky
0%
802 LegitSi
0%
445 Lego
0%
8,717 Legoamazer(o-o)
0%
8,183 LegoMarioGamer
0%
8,193 Legoshine
0%
1,533 legotd61
0%
9,417 LeifsLittleLuxuryHell
0%
9,419 LeiNavI
0%
2,449 leiz123321
0%
7,195 Leland 3
0%
4,852 Leli8215
0%
7,808 lemolii
0%
5,050 LemonAid!
0%
3,975 Lemonandturtle
0%
8,128 Lemonansi
0%
735 Lemon blood
0%
3,596 LemonBluez
0%
6,649 Lemonboxie
0%
9,336 Lemon Lime
0%
522 Lemon_Loser
0%
6,290 Lemon Sauce
0%
7,842 LemonsforLIFE
0%
2,450 lemonsja
0%
3,672 Lemon Vee Lime
0%
3,089 Lemony Life
0%
3,298 lemonysnickerdoodle
0%
7,137 Lemurkin
0%
432 Lennychu
0%
6,345 LennyStudios 3.14
0%
1,351 Lens da Vinci
0%
9,187 Lentin
0%
7,886 Le Num
0%
6,229 Lenxgames
0%
5,159 LeoBro
0%
4,657 Leonard Smoothcheeks Mudbeard
0%
5,181 LeonGamer
0%
1,365 LeonGato
0%
7,339 LeonZ
0%
3,441 Leoyoshi54321
0%
9,967 LeStaticMANS
0%
8,224 letcreate
0%
8,308 letsgo_321
0%
4,801 LetteredSymbol
0%
6,309 LETTERS_YO
0%
927 levecito
0%
5,460 Levi Gets Evil
0%
3,660 Levinathan
0%
8,359 levinlevin
0%
3,694 LewisDewis
0%
4,186 Lex at his best
0%
2,018 lexikiq
0%
339 lezzthan3
0%
4,372 LF2K
0%
4,876 LggTC
0%
8,723 LG Smart Refrigerator
0%
3,573 Lhistoire
0%
527 LiamLimeLarm
0%
5,971 LIAMZZ
0%
5,714 Libr-airy (known as Aircat in other social medias)
0%
8,753 Library Specter
0%
2,901 Libro de España (Libro for short)
0%
3,647 Lifeline
0%
3,155 lifinale
0%
3,533 lightgreenwatch
0%
4,232 Lighting Flash
0%
7,637 Lightning
0%
6,119 Lightning Book
0%
9,250 Lightning Bright
0%
1,775 LightningCuber
0%
8,350 Lightning Fun
0%
4,309 Lightning Gameroid
0%
4,953 Lightning Green
0%
1,374 LightningKing
0%
730 lightningmatt
0%
4,000 Lightning Scepter
0%
9,416 Lightnings number 1 fan
0%
9,587 Lightning Song
0%
2,800 Lightning Strike
0%
6,357 LightningStriker821
0%
9,375 Lightning Thunder
0%
7,956 Light up the way
0%
6,500 Lilac Kanji Book
0%
4,982 Lilac Lagomorph
0%
8,297 Lil Big Jo
0%
4,160 LilCalebW
0%
2,203 LilEdmond Brown
0%
5,055 Lilly_PNG
0%
8,014 Lilly-The-RAT
0%
919 Lil Rex
0%
4,525 Lil spidey
0%
6,331 LilyKatsu
0%
8,629 LilyLight
0%
7,358 Lily Rose
0%
913 Lily Skye
0%
4,346 Lily the book
0%
9,209 Limbo full guidebook
0%
7,245 Lime Animates
0%
6,308 lime.book
0%
1,327 LimeGreenTeknii
0%
6,436 Limelight Sunlight
0%
2,319 limelock
0%
5,902 Limey Supreme
0%
5,634 Liminal Latte
0%
669 Liminar
0%
4,227 Limindigo
0%
9,034 lindin
0%
6,061 lineaway
0%
6,315 Linh Viet 125
0%
2,493 Linith
0%
3,875 Lino Dolphin
0%
8,118 linsins
0%
8,893 Linus The Idiot
0%
6,587 Linux
0%
2,765 Lionwarrior
0%
9,608 Lipaned
0%
6,054 Liquid number
0%
1,280 LiquidSpider
0%
883 Lisbon Mapping
0%
1,780 Listochik
0%
2,609 LiterallyLies
0%
2,533 Litherally
0%
597 Lithium
0%
1,703 Littleanvil
0%
6,943 Little jig jig
0%
8,993 LittleT
0%
2,644 Liuminity
0%
1,624 Live Launcher
0%
5,021 LivelySeals
0%
1,056 LiviCiabattery
0%
2,711 LivingPyramid
0%
7,401 LivinThatLifeInTheServer
0%
6,654 LivyKitty3
0%
4,771 Lixx
0%
4,001 Liyyyyy
0%
2,250 Lizaco
0%
1,460 LizTruss49
0%
3,003 Llamaboy
0%
9,493 Llanfairpwllgwyngyllgogerychwyrndrobwllllantysiliogogogoch
0%
1,529 Lllllllllwith10ls
0%
2,054 Llsr Ciaak
0%
5,092 LMALG
0%
1,869 Loading....
0%
2,293 Loading...
0%
9,888 LoanShark
0%
7,847 Loapher
0%
2,816 Locced
0%
6,076 LochlannDS
0%
8,464 Lockadin
0%
9,003 Lockalist
0%
7,543 Lock Coin5518
0%
6,968 lockerbros1999
0%
4,531 locksley77
0%
4,826 Lockstep Mj
0%
9,868 Lockup106
0%
4,189 Locky Handbook
0%
6,784 Loco León 369 (Spanish)
0%
9,636 Logan
0%
995 Logan H.
0%
754 LogansBurningShadow
0%
1,726 Logan Zombie
0%
6,789 LogBook
0%
2,108 LogeeBoi
0%
5,678 loggernamy
0%
3,478 LogicalTex
0%
5,402 Logio
0%
9,976 Lo Lando
0%
7,750 LoLBOB77
0%
4,906 Lolks
0%
7,226 LoloRush
0%
4,202 Lolsus4u
0%
1,543 Lolwut
0%
8,634 Long Turtle
0%
5,494 Loogi the one and the uh AAAAAAAAAHHH!!!
0%
6,275 LookitsM.E
0%
6,291 Loonie Toonie
0%
5,789 loonyvj
0%
4,279 Looper0935
0%
4,668 Loopsy the Loop
0%
7,735 Loopter
0%
8,594 Loqa
0%
8,372 Lorbbrol
0%
515 Lord Farqiplier
0%
1,613 Lord Merlin
0%
5,708 Lord of bored
0%
1,427 LorFir2763
0%
1,437 LoserBot
0%
8,943 Loser McButtFace
0%
1,487 Loser The Loser
0%
6,377 Lost and Found Multiverser
0%
9,726 Lost Knowledge
0%
2,905 lotocki
0%
5,031 lotusdom
0%
6,778 LotusLaqq
0%
6,596 Lotz8
0%
7,481 loueydoubii
0%
6,519 Lou Gibbou
0%
3,718 LouietheLeg
0%
8,205 louzka
0%
7,774 Lovely Bloom
0%
9,484 Lovely Leslie
0%
4,494 Lovely Pink Deer Sissabelle
0%
3,103 LovePacks
0%
7,582 Loveyalpeople/Roach
0%
9,624 loving tree
0%
4,033 Low-Key
0%
707 LowlyCube
0%
4,397 Loygee
0%
7,384 LR10R
0%
3,982 LS5679
0%
9,531 L The Algebralien
0%
7,885 LUA COMPUTA
0%
5,303 LuaLow
0%
3,216 luar RVM
0%
3,365 Lublosu
0%
1,544 Lucaigi
0%
6,792 Luca Pooka
0%
8,232 lucariomaster
0%
2,751 LucasBoi
0%
3,262 LucasZaKing
0%
3,671 Luca_ZL
0%
8,051 Lucca Racer
0%
4,912 Lucidd_a1rz
0%
2,485 Lucidity
0%
2,926 LucidRune
0%
7,897 lucikitti
0%
8,494 Lucky Cloverfield
0%
1,132 Lucky Hairclip
0%
1,213 Lucpel18
0%
9,321 lugui
0%
1,349 Luigi Kirby
0%
1,927 Luis
0%
661 LukárioCZ
0%
9,397 Lukas26
0%
8,861 LukasRainbow
0%
6,237 Luke Holmes
0%
3,054 Luke The Musical
0%
523 LukexYuri
0%
7,271 Luki
0%
4,883 Luksemburg7
0%
6,254 Lulu / Later
0%
1,159 LumaCyde
0%
4,289 Lumakid100
0%
8,261 lumdu
0%
600 Lumenosity
0%
2,453 Lumik
0%
9,483 Lumlicious
0%
2,944 Lumpy
0%
2,323 lumpyjar
0%
9,742 Luna catwolf
0%
9,778 Luna Proc
0%
7,941 LunarAstremedy
0%
9,134 Lunar blue
0%
5,908 Lunar Knight
0%
9,102 Lunar light 2
0%
9,986 LunarNobee
0%
2,547 lunarxx
0%
924 Luni
0%
5,331 Lupi
0%
4,059 Lupin
0%
720 LuraEternal
0%
694 Lurksy
0%
5,252 Lush Lavender
0%
2,622 Luster Dust
0%
9,026 LuxPak
0%
2,659 LuxuryLapras
0%
2,464 LuxyHugs
0%
356 Lvii
0%
9,682 lxks(pronounced lucks)
0%
2,475 LYCANTHIAN
0%
9,894 Lychee
0%
4,823 Lycheeatrix
0%
2,579 Lycheee
0%
2,558 lydiali (m)
0%
3,224 lyledog34
0%
9,857 lyminal
0%
8,681 LyndixisW1zy!
0%
1,292 LynxTheBookWolf
0%
6,644 Lythika:D
0%
4,738 lyvem
0%
2,611 Lyvindy0527
0%
4,285 Lyzane
0%
7,909 lzprsn
0%
723 M4R1SS4_TH3_S1LLY
0%
8,163 M4rK3rr (pronounced Mark-ther)
0%
9,096 Ma’am on a mission
0%
7,908 maayamase
0%
9,472 Macaroni Cheddar
0%
2,939 MacBack
0%
8,720 Mac Butch Pro
0%
8,569 Mache
0%
3,006 Machodave_215
0%
7,269 Mackenz1337
0%
5,476 Mackenzii_
0%
2,275 Macks
0%
9,966 Mackzee
0%
8,527 MaCLagI
0%
2,013 MacPacs
0%
5,578 Madbord
0%
9,331 MadChomiker
0%
6,281 Madeura
0%
7,149 MadhavGullapalli
0%
3,495 Madilynn
0%
5,481 Madrik dude
0%
755 MaelstromNitro
0%
3,764 Magenta (B)
0%
9,891 Maggie-Gen
0%
9,152 Maggot Master
0%
6,409 Magical Door
0%
5,090 Magi-Callie
0%
7,382 Magic Hat
0%
2,062 magicio291
0%
7,246 Magic Mobster
0%
8,821 Magicpeanutswow
0%
7,819 Magi M Cull
0%
1,560 Maglev
0%
3,867 Magnificent Musical Manual
0%
6,363 Magnolia Kei
0%
4,931 MAGpie :D
0%
7,167 Mahreendabird
0%
9,319 maiaki
0%
7,914 MaikuMelon
0%
5,005 MailoHalo
0%
2,044 maimai
0%
8,560 majesticalixatorialisational
0%
9,908 majicalunicorns66
0%
459 Majikab
0%
4,848 Major Silly Goose
0%
5,562 MakanaCraft
0%
2,631 Makarkaplay
0%
3,552 Makeshift Cookie
0%
6,490 MakingThings!
0%
8,956 Makio
0%
2,906 MalachiteASDA
0%
5,884 Malaysian Star
0%
5,061 Malcolm IT
0%
4,185 Malmart
0%
775 Malowith
0%
6,150 Malrus
0%
2,315 Maluchr
0%
9,528 Mamaduque
0%
6,677 Mama Jester
0%
8,786 MamaMango
0%
8,738 Mamizoi
0%
5,501 Mamuka the nugget master
0%
4,276 Manay
0%
7,297 Man-chine
0%
8,632 Mandaluskaya
0%
2,344 mandelbro
0%
4,828 Mandelbroty
0%
9,653 Mandiary
0%
967 Mandragora
0%
1,625 ManekiNeko
0%
6,376 Mango
0%
4,402 Mango Bro
0%
4,017 Mangosteener
0%
8,070 mangostiin
0%
4,406 Mani
0%
8,764 ManiaMate
0%
8,108 Man Man
0%
4,235 MannifyYT
0%
1,019 Manpas
0%
1,449 ManTatFreeze
0%
5,063 Mao
0%
5,797 Maple
0%
9,640 maple
0%
3,222 maplechandelure
0%
3,150 Maple Label
0%
1,684 ‎ ‎mapleleafemoji
0%
9,571 Maple Leaf/The Unstable
0%
9,396 Maple Map
0%
538 Mapleskie
0%
4,956 Maple Tree Histories
0%
8,396 MarbledCloud
0%
4,053 Marble Racer
0%
4,697 Marcel Tanglang
0%
7,975 Marchan3203
0%
5,613 Marchico
0%
8,835 March Medjed
0%
5,567 Marcos Zebra 05
0%
1,107 MargaretThatcher11208
0%
2,718 Maric28
0%
9,988 Marilakos
0%
7,821 marilfortyseven!
0%
3,325 mario3dword
0%
6,580 MarioPlushAdventure
0%
5,814 mariosin
0%
5,514 Mario Smiley
0%
7,609 MarioTimeIn2024
0%
9,169 MarioTooniverse
0%
8,279 Marisa K.
0%
686 Marisa Lyga
0%
7,986 Marker Comic
0%
4,814 Marker Fan
0%
9,772 Markerous76
0%
6,320 Marker’s 1 fan!
0%
1,651 Marker The EWOWER!
0%
1,626 markiplierZ
0%
7,486 MarkMakesStuff!
0%
9,384 Markohn Cadherna
0%
9,325 Marko Mijajlović
0%
5,049 Marloin
0%
4,949 Marlon Hoek
0%
2,613 Maroon Hyper-hedroid
0%
3,228 MARSARTHIM
0%
5,297 Mars Az.
0%
3,834 Marshall Reading (a Book)
0%
2,672 MarshBud
0%
2,856 Marshsy
0%
660 MarshyMage
0%
6,744 Mars Mayhem
0%
7,319 Mars The Human
0%
6,818 Martcer1337
0%
8,348 Martian Pi 3.14
0%
9,625 Martin(ez)
0%
3,558 Martingomaster
0%
4,930 MartinPotcutBowliney
0%
2,503 Martlet
0%
8,976 Marul
0%
1,860 marvin keyes
0%
6,739 Marxy
0%
5,219 Marys
0%
7,212 Mask9999
0%
7,242 Masked Singer BFDI Fan
0%
7,207 masker
0%
7,314 Maskyn18
0%
5,165 MasonTheFisherman
0%
4,536 Mason The Nation
0%
1,286 MassimoZilla
0%
4,054 MasterMario
0%
5,868 Master Marx
0%
4,841 masterminer176
0%
2,184 MasterPusheen
0%
4,619 MasterStartist5
0%
655 mateic
0%
2,045 Mateololero1337
0%
650 Material Melee Official
0%
2,973 Mathbook
0%
7,136 Math Book
0%
3,818 mathbrooo
0%
5,644 MathCookie17
0%
2,376 MatHde
0%
7,443 Mathematics Textbook
0%
426 Math Enthusiast
0%
2,869 Matheus 2021
0%
7,342 MatheusQ
0%
2,837 mathguy37
0%
5,495 Mathman
0%
5,685 MathsBoi42
0%
9,192 MatProductions
0%
721 MatrVincent
0%
2,557 mattArtz
0%
4,902 MattBoi123
0%
9,630 Matthew I.
0%
3,281 Mattr07
0%
1,109 Matty the Valiant
0%
1,887 matusquelaxarope
0%
7,250 Matvii Surov
0%
3,706 maukamauka
0%
1,181 Mawilite
0%
8,460 Maws
0%
4,995 Maxaroni
0%
6,133 MaxBoi
0%
5,535 Maxfecteau
0%
2,608 maximeloon
0%
5,671 Maximum Light of the Midnight Height With Something Bright Luminescent Light
0%
4,292 Maxio68
0%
4,786 MaxIsWell
0%
8,156 MAX LENGTH
0%
5,791 MAX LENGTH = 75 characters
0%
3,998 Max Oak
0%
4,569 | 9,666 Maxolotl
0%
3,309 maxu
0%
6,435 Maxwahh
0%
4,197 Max Warrick
0%
2,369 Maxwell611
0%
5,457 maybemaivy
0%
4,743 Maybe Man
0%
9,998 Maybe Mango
0%
5,560 MaybeSample
0%
5,527 mayhemt
0%
7,891 Mayhem_Tardigrade
0%
6,992 MaymayReal
0%
1,450 MAYONNAISE
0%
6,218 mayonnaise toaster
0%
5,416 MayoOddToSee
0%
3,000 MayoRini
0%
5,207 Mayple Treeway
0%
6,021 Mayuu_sound
0%
4,387 -MBall-
0%
5,867 MBcodes18
0%
6,445 mcalladin
0%
8,637 mcatooch
0%
7,654 McDonaldsCheckoutTheory
0%
5,925 McMicro
0%
7,135 Mc Mikoz
0%
4,011 McOddzen
0%
3,062 McWahkeen
0%
5,493 Mday
0%
8,088 MD_SS OSC
0%
9,610 MeanBeans
0%
2,624 meatforkk
0%
7,069 Meaty
0%
3,936 Mebing
0%
8,351 Mecha Knight
0%
6,393 Mecha Leafster
0%
9,253 Mech Machine
0%
4,727 Medea Theodora
0%
3,658 MEDIIIIIIIC!
0%
1,692 MedioLitro
0%
6,954 Meekermoo
0%
6,063 Meep
0%
9,461 Meepy
0%
1,103 Meerkat Manor man 😎
0%
5,785 Meester Tweester's Brother
0%
9,864 Megabyte
0%
8,727 MegaDashian
0%
4,539 Megamegaminecrafter1
0%
3,743 meganfire01
0%
2,116 Mega Solar Flame
0%
9,057 Megonian
0%
8,236 Mehi
0%
7,357 Mehmehh
0%
6,682 Mekki
0%
3,760 Mek_N_Ism
0%
827 Melecie
0%
3,513 Melentils
0%
7,019 mel han
0%
6,130 MeLikeChezBurgers
0%
6,022 πMelin
0%
2,022 MellohiHellohi
0%
6,993 Melodic Tunes
0%
1,123 Melody Harmony
0%
4,524 Melon12 :)
0%
7,700 melonhead
0%
8,413 Melon Man
0%
5,722 Melon Munchie
0%
8,033 melon turtle
0%
2,347 MeltAClock
0%
5,449 MeltedPoggy
0%
7,355 meltyjpg
0%
3,199 Memeo (pronounced mee mee oh)
0%
922 Memerific Boy
0%
8,988 Memez animates
0%
1,911 Memmy
0%
9,143 Memoin
0%
8,182 Memory_Scaramouche
0%
4,964 MEMTKIWI
0%
6,272 Meow Mwah
0%
2,396 Mepveg
0%
261 Mercuri
0%
6,929 merrccurryy
0%
8,024 meslonmitza
0%
5,727 Meta (but as an Author)
0%
2,605 metachirality
0%
460 MetaCyde
0%
1,104 Metadragon
0%
166 Metagross_HRV
0%
9,829 Metallic Mortar
0%
8,046 Metal Siberian Cat
0%
6,276 Meteorite
0%
3,630 meteoror
0%
5,410 MeteorTech
0%
4,497 methane conan
0%
7,018 Metro System
0%
988 Metro x
0%
7,764 Mgirl9000
0%
9,290 MGMoaks
0%
4,570 Miauniroi
0%
6,537 MichaelEpicA
0%
3,510 Michael Jackson's Thriller
0%
6,222 MichaelTheGamer
0%
9,268 michaeltrys2game
0%
7,551 Mickey Of Wisdom
0%
7,114 MicroTheManiac
0%
785 micro.wav
0%
3,315 Microwaved Soda
0%
6,593 micstan
0%
6,657 Midgames
0%
5,277 Midkup
0%
5,835 MidnightBlast
0%
8,850 Midnight Goofy Ahh Creeps
0%
7,412 Midnight Ren
0%
5,190 MidnightStars
0%
5,637 Midnight Wolf
0%
3,642 Miggle
0%
1,802 Migueler
0%
5,585 miinox
0%
4,901 MiiVertex
0%
6,128 Mika Yurisaki
0%
1,416 Mikazuki
0%
5,885 Mike124
0%
6,399 Mike7DUM
0%
6,938 Mike Geno
0%
6,725 MikeKataster01
0%
3,183 MikesCreativePalace
0%
4,231 Mikeydudes
0%
279 mikey swag
0%
318 Mikez777
0%
9,443 Mikori-Chan
0%
1,962 milakonis1
0%
8,575 Mildly Human
0%
3,227 MildlyPanda
0%
7,333 Miles4Daze
0%
4,773 Miles_Miles
0%
8,249 Miles Speeder
0%
7,644 MilkedShakes
0%
6,905 MilkieWay-
0%
7,868 Milk Laptop
0%
5,079 Milklineep
0%
8,060 MilkMarioBros
0%
9,154 MilkyWasTaken
0%
1,501 Milky.Waves
0%
4,103 Milky Way
0%
7,773 Milkyway!
0%
1,958 milli
0%
8,967 Milo
0%
5,804 milogaming13
0%
♡1 milster08
0%
1,494 mimi7
0%
1,823 Mimi8884
0%
9,373 mimimeow
0%
1,636 MinceMeat&Concrete
0%
6,384 Mind Frost
0%
7,056 Mindful Seeker
0%
8,790 Mind reality
0%
9,418 Mindshadow
0%
3,866 Minebrandon
0%
3,342 Minecags
0%
1,724 minecalftree
0%
7,856 MineCat9000
0%
6,925 Minecraftrulz57
0%
5,239 Minecreep
0%
5,228 Mineit909
0%
956 minekylemania
0%
6,264 Miner 11
0%
6,584 Ming or Minh
0%
8,968 MingoTheGreat
0%
7,869 Minh the Vietnamese
0%
9,646 Minh Tú
0%
4,709 Mini Dictionary
0%
1,046 Mini Gumballed Ice Cube
0%
3,105 MinioncupGaming
0%
9,655 Minishy
0%
1,923 MiniTardigrade
0%
4,933 Min-shift
0%
9,916 minsker
0%
4,081 Mint Boo Aka. "Boolover"
0%
5,468 Mint Glacier
0%
7,310 Min the newbie
0%
3,303 Mintint
0%
2,414 mintl
0%
2,303 MintLeaf
0%
3,997 Mint Toad
0%
5,313 Minty Bunz
0%
1,402 Minty_Dominic
0%
8,647 Mintyfreshsoda
0%
3,667 Mintyyy Cat
0%
418 MinusDry
0%
4,299 minutemaid
0%
7,527 miojo157
0%
4,322 Miplist
0%
3,008 Miraculous Zach 707
0%
6,023 Mirassol Gal
0%
5,631 Mircat
0%
1,120 Mirillis
0%
9,488 MirMirCreates!
0%
6,429 Mirror_Idkts
0%
3,339 Mirror Magic
0%
6,961 Miscellaneous Sarnian
0%
6,506 MischievousHands
0%
2,676 Mischievous Michael
0%
6,242 MiscOSC
0%
4,594 Misc Practice
0%
1,508 MishaGold
0%
5,373 misplay
0%
1,541 Miss Goddess
0%
642 MissingBook
0%
3,618 Missingkhx
0%
7,519 misskawii3
0%
2,505 MistaCoolWhip
0%
8,141 MistahCDMan
0%
4,808 Mister Beefy
0%
8,129 MisterBronze
0%
6,302 Mister chaos
0%
9,619 MisterGalaxy
0%
562 mistermachiano
0%
2,899 MisterMister
0%
7,247 Mister Noisester
0%
9,935 Mister overall
0%
3,109 MisterReeman
0%
6,352 MisterYan12
0%
4,868 Mitey Vegemite
0%
1,599 Mitikon
0%
9,381 Mittens
0%
4,241 MitzaPizza
0%
4,117 Mitzi Kitzo
0%
5,611 Mixis
0%
789 MixProgram
0%
5,465 Mix-up Mondo
0%
1,379 Miyawaki Sakura
0%
8,933 mizhasthebiz
0%
1,746 mizuespy
0%
612 MKWCore
0%
6,720 ML864
0%
7,360 Mlaeaos
0%
8,440 mmmmmmmmm123456789101112131415161718192021222324252627282930313233343536373
0%
4,019 MMurat153
0%
7,646 Moberslushie
0%
5,096 MochaCabbageFetus!!
0%
1,513 Mochi musicarc battlearc
0%
8,168 Modly Mold
0%
7,036 MoeYolk
0%
5,037 mofie
0%
835 mogi45
0%
8,167 mohman132
0%
7,416 Moi Bok
0%
3,158 Moikeromatsu
0%
747 mokeyvspoke
0%
4,648 Moksan
0%
1,758 MoKuZai
0%
7,947 Moldy Moth
0%
9,580 Molli :3
0%
4,935 Mommafox9
0%
6,134 Mon0chrome
0%
7,878 Mona Booksa
0%
4,627 Monakhome
0%
6,516 MonedasyBilletesMX
0%
8,561 Moniker
0%
9,301 Monkeejy
0%
9,853 Monke lover
0%
3,406 MonkeMayhem
0%
7,661 Monkeyiddle
0%
9,767 Monkeyman249
0%
6,274 MonManic
0%
2,208 Monoch Roman
0%
4,242 Monster64
0%
9,481 Monster Monarch
0%
5,182 Monstrous Universe
0%
8,161 Montgomery Biscuit
0%
2,354 Monto
0%
2,965 Moo92
0%
7,596 MooCowC
0%
3,468 MoodNightClouds
0%
855 Moo_Maximus
0%
3,470 Moon Ari
0%
5,156 MoonEgg
0%
8,498 moonlight (from tdos)
0%
4,307 Moonlight Pikachu
0%
7,361 Moonlight Star
0%
801 MoonMarigold
0%
8,546 Moons Gravity
0%
8,856 Moon Slip
0%
1,357 Moony Eclipsey
0%
3,539 moose
0%
7,141 Moose Unknown
0%
8,344 MooshDaMoosh
0%
4,007 Moosical3927
0%
9,193 mopade
0%
6,301 Moppa
0%
5,749 Morning Pie-Star
0%
725 Morning Yam
0%
6,289 MoroccoisNumber1
0%
534 Mortimer Mug
0%
3,590 Moss Lichen
0%
6,568 Mossy Master
0%
6,416 Mossy Unbookedmark
0%
2,648 Most Clever Goose
0%
9,975 MostlyTriangle
0%
9,007 MostSaneTwoFan
0%
3,892 moziet
0%
7,888 MP
0%
9,627 M. Pancake
0%
1,762 Mqnic_
0%
3,412 mr1sign
0%
7,647 Mr. 75 Max Letter Hater
0%
975 Mr ABCDEFG
0%
5,999 MrAlbania
0%
1,999 Mr.AlwaysInside
0%
9,558 MrAnni
0%
1,889 Mr Arto
0%
8,411 Mr. Bag Head
0%
8,979 mr breadsona
0%
9,589 MrChiken
0%
6,652 Mr Cool
0%
7,352 Mr. Creator
0%
529 MrDell47
0%
511 MrDumbGuy22
0%
2,843 MrDunce
0%
2,783 Mr Eugene
0%
1,809 MrFerf
0%
8,568 MrFunnyFun_
0%
6,936 MrG4meLover
0%
3,900 MrGeoGuy2763
0%
2,218 Mr. Guy 459
0%
377 mrjellyfish2
0%
4,261 Mr. Joe
0%
6,941 Mr Joe :D
0%
6,812 Mr Kabuki
0%
4,025 Mr. Kevin
0%
2,399 MrKuma
0%
3,621 Mr. Maestro
0%
3,300 Mr.Man
0%
1,847 MrMarigold
0%
2,968 Mr.Marz
0%
2,036 Mr. Microcryptocrystalline
0%
2,476 MrMonkey131
0%
9,948 Mr Mushroom
0%
6,969 MrNickwithY
0%
3,327 Mr. Noob 64
0%
260 MrObjects
0%
5,461 MR_OOF2020
0%
4,546 "Mr. Ottoman"
0%
6,434 Mr Panda
0%
9,477 Mr. PBody
0%
3,919 Mr Perfect Ace
0%
8,362 Mr. Petals
0%
4,190 Mr.Plat
0%
2,654 Mr. Pretzels
0%
6,965 MR.PUMPKIN
0%
2,626 Mr. Questionnaire
0%
641 MrRainCloudy
0%
5,261 Mr. Rando
0%
9,318 MrReuben
0%
3,843 Mr. Rose
0%
3,832 MR SCARY EVIL DEMON FIRE
0%
9,775 Mr. Sharky
0%
379 MrShrimp
0%
8,386 Mr Silly
0%
8,610 MrSlapper3000
0%
4,317 Mr. Smeghead
0%
4,943 Mr.T
0%
3,184 Mr. Tripple Dwooper
0%
4,680 Mr. Troll
0%
8,928 Mr Twister
0%
7,292 Mr Uhhh…
0%
6,385 Mr. Unpleasant
0%
4,907 MrVideo111
0%
8,518 Ms. Acevedo class lover!
0%
5,346 MSBen
0%
6,949 Ms. Cat, How's That?
0%
3,249 MSMDOFrocks
0%
4,919 Mstano
0%
2,341 msx
0%
4,295 Mt12
0%
1,934 MtnDewLover29
0%
4,269 Much_Sophia
0%
9,792 muchtoobaritone
0%
8,231 MuckFest
0%
1,037 MuddyPuddle
0%
881 Mudkip
0%
4,979 Mudkipotato
0%
2,383 MudkipYoshii
0%
7,932 Mudnight
0%
7,083 mudor tudor
0%
5,273 Muhammad / rpdc
0%
1,456 MukdipTheMudkip
0%
3,925 Mulligan
0%
958 multi
0%
2,649 MultipleTowns
0%
4,310 Multiversal
0%
7,860 MumbaiMaster
0%
5,423 Mungolia
0%
7,044 Murytrees2
0%
6,824 Mushiboi
0%
5,491 Mushroom fungus
0%
9,595 Mushroom Peepy Informer
0%
6,073 Music Monkey ♪±⇲⨓ↇ∑↡ʚ₪•
0%
1,288 MusiKoopa
0%
3,873 Musk Strawberry
0%
9,487 mustard and mayonnaise
0%
1,312 MutantJonny
0%
2,246 Mutated Ice
0%
5,386 Mutmer_
0%
2,848 Muzza
0%
2,361 mvar04
0%
2,787 [MVP]Phantom66
0%
6,344 Myalnyblth
0%
7,754 mycatisnamedtaco
0%
7,777 my dog nellie
0%
1,706 MyKe
0%
3,243 Mykeszs
0%
5,406 MYLORDMOB35
0%
6,004 My mom said I'm cool
0%
4,707 Mynamerandomnumber2
0%
1,571 mypetmiacid
0%
9,066 My Roblox name that I always use when naming myself online Ethan0_77
0%
9,254 My singing markers
0%
2,140 MySingingMonstersplayer
0%
7,861 Mysterious Antidisestablishmentarianism Figure
0%
7,794 Mysterious cardboard box
0%
218 MysteriousGrimReaper
0%
8,491 Mysterious Mystery Man
0%
7,619 MysteriPY
0%
795 Mysthaps
0%
3,970 MysticBallistic
0%
5,094 Mysticon
0%
1,975 MystLikeMist
0%
9,760 Mysty_yY
0%
469 myworld3
0%
4,302 N0tM3dDl1ngWIth4I
0%
1,124 n1ghts_starry
0%
4,349 @Naan_Nomm
0%
3,965 Nab
0%
7,521 Nablacadabra
0%
4,960 NABM3
0%
1,559 NABOCKS
0%
848 Nabokos
0%
5,915 NachoRuby
0%
9,701 n_addictor
0%
3,615 Nagannach
0%
2,844 Nagev Evil
0%
9,698 Naggfruit
0%
1,274 Nailed It!
0%
4,498 NajwaXD
0%
2,357 nak attak
0%
969 Naked Roll Mat
0%
1,442 Nakki Cat
0%
6,183 nameicon
0%
1,765 NamelessPotato
0%
3,031 Namestuffs
0%
5,687 NamishTheAmish
0%
2,298 Namlit
0%
8,191 NanaAndy🍪🍪🍪
0%
6,366 Nana Yaw
0%
1,436 Nann-ET
0%
8,762 Nanothegreenieboi
0%
7,366 Nanumanu man
0%
2,667 Naomi
0%
6,398 Nara sherko
0%
4,885 Narf
0%
6,891 nashooo!!!
0%
6,811 Nateisaguy
0%
5,822 NateSark
0%
7,389 nathan
0%
4,118 Nathaniel
0%
8,149 NathanIsCoolz
0%
2,053 Nathan Knocks
0%
4,326 Natures skyline
0%
7,324 Nauru Fruit
0%
3,776 Nave
0%
2,753 Navigoat
0%
440 NavyBlueCyanSky
0%
6,597 NBC Tube
0%
2,744 n_bonnie2
0%
1,805 Ndaiel
0%
1,319 Nebbulz
0%
2,365 Nebula Botanica
0%
9,696 NebulaFard
0%
2,842 NebulaticBoom
0%
7,816 Nebulius
0%
5,609 Necronomicon
0%
9,272 Necronomiconic
0%
1,740 NecroSquid
0%
7,584 Ned Fiddleslin
0%
7,969 Neferpizza. So I figured I will make my name very long. As long as possibl
0%
3,444 Neg+ive
0%
4,839 Nellie Jelly
0%
4,501 neo beo
0%
2,440 neogeosg
0%
3,420 NeoMajesty
0%
6,883 Neoncolors
0%
6,026 Neon Fish
0%
1,816 Neonique
0%
8,707 Neonlights
0%
8,053 “Neon night”
0%
5,795 Neon Nuisance
0%
6,175 NeonTehWolf
0%
8,812 NeonWeon
0%
5,798 NeoOmlexzzz
0%
9,279 Neopolitan
0%
8,503 -Neozai-
0%
6,618 Neph
0%
4,184 nepnep
0%
7,312 Neptune shine
0%
4,544 Neptunic Lonnie
0%
2,985 Neptunium Star
0%
7,157 Nerd_d
0%
9,825 Nerd Empire
0%
1,861 nerd grandpa
0%
9,882 Nerdiestyt
0%
1,656 NerdPig
0%
1,223 NerdyBooks
0%
♡1 Nerdy Gal
0%
8,265 Nere Drifter
0%
7,967 NERO
0%
4,951 Nerocitymapping
0%
5,639 Nesyn
0%
8,181 Nethen
0%
6,014 NetoWow
0%
1,043 Nettles
0%
8,403 Netz I Guess
0%
1,206 NeuroL04
0%
2,596 neutrality
0%
9,429 Nevadaball Mapper
0%
2,163 NeverButter
0%
4,122 never f1rst
0%
2,435 Never Giver Uper
0%
7,447 neverRare
0%
639 Newbie (hi blitz!)
0%
2,424 Newian
0%
5,569 NewMarkin
0%
5,880 Nexi
0%
9,180 Nexinex
0%
5,917 neyk-Kulva-iskos
0%
1,639 NG
0%
2,870 NG64
0%
2,460 nic and the computer club
0%
1,263 Nice Curtains
0%
722 Nice Dream-Cream Sundays
0%
3,352 Nicelodeus
0%
3,793 Nice Variety
0%
8,532 NicholasCYA
0%
5,855 Nicholas Frederick
0%
2,023 Nicholas Machado
0%
8,959 nici
0%
3,076 NickelBook
0%
8,159 Nick_S
0%
2,010 Nickster78
0%
6,277 Nick the doge book guy
0%
270 Nick Whitestreak
0%
384 nicogaming2
0%
7,496 Nicolas Note
0%
9,286 NicoTheTWOWer
0%
2,851 Nidgey
0%
5,466 Nifty McNifterson The 44th
0%
2,819 Nightclaw101
0%
7,198 Nightdrop Domi
0%
5,675 nightly music
0%
7,302 Nightmare
0%
2,930 nightnday
0%
8,026 Night owl lover
0%
9,706 Nightplant64
0%
2,805 Night T
0%
9,205 NiHick
0%
♡1 Nihonium_LTE
0%
3,466 NikiNico
0%
7,880 Nikki Bye
0%
1,825 niknokin
0%
2,849 NikolasN7
0%
3,118 Nikoloz Gilles
0%
1,137 NileIteru
0%
5,175 NilGaming
0%
9,575 NilWill
0%
408 nimckel
0%
4,870 Nimeni
0%
6,561 NineGoalsForLife
0%
331 Nine Volts
0%
6,554 Ninfram
0%
4,573 Nini Doesn't Exist
0%
7,421 Ninja Book
0%
1,235 Ninjabun 2
0%
566 Nino Eggies
0%
2,257 NintendoLover2005
0%
6,403 Nintendo Switchy
0%
5,929 nio
0%
9,815 Nippe
0%
2,872 NissanRogue
0%
9,749 Nitelite
0%
3,515 NitroNinja
0%
5,292 Nittyschmidty
0%
6,834 Nix6x
0%
8,337 NM0501
0%
7,116 nm41
0%
8,323 NM Master
0%
5,699 NNeil101
0%
1,729 Noah
0%
1,966 NoahAnimations
0%
3,871 Noah Not Noxious
0%
5,380 NoahSucksAtWriting
0%
2,604 NoamNF
0%
5,618 nobbage
0%
7,144 NoblePeacePrize
0%
2,919 Nobodythatyouknowlol
0%
8,858 Nobonus
0%
5,100 NoCodeJustDraw
0%
7,155 NOCTULLA
0%
3,540 nocturnal_
0%
3,446 NoelDaBoel.Rizz
0%
8,773 NoHappyTime
0%
8,831 nohnohz
0%
5,345 NoisyTheRooster
0%
1,092 Nojus Boi
0%
5,829 Nolan's Sky
0%
4,046 Nolden
0%
2,320 nolobargescope
0%
7,473 Nominated WOAH Buncher
0%
1,212 NoNameGalaxy
0%
1,965 NONDOT
0%
4,136 Nonexistent Object “Me”
0%
8,438 Nonsense_Inc
0%
5,751 NonsenseNelly
0%
5,201 Noob_97
0%
3,362 NoobCompany!
0%
9,963 Noob Guy
0%
8,526 NoobieDoesThings
0%
7,105 Noob Moonlight
0%
6,685 NoobOS_YT
0%
4,424 Noobrownies
0%
3,174 Noob's Noobsters
0%
7,484 Nooby
0%
5,332 noobykid9999
0%
1,801 noodely
0%
5,064 Noodle Ravioli
0%
3,050 NoonBot
0%
4,887 Noon Dark
0%
911 Noonereally
0%
7,691 Nope sr
0%
5,666 NorbLT
0%
2,984 noreasoning
0%
♡1 normalben
0%
9,498 NORMALBOOK
0%
5,412 NormalMaximo
0%
350 NormalPersonNormalName
0%
766 Norse Code
0%
8,829 North_Dude
0%
4,379 North Poley
0%
7,958 nosh
0%
1,087 NoSorryIDK
0%
610 NostalgicFeels
0%
6,174 Nostalgic Nightcrawler
0%
4,895 notabreakfastfood
0%
4,955 Not A Brony
0%
1,863 Not A Funny Face
0%
2,035 Notagoodidea
0%
5,178 Not A Goose In A Trenchcoat
0%
9,278 notarac
0%
434 NotARock
0%
2,687 NotAzen
0%
9,027 NotBob
0%
9,218 notcl
0%
4,945 Not cool
0%
2,743 Not Curtis Ice
0%
7,662 Not Cyanide :3
0%
1,191 notethanhobbes
0%
9,808 NotGaugepunk
0%
5,770 Nothcom
0%
3,716 nothing01a
0%
5,255 Nothing burger
0%
2,898 NotLime
0%
3,938 Not Maxmario
0%
2,132 NotmeYet
0%
804 not michael huang
0%
5,427 NotMyDeadname
0%
2,615 #notmynickel
0%
2,710 NotNate
0%
4,075 NotRick
0%
950 Notro
0%
7,059 Notser (TR)
0%
5,593 notthelaststraw
0%
9,400 Not to be Revealed
0%
1,305 NottyVT
0%
7,948 NouB
0%
8,741 Nouser757
0%
8,301 Nova
0%
4,941 NOVA_3
0%
6,868 Novak
0%
1,172 Nova Polonia
0%
1,959 NovaSolLuna
0%
948 Nowhed
0%
8,217 Nox Box
0%
9,912 noxdies
0%
3,007 NPC
0%
3,521 Npokemaster
0%
7,489 ns84
0%
9,094 NSPOLAR
0%
745 nTEXTtospeech
0%
3,391 NTG
0%
3,133 Ntw
0%
4,006 NuclearPikachu7914
0%
9,389 Nuevo Waluigi
0%
5,326 Nukakulah
0%
7,636 NullsStuff
0%
5,800 Null Tech
0%
2,262 NumbaTheNumero
0%
8,169 NumberFanagram Fanatic
0%
1,693 NumberGabe
0%
2,075 Numbergamer
0%
587 Numberi
0%
9,739 numdegased
0%
9,129 Numeral Thinker
0%
2,222 Numerical
0%
2,063 NumquamParatus
0%
1,247 Nurse Cheese
0%
8,134 Nursjames
0%
5,623 Nusrat hoque the doodler
0%
1,216 Nutball
0%
5,103 Nutella8693
0%
338 nuthatch
0%
893 NUTSMASHER8000
0%
1,336 Nwower the Ewower
0%
6,437 NWOWlebrity!
0%
8,374 Nya Kicks it to Office!
0%
7,627 Nyanimaniac
0%
5,068 Nyaria
0%
5,676 Nyazhi
0%
6,107 NycookieNik
0%
1,760 Nyloflake
0%
3,733 Nyon Cat Plush
0%
5,296 Nyxnco
0%
9,677 Oarfish Enjoyer
0%
1,358 Oatz
0%
2,713 Object Animator
0%
4,451 ObjectClock
0%
9,763 ObjectifyOficial
0%
4,592 ObjectPaddle
0%
1,376 ObjectSpartan
0%
3,974 ObleDoesStuff
0%
6,786 Obsidian Minecart
0%
8,564 Obviously notOwen
0%
7,557 Occult
0%
2,638 Oceaan Lad
0%
7,795 Oceana Taffy
0%
1,049 Ocean Clover
0%
1,478 Ocean Sandy 02
0%
8,958 Ocean Waves
0%
6,530 OCFrey
0%
9,411 Ociaco
0%
2,510 Octavia
0%
5,098 octoeel
0%
2,993 Octomra the Gemra
0%
7,648 Octowav
0%
3,191 Octuple Lensed Telescope
0%
4,890 Ocy
0%
6,456 oddballz4you
0%
8,751 OddCheese
0%
2,390 Oddidax
0%
1,028 oddlyirrelevant173
0%
8,173 Odd world book
0%
4,383 odef
0%
8,307 OdnaMocha
0%
7,238 Oetsian Pretzel
0%
6,817 OG BFDIer
0%
9,140 OG_Drippy
0%
9,736 Ohio Rizzy Cat
0%
1,356 Ohkext
0%
6,285 OhMyGodItsTheRealScoobyDoo
0%
5,996 ohnoitslos
0%
9,485 Oil1403
0%
7,965 Oinhko Wowie!!!!!
0%
6,634 Oinkert
0%
3,611 okamii
0%
9,633 Okay Kido
0%
4,685 okiandiko
0%
1,840 okie cokie
0%
1,907 Okman
0%
3,704 OKobern
0%
6,659 OLED
0%
2,982 oledres
0%
3,797 olego-siroedo
0%
8,008 Ole’ Timey
0%
7,796 Olimar12345
0%
6,387 Olive Man
0%
5,019 oliver!
0%
7,163 OliverClub
0%
2,258 Olivia
0%
1,470 Ollie
0%
557 OL Thomas
0%
9,392 Omar Khan from The Millennium School
0%
6,284 omega
0%
2,019 OmegaBlox
0%
4,312 OmegaSword
0%
8,671 Omelette Toffee
0%
2,235 OmgHi! It'sDavid
0%
1,475 Omik
0%
8,040 Ominously Patterned Book
0%
1,810 Omnaryn
0%
5,649 omo.core
0%
6,127 OneAlgebrailian
0%
7,962 OneD
0%
2,178 One hundred and eleven cats
0%
3,883 OneMillionJolteons
0%
9,334 One Piece Guide book
0%
5,320 OneUpMushroom GD
0%
7,681 Oneygram
0%
2,592 Onikks
0%
9,289 Online Ecstasy
0%
3,408 Only Wisdom
0%
7,645 Only Zero
0%
7,791 | 771 Onyx
0%
9,200 Onyx The Demon
0%
3,753 OobOob
0%
5,083 Oodle Eldoo
0%
8,420 Oodle the Doodle
0%
2,821 OofImDead
0%
3,083 Oofoofow
0%
4,726 OpalMines
0%
1,220 OpalStatus
0%
6,407 OpaqueSleet7802
0%
3,757 opedr0casss
0%
8,294 Openbookie
0%
7,719 Opened Book
0%
8,963 openguin
0%
8,752 Opinikn
0%
1,601 Opinions are Weird
0%
7,979 Optimistic Olive
0%
6,288 optophobia171
0%
6,213 OrangeCherries
0%
4,753 orangecreem
0%
6,214 Orange Falcon
0%
6,016 Orange Ge-light
0%
6,880 Orange Icicle
0%
8,986 Orange Inspector
0%
7,165 Orange juice Corrupted
0%
9,501 Orange Lover
0%
6,850 Orange Lunar
0%
7,739 Orange Muffin
0%
9,308 orange raspberry
0%
2,621 Oranges369
0%
9,161 Oranges with butter
0%
3,945 Orangey
0%
9,798 orangey
0%
2,421 orbit
0%
6,986 OrbitalNova!
0%
8,686 Orchid_Crimez
0%
8,003 Ordinary Ocean
0%
4,958 Ordna
0%
7,606 OreoLover48
0%
6,215 Oreo puffs
0%
6,367 Orfie
0%
2,523 OrganicHotChoco
0%
7,723 Organic intelligence
0%
8,434 orinami
0%
8,002 Orion's Hounds
0%
3,576 Orka
0%
4,256 orsomethinglikethat
0%
5,197 OrsonXD
0%
3,712 Osama's Algicosathlon
0%
7,756 OSBrawler
0%
4,341 Osha GD
0%
8,537 Oshawott_
0%
5,557 OsitoLeBear123
0%
4,567 OskarRacing101
0%
9,315 OsmNoWay!
0%
1,114 Ostia
0%
3,992 Otaku Logan
0%
6,934 Otaylay515
0%
3,375 otherlego
0%
2,009 Otter
0%
3,791 otter
0%
2,310 OTTWDTEWMITFGLTAM
0%
1,839 Ottwig
0%
6,740 Outerpace
0%
700 OveCZ
0%
5,978 Ovens the real corny owner boy
0%
1,777 Overcast
0%
7,230 OverHeatVD
0%
4,792 Overlap usernames
0%
3,932 Overseer
0%
2,080 Owee
0%
1,089 OwenAtlas
0%
7,487 owmooo
0%
6,939 Oxente_laele
0%
304 oxiisols
0%
6,872 oxygenbreather
0%
2,145 Oxygen_Consumption_Manager
0%
7,631 Oxygen Thesaurus
0%
2,268 Oxyhena
0%
2,802 OzAndAps
0%
8,687 OzzyEpic
0%
8,912 ozzymax
0%
8,120 p46f
0%
9,111 P87
0%
4,165 PacketO'Noodles
0%
2,700 Packi124
0%
293 Pacman2022
0%
1,790 PaczukW
0%
5,497 Paige Wrighter
0%
7,629 PaigeX4
0%
3,579 pailiard
0%
6,248 Paintbook
0%
9,620 paintbrush1077
0%
5,477 PaintBucketCard
0%
7,982 Painted book
0%
5,143 Painter Book
0%
2,730 Painting of Horses
0%
6,518 Palm Tree
0%
4,479 Pancakeboi
0%
7,471 pancakewithanexclaim
0%
8,784 Panda1627
0%
5,987 Panda Bun
0%
326 PanicDan
0%
3,032 panncaking
0%
9,573 Panquake
0%
1,189 Pantastic_J
0%
8,443 Panther301012
0%
1,128 PantsMcPants
0%
1,795 panzermanzer
0%
5,951 Paolo Aluffi
0%
6,749 paper2222
0%
4,851 PaperBagMan
0%
3,241 paperbin
0%
4,816 PaperBird
0%
8,844 papercdisc
0%
6,015 PaperFirey
0%
4,565 PaperHammer
0%
9,449 Paper I Guess
0%
9,141 Paper Jibanyan
0%
8,735 Paper Prankster
0%
8,127 Papery productions
0%
3,302 Papiomike
0%
3,755 Paradox
0%
4,620 Paradox9153
0%
6,714 ParadoxLost
0%
179 Parallel Paperbacks
0%
4,575 paranni
0%
3,726 ParanormalChicken
0%
3,572 Paraphrasing
0%
2,977 ParaWarnerViacom
0%
9,779 parfaiticCRk
0%
9,936 PARHYHAT
0%
8,840 Parkus Farkus
0%
5,435 Parteh
0%
9,019 parttimebrother
0%
5,682 Party book!
0%
3,078 PartyCup
0%
4,675 Pascalos
0%
8,437 Pascal The Dog
0%
3,696 PassF
0%
8,421 Pasta Guy
0%
5,129 Pasteline
0%
843 PataG
0%
8,241 Patch
0%
6,871 PatchBear
0%
6,858 PaterPiscis
0%
7,021 Pathfinder Δ
0%
4,107 PatosoWisdom.
0%
3,537 patpattttyay
0%
2,136 PattyPatQ
0%
2,389 Paul1001
0%
3,411 PawPinky
0%
4,399 PaxPandas
0%
5,724 Payton303
0%
5,786 PC36
0%
7,600 [pchel]IL_GRIG_3
0%
309 PCM
0%
1,917 Pdizzle
0%
8,123 Peacefulearthw
0%
7,797 Peaceful Night
0%
2,385 Peachcrowned
0%
5,540 Peach Nectarine
0%
8,314 PeachyPros7
0%
7,274 Peanut Butter Jam Sandwich
0%
1,520 peanut butter spreads
0%
1,238 Pearlescent June
0%
4,291 PearlyGreen
0%
5,606 pebbles
0%
3,187 Pedroabaton2
0%
8,601 Pedro signs up on EWOW
0%
4,977 peebpeeb
0%
5,877 PeebsPan
0%
9,230 Peegan
0%
1,925 Peep
0%
7,252 PencilFromFreesmart
0%
4,456 PenGelatinandDonutFan17
0%
654 Pengoo
0%
3,664 Pengooin
0%
7,154 Penguincuddler
0%
7,390 PenguinMaster562
0%
7,346 PenguinPooper
0%
9,342 penguin ranger
0%
5,172 penny
0%
7,803 PennyPenPen
0%
2,948 PentaCrab
0%
4,113 Pentaforce1
0%
4,849 Pentamagenta
0%
1,957 Pen Tappin’
0%
9,639 [Pento]
0%
594 Pentzal
0%
6,885 peny
0%
8,495 penz
0%
4,419 Pepesa
0%
4,993 Peposo2023
0%
7,315 pepper i think
0%
2,936 Peppermations
0%
4,702 PepperMint
0%
3,282 Pepperz_!
0%
3,195 Peppino Bookghetti
0%
6,131 Pepsi Man
0%
8,288 PercyTW
0%
4,855 Perfectionism
0%
4,483 Periblue
0%
8,536 perid4
0%
1,339 Peridot Person
0%
6,224 Periwinkle Mist
0%
8,192 Periwinkle Peacock
0%
5,775 Permanent Marker
0%
1,876 pernya
0%
9,598 Perpetual Supernova
0%
4,666 Perry the platybook
0%
7,492 Perseid
0%
2,660 Person #16384
0%
7,889 Person816
0%
6,912 person that exists
0%
4,877 personthatssandwich
0%
7,607 Person with Spaghetti
0%
8,680 pestilence33
0%
4,664 peterp16
0%
8,131 Peter park er
0%
8,783 Peter Wetery
0%
5,147 petra sabor
0%
404 pewpewbeach
0%
2,815 Peyton
0%
9,103 PfyscheStyx
0%
♡2 PG2K
0%
7,923 ph03n1x
0%
5,537 Phacey
0%
409 Phant0mInfinity
0%
7,993 Phantasmagorical
0%
1,078 Phantastrophy
0%
937 PhantoFantasma
0%
1,147 Phantomations
0%
4,245 Phantom Book
0%
2,207 Phayze
0%
4,121 Phelena
0%
2,560 pheonix 19
0%
5,359 Phil Meyarsol
0%
5,617 PhilPAlEskQ
0%
9,836 Ph¡l!
0%
9,781 Phobos and Deimos
0%
3,116 PhobosTheMoon
0%
6,084 Phoegam
0%
1,197 Phoenix Flame
0%
9,379 phoe_real
0%
5,766 phoneyserkett
0%
9,692 Photon Mothen
0%
3,689 Phroggu
0%
7,327 Phudit.uuhhh777
0%
7,097 Physical "Bonno" Wind
0%
8,745 Phyto-Pyro Android
0%
2,351 Phyzzy Drink
0%
5,160 Pichu
0%
4,718 Pichuzin
0%
5,177 Pickle1020
0%
1,714 Pickleting
0%
8,688 PicklezOrNot
0%
3,372 Picksle
0%
8,517 ~Pic-Nix table~
0%
1,244 Picture Planet
0%
2,244 pi cubed
0%
3,253 Pidginplace
0%
3,916 Pierkiel
0%
7,395 PigDoggo
0%
6,697 Piggy Bank
0%
6,245 Pigletandme
0%
2,712 Pig of Guinea
0%
9,538 PikaBook
0%
1,589 Pikaman
0%
4,138 PikaParker99
0%
6,412 PikatrapV2
0%
9,065 pikmin 4 for the nintendo switch
0%
9,068 Piksal Chaos
0%
9,071 Pillowdreamms
0%
3,878 Pillow Novel
0%
4,280 Pilot
0%
3,040 Pi Man
0%
7,959 Pi Member
0%
4,162 Pinadile
0%
9,502 Pinaple
0%
5,646 pinapple consumer
0%
5,906 Pinapps
0%
6,220 Pineappleio
0%
6,509 PineTreeFinn im gonna beat the owner in this
0%
4,794 Pingoboiii
0%
9,430 Ping Vat
0%
7,468 pink blooky
0%
8,471 PinkBook!
0%
5,750 Pink Book covered in Leaves
0%
7,954 Pink Conquest
0%
6,585 Pinkiedashshy
0%
9,089 Pinkpegacorn
0%
1,284 Pinkpel
0%
8,742 Pink pizza topping
0%
2,061 PinkyKittyPlays
0%
4,600 Pinky X15
0%
5,894 Pink Zinc
0%
5,002 Pinue
0%
1,616 Pin Zap
0%
2,864 PiplupRox614
0%
7,984 Pi pooper
0%
589 PIR
0%
2,529 Piston Bronze
0%
5,059 Pitsa
0%
9,257 Pitza
0%
5,302 piuwyi ^w^
0%
5,873 PivotPoint
0%
6,458 Pixelated pedia
0%
9,552 Pixelbook
0%
3,177 PixelGuy
0%
5,683 pixel joe
0%
2,193 Pixel King
0%
9,077 Pixel Master
0%
5,124 Pixeln
0%
7,248 PixelPerilous
0%
9,008 Pixel Polygon
0%
1,987 PixelSage
0%
2,170 Pixie
0%
3,571 Pixik
0%
5,757 PIXIL PAWZ
0%
2,970 Pixomite
0%
5,862 “PIXZWA”
0%
7,925 Pizookie
0%
8,678 pizzAAALoVER34
0%
3,868 PizzaBoxTheCoolOne
0%
1,732 Pizzaburger
0%
8,545 Pizzalord
0%
6,455 Pizzaman28
0%
2,312 piZzaMizzA2004
0%
1,299 PizzaSquish
0%
4,398 PJ23
0%
433 pjgamer
0%
6,802 PK
0%
9,650 pkj pkj
0%
6,515 PlaceFace
0%
3,768 Placenamehere
0%
2,891 Plad-de-Arvion
0%
2,213 Plain_Plaid
0%
6,807 PlainSheep314
0%
6,048 PlaneCal
0%
8,365 Planetary
0%
3,162 Planetballer Book
0%
6,259 PlanetDan4
0%
8,427 Planet Minjae
0%
1,511 Plankton
0%
5,677 Plankton59
0%
2,333 Planternfan_theunfunnyman
0%
6,330 "Plasmaaa"
0%
2,467 PlasmaPalace
0%
7,078 Plastic P the OG
0%
5,768 Platinum Comet
0%
7,203 Platinum Quasar
0%
2,827 Platinum Wispa
0%
545 playbook
0%
6,395 playergeek
0%
5,482 PlayerYusuf5296
0%
6,570 Playful Windwaker
0%
3,856 PlayRblxCats
0%
4,755 Plazix Klazix Hlazix
0%
7,699 please guys
0%
372 Plebster
0%
999 Plentelle
0%
6,975 Ploople
0%
1,347 pluey200
0%
6,555 PlugBoy
0%
2,578 Plugy
0%
6,626 Plushland
0%
9,686 Plushowl
0%
4,228 PlushyAnimations
0%
1,660 Plutoniumcube
0%
3,173 pluviocosmos
0%
1,645 PM
0%
9,668 Pmoney$$
0%
5,888 Pnnel
0%
5,619 Pod42
0%
2,123 PoetDontKnowIt
0%
9,440 Poetic Pamphlet
0%
2,717 PoetOfCOOL
0%
6,622 Points
0%
4,637 pointy
0%
4,720 Poisonous Atrocity
0%
2,243 PojoJants
0%
1,634 PokéLeaf
0%
5,067 Pokemar
0%
7,178 Pokémom
0%
6,081 Pokkaloid
0%
7,008 Pokpokman
0%
9,075 pokwou
0%
4,477 polablanks
0%
4,224 PolandBall132
0%
6,661 Poland is the best
0%
1,629 PolarCoordinate
0%
7,244 Police Mouse
0%
2,562 PolishCage
0%
♡2 PoliteCheese1414
0%
1,991 Pollyra
0%
1,026 Polter
0%
2,081 Polus Cannolus
0%
1,788 Polyarchitect
0%
4,842 PolychromePan
0%
3,691 polyester
0%
425 Polygon Puzzles
0%
1,265 Poly P Terus
0%
9,105 ponguon
0%
4,558 Poobmaster546
0%
2,236 Poochy768
0%
1,343 PooltoyPal
0%
8,477 Pooper
0%
3,656 Poopie Doopie Doo
0%
8,623 Poop Lord
0%
8,711 Poopoo truck
0%
9,734 Poop Soul
0%
6,402 Poopybutt
0%
915 Poor Woffiteer
0%
7,916 PopCakez
0%
3,347 Popcorn
0%
8,097 Popcorn Booket
0%
5,851 Popicle
0%
3,835 Popping Purple Person
0%
1,828 PoppinKenny
0%
5,425 Popsooke
0%
7,534 Poptart
0%
1,808 Populup
0%
5,330 Pop-up Book
0%
1,493 PorcuPlays
0%
6,151 PortMelanie
0%
6,737 Positive View
0%
5,658 Posse
0%
8,630 Possibly Esp-ing
0%
5,433 Possum Scripture
0%
1,069 Poster Man
0%
5,827 Pot
0%
3,452 PotassiumTree247
0%
1,638 Potate Motate
0%
8,066 Potato
0%
5,598 Potato2017
0%
4,721 PotatoAnimations
0%
5,752 PotatoFisher
0%
9,160 PotatoFive
0%
4,373 PotatoGuide
0%
630 PotatoNerd
0%
1,345 PotatOS
0%
3,320 Potato Soup
0%
5,777 Pottatole Guidebook
0%
6,705 Poultry :D
0%
8,521 PowDaddyCOW
0%
621 Powell0
0%
4,507 powerful teardrop
0%
3,677 PowerOfTheC
0%
3,854 power_Startastic
0%
3,479 Poyon
0%
6,574 PoyosRUs
0%
565 PPAKK
0%
2,570 ppcat
0%
8,926 Ppsteve
0%
9,617 प्रणव (Pranav)
0%
7,514 Prancis Francis
0%
4,989 Pranstan
0%
8,516 Prayed Legends
0%
3,654 prdz27
0%
5,024 precious
0%
2,106 Precise Potato
0%
666 PreciseTurnip
0%
3,448 Preen
0%
3,591 pregnant book
0%
5,897 Premium0516
0%
6,491 Pre Picasso
0%
7,106 Presently Amee
0%
4,632 Presto Majesto
0%
794 Preston The Wordplayer
0%
7,267 prettyuncoolnewewower
0%
2,041 PretzelDinosaur
0%
3,624 Pretzzz
0%
8,397 Prez
0%
6,839 Pride Light
0%
9,615 Pridey
0%
5,561 PrimeWordsmith11
0%
4,603 PrimrosePainty
0%
8,119 PrinceLitten
0%
6,193 Prince_Of_Dark_Matter
0%
8,117 Princepoyo
0%
6,144 PrincessaBella
0%
4,288 Princess Magic Cutie
0%
939 PrinithPickles
0%
1,007 Prismatic Tree
0%
1,690 Prism Star
0%
7,404 Pristine Aura
0%
4,934 ProbablyAnIdiot
0%
2,582 probium
0%
1,836 Problem Sleuth
0%
3,531 Procrasteenoo
0%
1,608 prodbyor
0%
8,235 Professor Mustard
0%
8,087 Professor Poopypants
0%
2,403 _profile
0%
4,937 profilynx
0%
1,920 pro fr
0%
3,355 ProGamerCool7
0%
7,516 progect3548
0%
5,695 ProgrammerGirl();
0%
3,354 Programmy
0%
6,990 Progress feed
0%
9,186 Prometheus Prothesis
0%
8,991 Propaganda Spreader
0%
3,202 Proto_
0%
8,862 Protogen posting
0%
3,922 Proton647
0%
3,903 Proton (real)
0%
1,642 pseudoCyan
0%
6,830 pspeeds!
0%
7,240 pspssp
0%
2,124 p-string
0%
3,511 Psychic Neo
0%
743 PsychoticSonja
0%
4,048 PT The Cheapshot King
0%
1,372 publicSpeaker_weaker
0%
1,978 pucha1985
0%
9,335 puffball 7
0%
7,482 Puffel Pizza
0%
8,250 Puff Racer
0%
6,097 Puffy Pumpkin
0%
1,473 PugCuber
0%
4,313 Pumpkin3.14 (pumpkinpi)
0%
8,426 pumpkin latte
0%
609 Pumpkin Munchkin
0%
1,531 Punch-Holer
0%
6,235 Pung
0%
3,127 punyshyuteko5py
0%
4,656 Puppet3
0%
5,490 Puppygamer
0%
2,808 PuppyRelp
0%
6,439 Purange.
0%
3,077 PurpleChickenPineapple
0%
8,490 Purple Citrus
0%
9,035 Purple Dude
0%
3,345 PurpleFly
0%
5,655 purplefruit
0%
7,718 Purplegreendude
0%
5,048 PurpleGuyPlayz
0%
3,018 PurpleKing
0%
8,874 Purple man
0%
3,735 Purple Nurpel
0%
6,683 Purple Pug 98
0%
7,531 Purple puppet
0%
5,220 Purples
0%
6,449 Purpleworm
0%
4,262 PurplSoosh
0%
2,073 PurplyTetra
0%
577 Purps Got A Ways To Go
0%
2,677 PurpulPancakes
0%
9,907 PurpuriteRite
0%
2,928 Pursued Trauma
0%
6,389 Puzzled Pie
0%
8,684 Puzzled_Till_The_End
0%
8,496 PuzzleFreak
0%
267 puzzlypugzly
0%
5,324 pwned
0%
1,130 Fireoiny
0%
3,602 PylonMiron
0%
193 Pyos
0%
2,620 Pyr0sity
0%
7,742 Pyret
0%
7,177 PyroCircle
0%
9,949 Pyrope
0%
943 Pyrope Leijon
0%
8,243 -PZ-
0%
944 Qbot7268
0%
4,859 qCosmo
0%
3,721 Qetytr
0%
4,911 Qhang Minh
0%
7,522 qimam
0%
7,022 qintical
0%
2,393 Qiopto
0%
2,411 Qipqqtppsgskkskk
0%
2,695 qKitti
0%
452 QLF9
0%
7,513 QRefresh
0%
5,001 Qu_999
0%
9,251 Quackapedia
0%
2,332 QuackerOats
0%
4,819 quackintosh
0%
3,196 Quadruple Integrate
0%
1,194 Quagsire King
0%
8,381 QuailTheKenku
0%
1,032 Quantum Solstice
0%
2,799 Quary
0%
5,690 quayzuk!
0%
8,766 QuebecFan
0%
3,071 QuebecFann
0%
7,470 QueenCole_Jesterofchaos
0%
8,841 QueenieCod
0%
648 Queenly Snow
0%
6,694 Queint The Carbink
0%
7,030 Quema (if taken, use Quema1107)
0%
3,673 Quercus agrifolia
0%
4,069 Quesode Womp Womp
0%
7,465 Quesoide
0%
8,672 Questionable II
0%
7,776 Questionnaire diary¿
0%
7,827 QuestSpot
0%
6,988 Quibby The Transgirl
0%
8,333 Quiet Bat
0%
2,232 Quilty Book
0%
♡2 +QuinDex+
0%
4,947 Quinn or something
0%
8,778 Quinoa-
0%
6,801 Quipply
0%
6,711 quipt
0%
1,389 QuiteFishy
0%
4,361 Quizru
0%
3,599 Quizzical
0%
6,508 quoger
0%
6,576 qwarta L'
0%
5,074 QWERTY
0%
5,905 | 6,981 Qwerty
0%
5,871 qwerty30 qwerty30 qwerty30 qwerty30 qwerty30
0%
9,172 Qwertyplatypus
0%
8,019 Qwerty's Object Type (Tuquans object type) {-- don't count that
0%
2,990 qwertyuiop265000
0%
7,221 Qwertywewre
0%
2,997 QWillow
0%
2,469 Qwoomy
0%
1,031 qywueirotp
0%
5,858 qzqyqx_97
0%
8,472 R05T4
0%
9,101 R1-Drift
0%
665 R3Ked
0%
1,041 R3versedP4ranoia
0%
4,270 RA123
0%
2,792 Raainz
0%
2,152 Raccoon
0%
3,163 Raccoon Demon
0%
4,267 Raccoon Ingot
0%
8,139 Raccothewacko
0%
2,488 Racher
0%
4,591 rachicman
0%
2,182 Radanox
0%
8,292 Radar Racecar
0%
9,431 RadDeathClaw
0%
4,850 RadiantInkii
0%
3,985 Radiant Mama
0%
4,161 RadiantRuby2763
0%
5,591 Radiant Sun
0%
4,151 RadiationRisk
0%
5,043 radiiyo
0%
431 Radio_activ
0%
3,964 Radioactive Blue Platypus
0%
5,377 Radiotomatosauce99
0%
2,785 Radium%%%%%3h7
0%
7,485 Rad man
0%
4,192 RadRobbie
0%
9,178 Radu
0%
4,659 Raeburn Razbury
0%
7,630 Raeluxx
0%
5,328 Raeshy
0%
2,947 Rafael Moutinho
0%
2,205 Rafał Duchnowski
0%
9,450 Raf Strawtle
0%
8,100 RagathaSnap
0%
6,098 Rage Against The Fridge
0%
2,147 Rager Doom
0%
9,978 ragez64
0%
657 Ragum
0%
7,711 🤩 Rai
0%
2,406 RaidingSalmon
0%
8,343 Raikotogen
0%
6,881 Railway Recklessness
0%
4,431 Railways man with heart
0%
1,700 rainbowcurrant
0%
6,819 Rainbow Dash OSC
0%
3,157 Rainbowmations
0%
5,896 RainbowServal
0%
7,166 Raindorp
0%
8,278 Rainknee Whether
0%
3,376 rainwaves
0%
2,614 Rainy_Clouds
0%
3,953 Rainy Day over 4
0%
3,991 rainydays!!!
0%
1,068 Rainzel
0%
5,438 rainzystarz
0%
9,663 Raivo_RJ
0%
3,405 rakugaki
0%
8,400 💜Ralesigh
0%
4,511 Ralsei Lover
0%
8,424 RAMBUNA
0%
7,150 Ramdompurpleguy
0%
1,941 Ramen Cakey
0%
9,656 ramennoodles420
0%
1,230 ramen powder
0%
6,526 RamiroJosePlaysEWOW
0%
1,770 ramon's brainrot
0%
1,477 RamPickup
0%
4,783 Ranch
0%
3,944 Ranchbird
0%
7,194 Rand0m Fell0w
0%
7,658 Rand0person
0%
2,804 Rando Cando
0%
3,488 Rando Gnalagans
0%
6,983 Random8
0%
4,404 Random Animator
0%
7,436 Random artist guy
0%
2,679 RandomDerpy
0%
6,897 Randomdude567
0%
5,764 Random Fandom Can-Do
0%
4,064 Random Fan of TWOW
0%
4,240 Random Forrest
0%
8,013 Random Guy
0%
9,602 random guy
0%
9,390 RandomGuy11
0%
7,931 Randomiiza
0%
5,744 Random Multiverses
0%
6,010 Random Mystery
0%
4,247 | 8,625 | 9,516 Random Person
0%
3,057 Random Person TJ
0%
7,734 Random Potatoes
0%
7,660 Random Rambles
0%
7,745 Random Rutabaga
0%
1,851 random stuff
0%
8,816 Random Teen
0%
477 Randomtrr2
0%
9,490 randomtuba
0%
2,496 raphaeljg1
0%
2,987 RapidBolt
0%
438 Raptarr8
0%
645 raptorgirl413
0%
7,439 RaptorJet
0%
5,456 Rascato Nantako
0%
5,071 Rasen
0%
1,454 Raspberry Spice Latte
0%
2,078 Raspberry Tatsugiri
0%
712 Ratatouille from Ratatouille
0%
699 RattieThe_Ratt
0%
4,888 rattykatt
0%
4,970 Ratz axolotlz
0%
2,846 raul
0%
7,039 RA Vivian
0%
7,266 ray.²
0%
1,484 Ray9462
0%
6,960 RaymanChrome
0%
7,432 Raymond Berry
0%
1,269 ✰ rays
0%
1,868 Rayt
0%
1,556 Rayzor Ickmen
0%
7,446 RazHabarvaz
0%
8,780 Razlider
0%
4,215 Razorback
0%
3,529 RazorForce21
0%
1,131 Razsei
0%
4,903 Razz
0%
9,017 RazzleDazzle
0%
9,337 rbbro2763
0%
8,771 Rbunebula
0%
871 rcdr90
0%
6,719 Reading Repikked
0%
8,827 Real Bora Karaca
0%
5,760 Real Cagnus Marlsen
0%
3,676 Realgar
0%
6,204 RealGuy
0%
1,188 realicraft
0%
4,858 RealIsRealMayb
0%
2,206 Real-Josh
0%
1,670 reallycoolbird
0%
8,255 Real Moment
0%
5,538 RealPersonii
0%
693 Real Reed
0%
692 Realspace
0%
6,923 REAL Very Epic Person
0%
4,273 rearden bentley makes music
0%
2,391 reaso
0%
9,420 Reat
0%
5,499 Rebecca Kimpel
0%
8,635 rebigex
0%
8,122 Recipe Book
0%
5,243 Reclamebig
0%
4,429 Record is smort
0%
7,599 recycled pizza
0%
1,933 red40
0%
6,356 reda84
0%
9,758 Red-Alto
0%
7,559 redappleone
0%
8,767 Redball
0%
1,572 Red-Blue Ceqeller
0%
7,300 Redbooy
0%
1,071 RedBreloom
0%
1,998 RED-DEX
0%
4,319 Reddster
0%
5,650 RedGray Shine
0%
1,307 redgreenandblue
0%
3,901 RedGreenBlue
0%
4,251 RedHead
0%
6,336 Redhead
0%
7,782 "Redino"
0%
5,938 RedLaser4000
0%
6,517 Red Lunar Ligth
0%
3,390 Rednaxelasayshi:D
0%
6,030 Rednaz 11
0%
489 RedoStone35
0%
2,434 RedPanda
0%
2,294 Red Penguin
0%
4,602 Red Quartize
0%
4,094 Red_Rain01
0%
6,991 Red Ranger
0%
486 Red Rover
0%
512 RedSamurott
0%
1,988 RedstoneTim
0%
7,295 Redstowen
0%
3,603 Red Tank
0%
3,555 Redted
0%
3,263 RedTheThing
0%
6,995 Red Velvet Muffin
0%
4,030 Red-Violet
0%
7,768 ReeberWOWSOCOOL
0%
342 Reed
0%
7,887 Reef Waffles
0%
1,650 RefreshingLemonade
0%
3,632 Regen Tropfen
0%
9,855 Reggor
0%
2,811 Reid Booket!
0%
1,380 Reignhold
0%
9,368 ReiGunz
0%
7,801 reiniar
0%
6,143 Rekety 1234
0%
6,556 Related Snow
0%
3,104 Rematch1234
0%
4,621 Remelox
0%
7,373 Remix Ivan
0%
5,136 Renato_Ch1
0%
7,533 REOD★
0%
1,234 repeatedpuppetry.
0%
2,549 RepMel
0%
7,414 RepoVeryCool
0%
3,279 Requielle
0%
2,912 Resolute Pastry Man
0%
2,166 Resol van Lemmy
0%
3,966 RetroCity
0%
385 RetroCrate
0%
2,223 Retronyaical
0%
7,328 RetropactIDK
0%
4,345 Retroxy
0%
5,308 retsbooN
0%
3,722 Retterime
0%
264 Revaliii
0%
5,616 RevDev
0%
5,142 Reverie
0%
3,022 Reverie Cello
0%
1,915 Revolutionary Thoy
0%
8,478 Rexerflame
0%
7,767 RexForEZ
0%
274 Rex Knight
0%
8,665 Reylite
0%
7,500 ReyOfficial
0%
5,453 ReyThePlanet
0%
4,663 rezlana
0%
1,675 RFTWCPFTL
0%
1,149 rganme
0%
5,335 Rhapsody2612
0%
4,785 Rhay918
0%
5,794 RheseTheDoodle
0%
5,967 Rhombus
0%
3,896 rhythm_pagi
0%
1,482 Riation
0%
306 ribosphere
0%
466 RiccoBaldo
0%
5,805 riceandbeans
0%
1,145 RichyRion
0%
4,971 RickYay123
0%
2,428 ricoanimations
0%
752 Rider24
0%
6,632 Ridiculous_Objects
0%
6,985 Riffy
0%
5,513 Rifty
0%
6,770 Riggster
0%
5,221 RiggyRocket
0%
3,695 RikaSayonji
0%
9,353 “Rilly Silly Billy”
0%
5,056 ringyz
0%
5,132 Riomations
0%
1,391 RIP Biscuit
0%
3,956 RipePear
0%
9,120 Ripline666
0%
1,728 Ripper460
0%
3,121 Riqguy
0%
6,443 Risey
0%
1,922 RishiSunak180
0%
4,179 Rising Star
0%
7,921 Ristet
0%
5,429 River of Intelligence
0%
5,628 riyalty72
0%
8,857 Rizza
0%
8,079 Rizzlepop
0%
8,920 Rlb567
0%
7,922 rlsfam123
0%
3,725 Rly
0%
3,820 RmationYT
0%
2,639 roadblocks
0%
5,474 RobbieSmool
0%
9,970 Robby
0%
6,297 Robby Sheilds
0%
4,940 robert33
0%
351 RobertoDeMundo
0%
1,566 robert TAp63
0%
8,042 Robert Tblosu (GD)
0%
6,942 RobertTheRepatillo
0%
3,090 robert w. steu
0%
4,156 Roberty_64
0%
8,300 Robin’s Primer
0%
1,667 roblos24
0%
3,457 RobloxClorox
0%
5,968 Robo book
0%
6,305 Robosphere
0%
3,996 RobotBattalion
0%
7,589 Robot Cube
0%
3,399 Robotic Error
0%
2,372 RobotOcelots
0%
5,966 Robotski5
0%
5,208 robotwrench
0%
2,444 Roboy
0%
9,820 RoBuTunik
0%
353 rockbeast9000
0%
4,781 RocketBall2912
0%
9,168 RocketjumpWaltz
0%
6,072 rocketthewhippet
0%
2,798 Rockford Comix
0%
9,759 Rockhopper
0%
9,530 RockinTree
0%
6,075 RockyLocky
0%
3,169 Rodmod
0%
7,028 Rodney
0%
9,158 Roemint
0%
4,896 roflcopter fan5757
0%
8,252 Ro.G
0%
3,597 rog7san
0%
5,123 Roguefort Cookie
0%
2,260 Rojandyyyyyyyyy
0%
6,809 Rokklz
0%
4,927 Rollertin
0%
3,990 RollingMitzi
0%
7,353 RolyPori
0%
5,458 Romantic Silence
0%
7,779 Romaprof
0%
8,103 ron
0%
7,243 RONE23
0%
3,914 Ronicalter
0%
9,098 Rookie Tunes
0%
3,627 rooob
0%
7,285 Root Beer Feline
0%
6,503 Root & Quill
0%
6,998 rootskle
0%
447 Rora_Bori39
0%
6,348 Rosa Bluer
0%
3,401 Rosaline Sardine
0%
1,215 Rósaviður
0%
3,467 RosChocolate
0%
1,948 rosemarymelon
0%
6,056 Roserade Storm
0%
6,712 Rosey
0%
8,446 Rosie Posie
0%
6,845 Ro-Sim
0%
1,370 Roston11
0%
9,499 Rosy Circle
0%
7,176 rosy_mocha
0%
4,321 Rotational
0%
3,950 RouxbixCube
0%
5,236 Rouxvania
0%
2,544 row666
0%
1,843 Rowan404
0%
1,553 RowdyDrawsSometimes
0%
6,170 Rowny
0%
2,598 Roxanne Wolf
0%
1,278 roxyisrad
0%
7,698 Royal Booky
0%
2,169 royalEngineer
0%
268 RoyalMike
0%
1,455 RoyTheCyclops
0%
5,229 Rozz
0%
807 RPFAdam
0%
682 RRandomyy
0%
8,718 rrrrmrmr
0%
3,038 RRTK
0%
653 RS Spaco
0%
4,892 RT
0%
9,843 RTNetSpookWork
0%
799 Rubber Band
0%
8,074 rubber duck
0%
5,776 Rubber man
0%
5,419 Rubeez4evzz
0%
8,791 RubexTheRobot
0%
9,184 RubixKube
0%
5,352 RubixMaster21
0%
7,918 Rubukaree
0%
4,037 RubyPiec
0%
8,428 Ruby Rose
0%
8,470 Rubyrules
0%
5,849 Ruby'sbiggestfan2763
0%
6,773 rufflesfamilysizechips
0%
9,020 Rukir
0%
9,811 Rule Britannia
0%
7,963 Rummynose Yikey
0%
4,354 Runaway Boxcar
0%
479 Rune
0%
6,332 Runkulunk
0%
7,469 Rush Bush
0%
6,173 RushHashana
0%
8,126 Russel Sprout
0%
7,052 Russian Bouillabaisse
0%
9,018 Rust Dust
0%
1,198 rustMotherboard
0%
6,953 Rusty
0%
8,522 Rutaaru
0%
7,343 Ruthvi!
0%
8,102 Ruumy
0%
649 RWBYraikou888
0%
3,247 rx3_
0%
5,981 Rxtra
0%
5,989 Ryan Does Stuff
0%
9,406 Ryan lucca
0%
1,640 Ryan O'Farrell
0%
302 Ryan ST
0%
6,374 RyanTheSmith505
0%
2,781 RyeGuyWhy
0%
1,717 Rye_Sand
0%
782 RyM
0%
1,259 Ryother
0%
2,967 Ryzzan
0%
1,880 S11verate
0%
6,996 "S1ck_"
0%
3,363 S323_B
0%
5,990 S3V3NTY_S3V3N
0%
532 s83757
0%
4,181 Saakaindzii
0%
7,426 Sabatonic
0%
5,498 sabnds
0%
4,629 Sabotabby_
0%
8,839 Sabo the fish
0%
2,197 Sabre#1825
0%
2,673 SachaStickman
0%
2,472 Sacri
0%
863 SadayuIG
0%
1,079 SaddleBag
0%
3,389 Sadsrius
0%
2,400 Saellti
0%
7,972 sageghost
0%
8,758 Saharic
0%
4,481 Sahra Eliza Bliss
0%
5,135 SaibyaBoom
0%
6,557 Saifiskindaweirdtbh
0%
6,453 Sailor Whyachi
0%
5,293 Sakura Petal
0%
8,408 Sakuri
0%
7,535 SalaciaYT
0%
6,236 Salade Malade
0%
4,111 Salamander
0%
3,909 salamander with the 11
0%
6,465 Salforas
0%
3,798 Salmon Pamcakes
0%
1,411 Sal_SM
0%
8,910 Saltrock
0%
2,564 Saltwater Tree
0%
9,582 SaltySpice
0%
6,008 Sam Does Stuff
0%
3,679 SamHandwich
0%
4,639 Sammoe Starling
0%
8,964 Sammymammy
0%
9,385 Sammy sam
0%
1,557 Sammy Sosa
0%
1,432 SamTheCookieLord
0%
6,560 Sanack2008
0%
5,309 SandaaaCTR
0%
1,097 Sand Colored Sky
0%
1,853 Sandpit
0%
5,125 SandwitchTeam55
0%
1,985 Sandyridims
0%
1,797 sanikkuu
0%
2,226 Sanjay2133
0%
5,242 SansUndertale112
0%
2,172 Santisan
0%
7,451 SanzerMations
0%
9,311 Sap
0%
8,238 Sapphire Waves
0%
443 Sapphoenix
0%
4,878 Sappy
0%
5,133 Sara Bellum
0%
918 SargeinCharge
0%
6,782 Sarion
0%
4,147 satellite_rising
0%
6,225 saturnalia anonymous
0%
7,707 saturnnlite
0%
9,534 Saturn's Rings
0%
5,017 saucey sauce
0%
3,713 SaudadeDreams
0%
678 Sausiiie
0%
2,537 Save The Marsh
0%
6,459 Savio038
0%
2,859 SawFan1234
0%
9,892 Saw’s Biggest Fan
0%
3,507 sawsome
0%
7,924 Sax Chips
0%
582 Saxtim
0%
787 Saydamn Tt
0%
2,259 SB32
0%
9,235 SB-Animates
0%
387 Sbarb
0%
225 Sbeve
0%
6,217 Sbeven Gaming
0%
3,774 SBFlying
0%
8,544 sc3d
0%
8,843 Scabbers
0%
1,682 scabit
0%
7,511 ScamCrow
0%
307 Scar
0%
3,480 Scarlet Bloom
0%
6,304 Scarred Book
0%
5,948 Scarrobboti
0%
8,743 scary
0%
7,491 Scary Cary
0%
9,041 ScatterQuest
0%
1,946 Schiwiridescent
0%
2,212 schmeeper
0%
9,885 Schnauzer Duke
0%
5,994 SchnitzelRichardStudio
0%
7,553 SchwarzYT
0%
2,734 Sci0927
0%
9,905 scis
0%
4,284 Scissordoll
0%
3,569 Scizzle
0%
7,417 Scondlervicks the Third
0%
4,496 ScorchAwotl
0%
6,035 scotiaa
0%
6,077 ScottEatsGlue
0%
6,721 Scout4321word
0%
5,279 Scoutilodo
0%
4,205 Scraper Of Sky
0%
9,032 Scratching Animator
0%
2,900 Scratchman2501
0%
2,039 Screaming Ghoul
0%
9,747 screams
0%
8,885 Screeech
0%
3,435 Screpper
0%
7,020 Screwball
0%
9,883 Scribbled Book Guy
0%
7,100 scribblenator
0%
6,136 Scribble Toast
0%
8,983 ScrubDub
0%
5,210 scrunch!
0%
4,658 Scrunklylittletwinkie
0%
4,220 scurrvery
0%
3,481 Scutes&Scales
0%
2,498 scystep
0%
3,522 Sead$
0%
2,408 SeaFixTreeHugger300TreeHugger
0%
6,273 Seagrass the great
0%
935 SeahawkzSK
0%
2,167 Sealand from Brazil
0%
8,432 SealTon
0%
2,091 SeamusTV
0%
6,591 SeanikaShiz
0%
5,629 Seannie211
0%
2,122 SeansterIsTheBestHeWillNotWinButHeWillDoItAnyway
0%
3,491 seaonsonal
0%
3,825 SeaPea127
0%
9,364 Seasaltsolo
0%
7,625 Seaside Shine
0%
9,563 SeasonSeventySeven
0%
5,995 Seawsome (Shaw-sum)
0%
4,653 seazein
0%
4,146 SebastianObjects
0%
5,554 sebby boy
0%
6,825 SecondTheFourth
0%
5,436 secret_star_51
0%
7,679 Seed Bees
0%
7,884 Seetrell
0%
7,565 Segment65
0%
2,191 SELECT-O-MATIC
0%
8,274 Self Doubt Sunny
0%
1,008 Semi Colon
0%
1,832 Semi-Colon
0%
4,815 semisheriff
0%
8,811 Semper Fidelis
0%
9,372 Semper Supra
0%
4,500 Send Love to Hallucigenia PLEASE
0%
9,128 Senko-Astrid '29
0%
5,117 SenTheAwesome
0%
5,892 sentienticecube
0%
2,650 Sentient Void
0%
1,799 sepkat
0%
7,161 Septenary Sedentary
0%
6,785 SeptillionSeven
0%
2,374 sequoiaforty
0%
3,848 Seraphiiim
0%
4,661 SeraphimTeeth
0%
8,685 Serene Luminescence
0%
5,870 SerialDesignationF
0%
5,723 SeriouslyDedicatedly
0%
6,240 Serosity
0%
4,459 SerPlunk
0%
8,467 Sertythi
0%
4,301 ServiLeon
0%
1,207 Seth the Cobra
0%
1,446 Seth Yandrak
0%
5,167 SevenStoriesDeep
0%
5,886 Seventy_
0%
3,095 Sgruban Drone
0%
5,707 ShadedLamp
0%
2,329 ShadeOfBlurple
0%
4,608 Shadomeno
0%
7,411 shadow²
0%
9,492 Shadow Blade
0%
5,718 ShadowBonnie2763
0%
2,774 Shadow Glider
0%
1,781 ShadowKing
0%
4,135 Shadow Lad
0%
633 Shadowleafy
0%
4,050 Shadowman
0%
7,961 Shadow of madness
0%
6,251 Shadow Stairz
0%
8,175 shakeysisestablishmentarianism
0%
6,588 Shamelia
0%
9,605 Shampoo
0%
2,173 Shamrockpedia Official
0%
821 shapes
0%
7,329 shaquiel09
0%
1,715 shark7whale
0%
9,727 SharkBookBoy
0%
7,632 Sharkman:3
0%
8,017 Sharko
0%
9,679 Sharky
0%
6,192 SharpBlyan
0%
5,448 Sharp Walrus
0%
5,110 Shattered Stone
0%
6,768 Shattered times
0%
3,142 Shattered Waters
0%
7,113 Shaunftw
0%
8,211 Shawn0623
0%
9,409 ShawnieTwoZero
0%
1,405 Shawstokes
0%
3,502 shawty
0%
9,226 Shbibble
0%
714 SheaBooter24
0%
4,266 Shecko
0%
5,336 SheenEXP
0%
1,170 SheepBoiHHH14
0%
2,607 ShellIs Bad
0%
4,550 Sherbert♡
0%
8,055 Sherbetbird
0%
7,275 Sherbet Cookie Hater
0%
9,423 Sherbet Fan
0%
2,086 sheriffjarjou
0%
5,674 shibes
0%
9,497 shiekhthe
0%
7,740 shimmering flame
0%
4,689 Shining Lining
0%
8,770 Shining Nightlight
0%
6,441 Shining Ray
0%
4,315 Shining Star
0%
3,125 ShiningSwarm25
0%
1,465 Shin Wod
0%
894 Shiny
0%
1,394 ShinyAipom
0%
3,079 ShinyRedExp
0%
2,632 ShinythelikeThird
0%
5,033 Shiny Whiny
0%
1,773 Shinzo/シンゾ
0%
5,080 Shleemy D
0%
7,376 Shminsky
0%
8,550 Shmorgulus (The greatest name of all time)
0%
5,025 ShockedBlack
0%
1,859 Shockman
0%
3,907 Shoeberry
0%
7,498 ShoniShines
0%
2,353 shoob
0%
2,514 shoopdawhoop574
0%
8,349 Short King
0%
9,015 Short_King
0%
4,005 Shortstack
0%
5,233 Shosty
0%
3,557 shotoria
0%
4,128 shoveitshovel
0%
449 Shovel
0%
391 ShoveLo7
0%
1,440 "ShriekingTomatoStems"
0%
3,535 shrimply aster
0%
1,687 shrimp shrimp shrimp shrimp IV
0%
1,702 Shriveborn the Second
0%
8,588 shroodle
0%
4,585 Shroomy!!!!
0%
6,375 shugir_pop
0%
2,532 shuubil
0%
2,749 "shwooby"
0%
9,322 ShyderTyder
0%
3,885 Shy Loe
0%
2,509 Shyni
0%
8,657 SiaCoolBirb
0%
5,344 Siahnide
0%
4,574 Siaku1981
0%
9,517 SICK BOOK
0%
8,276 sicle
0%
2,839 Siclepi
0%
1,030 Sidge
0%
5,027 SigmaEnigma
0%
6,579 sigmathesponge
0%
1,399 SignalOfStorms
0%
8,338 Signal_Variety
0%
9,170 Significant Pigeon
0%
9,518 Signy the Sign
0%
7,027 Silantro
0%
3,233 Silent Isolation
0%
9,804 Silhouete
0%
9,606 Silliest
0%
6,732 Silly
0%
3,423 sillyalxander
0%
2,583 Silly Bails
0%
6,059 silly billy
0%
9,764 Silly Billy
0%
7,475 sillybug
0%
1,940 Silly Circus
0%
5,451 Silly Funnyplant
0%
8,795 Silly gumber
0%
2,702 SillyLily!!
0%
4,897 SillyLittleFeather
0%
7,747 silly little guy
0%
7,879 Sillyman 96
0%
5,213 Silly Noelle
0%
1,611 SillyScreeny
0%
9,203 Silly Shrimp
0%
6,565 Sillysillygoose
0%
9,039 SIlly Silvia
0%
2,526 SillySky
0%
5,859 SillyStacker
0%
5,549 SillyStar
0%
4,105 sillystick
0%
3,763 sillystrawz
0%
2,716 Sillystuff
0%
5,932 SillySwrdd (pronounced “silly sword”)
0%
3,981 Silver
0%
2,722 Silver Beaver
0%
6,085 Silvercarlton A. Carlson
0%
928 SilverElectron
0%
5,319 SilverFoxx
0%
8,050 Silverk2k
0%
887 Silverlyte
0%
1,195 Silverpeng
0%
3,984 Silverstaple
0%
4,804 Simmamon
0%
1,187 Simon
0%
3,915 simondomino
0%
4,418 simonismark
0%
458 simp4march7
0%
5,414 SimpleDot123
0%
1,171 SimplePoyo
0%
4,984 SimpleSack
0%
5,563 Simplest14
0%
8,530 SimplyAndxrw
0%
7,438 Simply Door
0%
2,597 SimplyJustStarry
0%
2,154 Simply Soft
0%
7,049 Simwonli
0%
1,289 Singing Thingy
0%
8,166 Sinister Mister
0%
897 sink
0%
9,042 SinkingSailor
0%
2,180 SiphonophoreSlinger
0%
6,642 Sir Astropod
0%
8,310 Sir Augustus Hamilton III
0%
7,224 SirBedHead
0%
3,143 SirBob
0%
8,689 Sir Bob Jeffrey Platinum
0%
5,089 SirDingus
0%
4,154 Sire Mcflyer
0%
8,324 SirePachinko
0%
3,641 SirF
0%
5,721 Sir_Gamez
0%
9,195 Sirhandelno3
0%
9,224 sirNOTedu
0%
8,388 SirPlayzAlot
0%
2,420 Sir Talksalot Bboi
0%
6,497 SirWiggles
0%
7,084 Sis4Suxs
0%
1,892 sister_ray_
0%
8,620 Sisu9
0%
5,837 Siverchariot16
0%
8,140 Sixj The notestar
0%
5,058 sixsixonefour
0%
7,280 Sixteen
0%
2,237 Sizzlai
0%
6,000 SizzlePrime
0%
9,347 Sizzling Secrets
0%
2,520 SJB
0%
2,381 Sk8erSkaven
0%
9,144 skanyone
0%
5,489 SkaPelli B)
0%
7,497 Skasond
0%
6,012 SkatyOSC
0%
6,401 s_kay1924
0%
7,086 Skelee The Skeleton
0%
6,261 Sketchbook
0%
6,577 sketchbook
0%
2,198 Sketchbook Car
0%
3,065 Sketch Book Xora
0%
7,977 Sketchie
0%
9,721 Skis of the Sky
0%
9,980 Skoi Sky
0%
1,368 skooptroop!
0%
7,759 SkootMcDoot
0%
6,117 SkorchXP
0%
7,393 SkribbldKat
0%
5,614 Skribby Doodle
0%
8,919 SkullBook
0%
2,465 SkunkGamer2008
0%
5,950 Skye YT
0%
7,626 Skyfrain
0%
1,253 Skyler CRAZY
0%
1,300 SkY rl5844
0%
4,460 SkyRonix
0%
8,895 Skyter
0%
4,188 SkyTheCat
0%
1,417 SkyWish Tube
0%
3,096 SlashcraftGaming
0%
9,122 Slay Queen 23
0%
531 Sleepless Sparrow
0%
9,661 Sleepyhead plush
0%
4,176 SleepyOtter
0%
7,006 Sleepy Sunrise
0%
2,951 SleepyTransPrincess
0%
9,561 Sleepyz
0%
9,556 SleepyZeepy
0%
8,306 Sleeteran
0%
1,592 sliar
0%
6,338 Slicey
0%
1,467 slickstick
0%
1,422 SLIGHT
0%
230 Slimbish
0%
3,490 Slimebo :3
0%
7,991 SlimeBoy2012
0%
6,791 Slime Cat
0%
9,386 SlimedSerpent
0%
7,259 Slime Inducer
0%
4,336 SlimerGamer9531
0%
7,024 slimeshockey
0%
5,740 slimey_grater
0%
4,275 Slimez
0%
3,278 SlimyPennies
0%
6,780 Slimy stupid
0%
2,890 Slipped!
0%
4,425 SlipperySalmon
0%
4,454 Slippery Slime
0%
8,548 Sl!mytheSlime
0%
2,416 Slonkey Tint
0%
6,702 Sloppster
0%
9,456 Slovene
0%
1,631 Slurpaphy
0%
7,579 Slush
0%
1,221 slusher!
0%
1,133 SlushieCloud
0%
4,042 Slushie Puppie
0%
3,458 Slushii
0%
9,544 SlushSketches
0%
4,512 Slushy
0%
6,861 sm4rd4
0%
7,985 smallfrog
0%
7,419 smartest_here
0%
974 SmartExists
0%
6,600 Smartling11
0%
6,866 Smegson Nine God
0%
2,902 Smelly Cactus
0%
2,633 Smelty
0%
6,510 SMG2125
0%
8,797 Smiggly Smoggly
0%
♡1 smil
0%
2,413 Smiley Butterfly
0%
4,126 Smiley Ramon Happytime
0%
8,511 Smmal42
0%
687 smnsr05
0%
3,474 SmokeyInferno
0%
8,058 Smokeywill
0%
2,568 smolden
0%
9,890 Smol Fofa
0%
2,894 Smoll Dee
0%
7,134 Smol o©topi
0%
627 SmoothDunes
0%
♡1 smoov22
0%
8,132 smothyhoo
0%
499 Smudge
0%
5,030 Smug!
0%
1,575 snail123O
0%
7,092 SnailEgg
0%
8,271 snailerotica
0%
3,326 Snakatakka
0%
7,289 Snake Manual
0%
7,145 snalgae
0%
3,086 Snassy
0%
9,856 Sneezing catus?
0%
5,437 Snerking Snarple
0%
5,087 SnezzyTbh
0%
9,887 snfct
0%
1,595 Snokgard
0%
2,443 Snovaltica of Silventine Shadows
0%
2,127 snowballcannon
0%
2,175 SnowBallSB
0%
475 SnowbledenOne
0%
2,725 Snowbloxian
0%
7,784 SnowFallBall
0%
3,972 Snowing Melodies
0%
1,093 Snowspace
0%
697 SnowyDayz
0%
598 snowymate
0%
1,663 SnowyPackel
0%
3,416 SnowyPeaks
0%
9,603 Soapstream
0%
9,529 SoapyCantHandle
0%
6,614 Soaring Blues
0%
6,231 Socc
0%
5,809 Soccer_lover986
0%
9,359 Sochi Sadness
0%
5,826 Socio Troff
0%
8,409 Socky
0%
8,982 So Coolest Book
0%
6,148 softberri
0%
9,728 Soft hedgehog
0%
8,332 SoftKernel
0%
2,473 SoftWinterLove
0%
7,323 Sogge_d0gee
0%
7,927 sol
0%
6,262 Solar Beam
0%
8,194 Solarclipse
0%
3,595 SolarFl4re
0%
2,921 Solaris
0%
9,126 SolarLight
0%
5,909 Solarook
0%
6,268 Solitairy
0%
758 Solivisor
0%
4,646 sollie
0%
7,294 solstakao
0%
9,295 Solune
0%
1,666 som1sezhi
0%
8,246 som9
0%
9,901 Somato Tause
0%
1,916 Some_Bubble (The Yoylecake Lov3r)
0%
4,739 some Great Unique Youth
0%
868 Some Guy
0%
8,422 Some_Guy_I_Guess?
0%
9,350 SomeIdiot
0%
8,442 Some Lunatic(the fly guy)
0%
5,137 Someone
0%
914 someoneelse
0%
9,217 someone I guess
0%
5,874 SomeoneInTheSky
0%
4,348 SomeoneJam
0%
3,720 Someone Maybe
0%
1,256 Someone Somewhere
0%
9,520 Someone who is very Excited
0%
5,808 SomePerson
0%
8,376 Some Random Hexagon
0%
4,395 somerandompixie
0%
4,846 SomeRandoPerson
0%
4,716 SomethingAboutBlue
0%
9,239 Something funny
0%
1,276 somethingstupid
0%
2,090 SomnoticAgama
0%
1,228 somsUnderscore
0%
2,088 SongGame
0%
1,830 Sonic101
0%
9,628 Sonicboiforlife
0%
6,816 sonic comic!!
0%
3,840 Sonicfan0511
0%
5,383 sonicmt99
0%
9,363 Sonic Plays
0%
2,971 SonicUltimate
0%
6,467 SonicXGame4996
0%
4,553 Sonicyouth97
0%
908 SoniPortal
0%
3,041 SonnyMoon
0%
6,080 Son of Athena
0%
7,769 SOOKIE!!
0%
♡1 SooperHighper
0%
4,471 SopherTheGopher
0%
664 SophisticatedSnow
0%
4,376 sophs
0%
9,401 Sopple
0%
3,066 SorenEB
0%
550 sorghum
0%
3,335 Sornnors
0%
8,342 soryttrium
0%
5,605 Souless Quintic
0%
5,667 Soulja Boy Jr
0%
2,429 Souly
0%
8,230 SoundOfALeaf
0%
509 SoupAnd2Sticks
0%
7,284 SoupaSoup
0%
9,328 soupcan
0%
6,139 Soup Earth Society
0%
5,985 soupicusLMDXIII
0%
8,105 Sour Berry
0%
1,048 SourBoy
0%
6,479 Sour ‘n’ Sweet
0%
9,106 Sourpatched
0%
3,747 SourScree
0%
3,197 South-A-Cola
0%
2,617 SouthBrightLucky
0%
6,238 Southerndessert
0%
7,677 Soverygold
0%
5,843 Space
0%
4,382 Space Cat Atelier
0%
8,176 S p a c e d O u t
0%
9,280 Space Eightie
0%
8,195 Space Floater
0%
9,831 space_globe
0%
7,667 SpaceGrillXD
0%
8,935 Spacehalo
0%
8,768 Space jam
0%
9,233 Space Racoon
0%
4,435 Space Traveller Book
0%
1,818 SpaceX Fanboy
0%
9,673 SpaceyAle
0%
7,517 SpaceyMcSpacer
0%
637 spaceysirens
0%
9,176 Spacial Cornucopia
0%
9,344 Spacy
0%
9,277 Spader-maan
0%
9,738 Spaghetti_
0%
4,920 Spaghettian
0%
4,759 Spaghettific
0%
8,177 Spaghetti man
0%
8,896 spagoot
0%
9,519 Spain star
0%
8,984 Spam glasses
0%
5,387 SpanduKewl
0%
6,486 SpanishSword
0%
6,810 SpanishVHSy
0%
6,628 Sparked Up
0%
3,910 Sparkling emerald
0%
2,217 Sparkshi
0%
6,481 SparkSun
0%
3,542 Sparky
0%
3,407 sparky ball
0%
♡3 Sparrowcat
0%
4,562 Spartaholic
0%
6,747 Speakery The Speaker
0%
1,741 SpearmintForest
0%
9,895 Specialty In Hydration Orange
0%
1,833 SpecificallySwampert
0%
6,736 speedrisaweirdname
0%
8,474 Speedzy
0%
9,116 SpeesySwoosh64
0%
7,812 Speevtheteev
0%
1,585 SpelingErr
0%
7,158 SpellBook98
0%
4,967 Spelly
0%
6,919 Spencersthings
0%
1,764 SPICYham
0%
7,900 spidergoats
0%
1,173 SpideyGG
0%
4,547 SpidyOSC
0%
6,583 Spiffyman99
0%
3,935 Spikysweetpotato
0%
6,522 SpilledSoda
0%
8,508 Spinak:]
0%
1,316 spinifex
0%
2,412 SpinNcrcls
0%
4,022 Spinning Seat
0%
1,561 Spiritblox1
0%
9,316 Splaty
0%
7,037 Spleepy
0%
7,787 Splinkus Boingus
0%
3,814 Sploinkerer
0%
8,662 Splonker Donker
0%
7,023 spocite
0%
8,551 Spoingus?!
0%
3,330 sponge99fvuj
0%
6,947 SpongeAlek
0%
3,724 Spongesnob Bookpants
0%
2,831 Spongyfan
0%
4,950 Sponsored Socks
0%
4,150 SpoofyGuy
0%
556 SpookyJack!
0%
471 spooky salmon
0%
7,449 Spoonfuls Channel
0%
3,962 Spork!
0%
9,194 Sporkinator
0%
9,861 Spork User Muser
0%
6,019 Spotless Ace Galaxy
0%
4,396 Spot Stellardust
0%
7,950 Spring Green
0%
6,196 springrolled
0%
190 springymint
0%
5,267 spritesnsodas
0%
7,219 Sprite XP YT
0%
6,381 spryzen guy
0%
5,840 Spuddle Darkness
0%
5,952 SpudTheskunk
0%
1,906 Spweep
0%
780 Spyraling Into Madness
0%
4,443 SQLInjector
0%
7,939 squarchbob squingbob
0%
6,476 Square
0%
5,269 *SquareBird*
0%
1,803 square_cksq
0%
4,590 SquareCube
0%
6,741 square mage
0%
8,589 square root of -2
0%
6,233 SquareSquare
0%
9,604 SqueakyFeather
0%
5,665 Squeamish Monkey
0%
3,266 Squidel
0%
4,207 Squidella
0%
6,498 squidlINK
0%
9,247 Squidninja1337
0%
905 squidsune
0%
2,261 Squidwardshouse
0%
3,063 Squiggly
0%
374 squindigo
0%
5,701 SquirtleFan1726
0%
1,407 SquishmallowsUnited
0%
1,290 Squishy Cherries On White Background
0%
9,115 SRER
0%
7,872 srimp
0%
2,229 Sriracha! 野生!
0%
5,432 Srypipi
0%
659 SSAANNTTYY
0%
2,137 ßlanty
0%
5,012 SStuff
0%
7,709 st1220
0%
8,901 Staccer
0%
6,200 stackabacus
0%
9,756 Stady Sugra
0%
7,952 Stagelights
0%
1,158 Staintocton
0%
2,536 Staircased Basketball
0%
2,221 Stalemate
0%
6,221 Stal Goodman
0%
622 Stanley's Chicken
0%
7,980 Stan LOONA
0%
9,112 Stan Loona
0%
9,242 STAN NMIXX!
0%
6,027 stanscrim
0%
1,678 Stansky
0%
9,869 Starbo
0%
7,836 Starbright Shiner
0%
2,585 Star Burst!
0%
7,190 StarCat69
0%
6,779 starchaser nyanzer :3
0%
2,671 starchiild622
0%
1,745 starcookie14
0%
5,793 Stardust Pond
0%
8,853 *Star*Feathers*
0%
4,180 starfie
0%
3,709 StargazedNora
0%
4,206 StarKid256
0%
9,586 StarlaTheTarEater
0%
8,567 Starlight funnight
0%
6,859 Starlight Nightmare
0%
5,630 Starlight Over The Rainbow
0%
4,503 Starlight Sparks
0%
5,235 Starlight Winterrose
0%
5,253 Starlite5154
0%
9,713 Starlyx Interxity
0%
1,602 Starmax
0%
8,325 Starminer443
0%
814 starnoah1
0%
5,672 Starr Light
0%
7,862 Starrybrawly
0%
8,147 Starry Day
0%
5,556 Starry Hunter
0%
9,153 Star Seeker
0%
2,915 StarsNSeas
0%
5,802 starstruck
0%
7,548 Stary Boopkins
0%
5,029 Starzoid
0%
6,922 Static Shine
0%
8,990 Stats-San
0%
5,099 steealz
0%
2,143 Steevees
0%
6,572 Steezy Jackson
0%
1,148 Steinop
0%
9,600 Stellar Manual.
0%
9,083 StellarSalad
0%
5,131 STELLARSILLYSTAR
0%
8,913 Stellar Student
0%
2,692 StephanieAwesom
0%
1,888 Stephbro
0%
962 stereocheryb
0%
3,273 Stereowavey
0%
3,548 SterlingDudeForever
0%
4,225 Steve606
0%
2,814 steve7968
0%
4,942 SteveAnimates or @TheSteveAnimates
0%
8,199 Stevencat
0%
3,400 StevenOct
0%
7,692 Steven The Cookie Lover
0%
6,391 Steven Uneven
0%
3,287 steveveven
0%
9,982 STG (Neapollyice)
0%
9,377 Stickamations
0%
8,076 Stickerᕕ( ᐛ )ᕗ
0%
5,439 | 6,935 | 6,957 Sticker Book
0%
1,569 Sticker Guidebook
0%
9,560 SticKing
0%
1,115 Stickly Stories
0%
9,438 Sticky and Lamp
0%
9,506 Sticky Scissors
0%
2,924 Stig
0%
7,541 Stim
0%
7,066 Stinkle
0%
4,705 Stoic512
0%
6,639 Stone Bread
0%
4,221 Stonepickup
0%
2,538 stoopid
0%
8,606 Stop Sign Book
0%
7,992 StormGD256
0%
5,203 ♥Storming Amethyst♥
0%
729 Stormingtiel
0%
5,741 Storm sign
0%
4,820 stormyhilly
0%
7,148 Stouca
0%
6,631 straberukeki
0%
7,129 Strangel-Soops
0%
2,809 StrangelyUnknown
0%
8,904 StrangeMushroom46
0%
2,952 Stranger
0%
6,900 STRANGER
0%
2,295 Strangetown
0%
2,307 stratarain
0%
6,715 Stratollera
0%
4,549 Strawb
0%
5,872 Strawberry Cereal
0%
4,487 Strawberry Soufflé
0%
4,711 Strawberry The Thing
0%
8,842 Strawberry Waffles
0%
324 Strawburri
0%
7,930 Strealy
0%
7,189 streets.8
0%
7,973 Stresso Depresso
0%
2,938 Strice Swipes
0%
5,523 Strigibird
0%
1,989 string
0%
578 StroBerry
0%
3,789 StuckInTheTLC
0%
456 StuckyDucky
0%
5,139 Stufff0Under0
0%
5,663 Stuntfish
0%
5,141 Stupendously Wacky Awesome Guy
0%
7,586 Stupid_Isaiah
0%
7,763 Stuwiee
0%
3,538 Stylish biscuit
0%
3,172 SubAloenow
0%
1,325 SubaruForester
0%
4,508 subcluster
0%
5,823 SubPewDiePie
0%
8,115 Sub to brd48 fan
0%
9,865 Sub To FlipperForever
0%
8,782 Sub Uno
0%
5,222 Subway Sandwich
0%
9,805 Subzero Pancakes
0%
4,509 Subzz
0%
4,817 Sudden Situation
0%
6,796 Sudric dictionary
0%
3,633 Suffer Bunny
0%
3,426 sugar executive
0%
4,834 SugarIsZoey
0%
8,419 sugra
0%
205 Suit Quartz Dice
0%
3,681 Suki
0%
6,040 sulfur194
0%
7,966 Sumdeathjr
0%
1,701 summ1
0%
5,417 Summer Enjoyer
0%
4,201 Sumy one
0%
9,553 Suna !
0%
7,420 Sunbleached_Garfield
0%
1,605 Sundae Lover
0%
6,793 SundaeRailroader
0%
916 sunddya
0%
6,627 Sundew mountain 100
0%
3,343 sunDown
0%
8,772 Sundslime
0%
2,139 Sun Fax
0%
959 Sunken Octopus
0%
7,642 SunkyTHaN00b253
0%
1,311 Sunlight Blight
0%
4,391 Sunlight night
0%
8,918 Sunlight star
0%
8,203 SunMoon
0%
5,112 SunnyBookForm
0%
8,836 Sunny Light
0%
1,226 SunnysideSplash
0%
7,890 Sunnyskyy
0%
5,717 Sunny_Summer
0%
9,977 SUNNYπVie
0%
8,441 Sunny Wong
0%
6,011 Sunray
0%
616 Sunrise Sherbert
0%
6,413 Sun-rose Sonata
0%
6,604 Sunset catcher !
0%
7,771 SunsetCorvid
0%
5,023 Sunset Shade
0%
7,612 Sunset Sharkie
0%
2,463 SunshineFuture
0%
8,981 Sunshine Ray
0%
4,438 Sunshine Shower
0%
6,329 sunshine star
0%
7,278 Sunstriketacos
0%
412 SuomiNamco
0%
9,658 Supa Soaphi
0%
9,644 SupaStar1278
0%
5,264 sUpEr1
0%
1,510 Super21
0%
8,744 SuperBaconatorX
0%
6,198 superbaconbro
0%
4,233 Superb Rocket
0%
7,758 Superb Sonic Gamer
0%
7,460 Superbuggy08
0%
9,087 Supercharged 9-Volt Battery
0%
8,915 supercoolguyomg!!!
0%
857 Super Dreamer
0%
6,648 SuperEan300
0%
4,410 Super Ethan 8721
0%
4,735 Super Fun Time
0%
2,318 SuperHorsey12
0%
9,463 Superior Chaos
0%
1,643 SuperLimeSlime
0%
6,140 Super Lit TAWOG
0%
3,958 supermario60
0%
3,567 Super MDZ TV
0%
1,321 Supermersion
0%
1,317 superminerJG
0%
7,594 Super Morning
0%
9,927 Super Natural
0%
2,706 SuperNebula
0%
3,568 Supernintendoman128
0%
8,479 Supernoob255410
0%
4,255 Supernova
0%
201 supernova16
0%
3,638 Supernova727
0%
5,040 Supernova888
0%
7,603 Supernova book
0%
8,295 Super•Oreo
0%
7,530 Super Pablo Picasso 64 DS U
0%
6,141 SuperPancake04
0%
9,954 Super pop
0%
6,545 SuperSeriousSugar
0%
1,590 Supersky102
0%
3,463 superspongis
0%
4,211 superstar64
0%
7,118 Superstar Maki
0%
319 SuperStick Productions
0%
9,807 SUPER SYCNE
0%
9,709 Super Toy
0%
5,803 SuperVic
0%
2,352 SuperYoshi84
0%
7,015 Supreme lord of goliras
0%
8,690 SurAHAMA
0%
2,477 Surf
0%
5,111 Surprisingly Surprising Surprise Master!
0%
1,354 SurrealMath
0%
4,116 SusAmongusSussyBaka
0%
283 Sushi Hippo
0%
4,898 Suspicion
0%
9,514 Sussyman21
0%
4,327 Sverige
0%
4,780 Svetlana
0%
1,020 sw3aterCS
0%
7,602 Swagaxoll
0%
8,311 Swagboi21
0%
8,584 swagmaster
0%
9,911 SwagToasty
0%
2,051 Swanqil
0%
3,891 Swappy Star
0%
2,953 Sweenypea
0%
6,701 sweetcheese
0%
3,977 Sweeter Stuff
0%
8,107 Sweet Jones
0%
8,830 Sweet Memory
0%
5,550 SweetTea
0%
4,208 sweppic
0%
7,820 SwiggitySwoner
0%
1,314 Swimswum
0%
9,425 swimswum
0%
7,350 Swindells
0%
6,543 Swirlfish :3
0%
6,787 Swirling Stars
0%
3,042 Swirlzeon
0%
4,946 Swissboiland
0%
5,145 Sycros
0%
7,175 syd_deathbed
0%
8,906 syhr915
0%
6,589 Sylvaris
0%
484 Sympli
0%
6,731 SyndoIfSheSignedUpForEwow2
0%
2,454 synt
0%
2,196 Syntax
0%
6,696 Synth'a
0%
6,550 System Fan
0%
3,640 syzygy
0%
6,410 Szizzers
0%
7,453 t0rqu3d
0%
1,952 T3HAFF
0%
2,857 Tabbi
0%
3,580 Tabbycar
0%
5,958 TableGuy
0%
2,379 TabooYinYang
0%
7,738 Taco boy
0%
5,057 TacoFries88
0%
1,743 Tacoman Anti
0%
673 Tacos Fly
0%
4,837 TacoSTUDIOS
0%
2,099 Tact
0%
7,970 Tactical Toaster
0%
3,752 TacZK
0%
9,024 TaeK
0%
5,486 Taetomeo
0%
8,832 Taggy
0%
5,409 Taiko Drum Master
0%
6,292 tails eating nails
0%
3,313 Tails Tornado
0%
7,570 Take Heart
0%
7,127 TakenShota
0%
9,346 Takeover Planner
0%
3,073 Taki
0%
9,404 TakoTuesday
0%
403 Talinlol
0%
8,436 --Talkative Squid--
0%
3,857 TALK jpg
0%
3,482 Tallcakes
0%
8,378 tam
0%
8,059 Tama
0%
1,248 TamaotheUmbreon
0%
8,750 tamarii
0%
9,285 TanBan
0%
1,117 TanClub
0%
1,285 TangerineFish
0%
3,483 TangyMango
0%
9,173 Tanooki Andrew
0%
5,622 Tan the Kay
0%
1,202 Tantusar
0%
7,341 TaoDragon
0%
2,504 Taost
0%
3,858 Tap Water
0%
6,566 Tarball
0%
2,442 Tardigrade Collector
0%
526 TardistheTardis
0%
9,776 Tariq the funny boy
0%
5,464 TarotSport
0%
6,295 Tarty Apple
0%
7,223 Tast
0%
2,011 TasteyLunch
0%
8,023 TASTIF
0%
3,506 Tatoruboyo
0%
1,881 Tat Wui
0%
3,028 taugustusholm
0%
2,360 Tauisbetter
0%
354 tauttie
0%
6,101 Tavian L
0%
6,823 Tawdry Aubs
0%
1,251 TawnyBarnOwl
0%
8,412 Taxes for dummies
0%
♡1 TaxEvader357
0%
7,853 Taxmann27991
0%
4,604 Tay-awesome-o
0%
5,895 Tayona Ko
0%
3,160 Tazcra
0%
4,021 Tazmogus
0%
2,690 Tb
0%
936 TBAG
0%
8,142 tbdotwav
0%
3,939 tboilover
0%
4,249 TBRULEZZZ
0%
2,452 Tchyse
0%
2,525 Tc The Introvert
0%
8,291 TCXPRESS
0%
1,554 TDoggo
0%
2,748 tdstr
0%
4,214 Tea City
0%
9,940 Teal drop
0%
9,031 teal the tale
0%
5,923 TealTopaz
0%
5,572 tea_minttt
0%
9,621 TeamReamy
0%
464 TeamSuperPlanet
0%
7,071 Teardorp
0%
3,942 TechMaster_IPDTGC_231221
0%
9,399 Technical Bolty
0%
3,437 TechnicalLOL
0%
9,206 TechnicalSmartiePants
0%
7,790 Techno
0%
5,512 Techno-Calibre
0%
2,932 TechPencil
0%
5,153 Techy Arm
0%
8,352 Tectinic
0%
706 Ted
0%
9,059 Teddy yan
0%
4,827 teearie
0%
7,374 Teebz
0%
5,150 TeekayM
0%
1,180 Teenage Wasteland
0%
8,847 TeeVee
0%
3,549 Teh Angry Bird 345
0%
8,583 TehLeafySpartan
0%
388 tekhawaii
0%
5,375 Tekrend
0%
1,979 Tele (pronounced tell E)
0%
4,537 Television Book
0%
5,272 Temmeh
0%
5,643 +Tems Accepted+
0%
5,212 TemTime
0%
5,284 tenedero245
0%
7,729 TenGolf
0%
6,673 Tennen Ball
0%
9,631 Tenteatingburgers
0%
6,161 Tenx
0%
7,183 TéoFrenchTechMaker
0%
2,066 Tepicneori TFFBAS
0%
8,398 TerabyteCompeting
0%
3,575 Tera Dactyl
0%
9,862 TeraTrillions
0%
3,862 Terra Cube
0%
5,140 TerraKnight
0%
♡1 Terrasol
0%
8,719 Terre
0%
1,076 Terref
0%
3,779 Terrified Tofu
0%
4,102 TerryLikesGaming
0%
1,873 terskayl
0%
695 Tesseranker
0%
504 Test Subjection
0%
9,599 Test Tube Cannon
0%
7,524 TetraVolt
0%
273 Tetrian22
0%
1,796 Texture Not Found
0%
5,612 tezlik
0%
1,352 Tfame
0%
7,214 TFB22
0%
544 tfgui
0%
7,253 Tfinity Writes Words
0%
4,516 TFPS Book
0%
9,451 tf_use_goobert_viewmodels 1
0%
5,774 TG03
0%
3,048 TG_1023
0%
4,080 TG2513
0%
8,457 TGAC mapper :)
0%
5,580 Tgodigo17
0%
6,765 TGR2020
0%
5,356 tgurtle
0%
280 th3f
0%
9,783 Th3r0_XIV
0%
8,317 thabo
0%
3,487 That0n3Oddball
0%
7,588 that 1ctrl guy
0%
1,976 That1guy1
0%
8,429 That1guy on the internet that likes object shows
0%
824 That1MRT
0%
6,835 That AJ Boi!
0%
5,571 ThatAPersonGuy
0%
9,681 ThatBFDIfan2763
0%
7,299 ThatBombyBoi
0%
5,863 ThatBubbleGuy
0%
1,967 That Canadian Guy
0%
8,418 ThatCasual or Kasual
0%
5,370 thatcolinkennedy
0%
8,660 ThatCoolModderGuy
0%
4,686 ThatDumbPan
0%
5,520 That_Freaky_Hair_Kid
0%
2,573 That Generic One
0%
9,979 That girl Charlotte
0%
4,134 thatgoofygoober178
0%
1,113 ThatGoomyGuy
0%
3,986 ThatGreenMan
0%
4,390 ThatGuyThomas
0%
9,687 ThatGuyWithOneToe
0%
7,512 That Guy With The Weird Profile Picture
0%
4,254 ThatInTheHat
0%
1,779 thatKRATCY/YOSHKAfan09
0%
5,000 ThatLightningFan
0%
8,041 That Liy Guy
0%
5,914 ThatLmao
0%
402 That Nerd Albert
0%
4,954 That_one_animator
0%
4,092 That one book which happens to be called ghoulbap
0%
1,509 ThatOneCertainGuy
0%
1,761 ThatOneDude
0%
9,957 That one Filipino NWOWER
0%
7,943 That One Frogg
0%
5,450 | 8,713 That One Guy
0%
4,157 ThatOneGuyInAHat
0%
6,287 That One Guy who joined EWOW
0%
8,445 ThatOneGuyWithTheUsernameThatHas44Characters
0%
822 That One Herring
0%
8,110 ThatOneLithuanian
0%
7,408 ThatOneObjectAnimator
0%
9,878 That_One_Object_Show_Guy_YT
0%
3,612 That One Penguin Kid
0%
5,440 That one person
0%
6,138 thatoneperson
0%
3,252 ThatOnePlushyBoi
0%
7,506 thatoneswiftie
0%
7,053 ThatOneTiger
0%
6,334 That One Top-Hat-Wearing Person
0%
4,799 ThatOneZir
0%
236 ThatPerson
0%
6,708 ThatPersun
0%
6,368 ThatRat11
0%
2,511 That_Stigly_Person
0%
3,275 ThatTacoBoi
0%
4,106 ThattsCherry
0%
9,060 that wierd insect
0%
7,002 That Yardie
0%
4,474 ThatZodile
0%
7,678 Thawed Eggs
0%
9,378 The159thfry
0%
4,662 The17Dude
0%
5,734 The#1DeathPactHater
0%
5,155 The 2,763ʳᵈ One
0%
9,926 The Advanced Clerk
0%
4,491 TheAJLive
0%
6,333 TheAllduck
0%
4,972 The A Man
0%
4,688 The AmazingBlue79
0%
8,923 The amazing rat cook
0%
5,568 The amogus attacker
0%
583 TheAngryBird95
0%
5,821 The Angry Numel
0%
3,049 The Articulate Cone
0%
6,185 TheAwesomePurple111 a.k.a. Gengar
0%
9,654 TheAwsomeEvilBook
0%
8,174 thebabybeastone
0%
2,880 The Ballad of Murfe
0%
3,360 The Bangkok Bros (FTM)
0%
4,114 TheBattleRyan
0%
6,602 Thebes
0%
5,688 The Best Benevolent Brilliant Big Blob
0%
9,478 The Bestest Boi
0%
6,414 TheBestNoob.
0%
265 TheBig4
0%
8,927 Thebigdude
0%
3,661 TheBirbsWord
0%
5,582 The BlackTea Show
0%
7,755 Thebloodmoony
0%
5,283 The Bloxxer
0%
9,649 The Blue Cosmos
0%
9,185 The Book about Books that refrence Books
0%
8,888 TheBOOKK_
0%
9,909 The Book of Art
0%
9,795 The book of questions
0%
6,888 The Book Of Sketch
0%
5,351 TheBoOok
0%
4,044 TheBorkBork - TeleTextBook
0%
5,742 The brazilian smasher
0%
4,380 TheBruhMomentum_
0%
3,059 thebuhyo
0%
5,712 Thebuka
0%
6,347 The Buttered Dog
0%
2,539 the buzz bee bumble (note: please keep it in all lowercase :3
0%
4,338 Thecatsonice
0%
800 The Catty Bratty Zappy Baddy Traddy Gaddy Quacky Flappy Drappy Fantappy Guy
0%
9,266 The Chaos Causer
0%
1,621 TheCheesyChap
0%
9,360 TheChicken
0%
1,826 The CJ Animated
0%
7,785 TheClockmaker
0%
3,675 TheClosetChariot
0%
7,000 The Clowner
0%
3,608 The_CoffeeBuzz
0%
8,845 The colorless story
0%
6,159 TheConeyan
0%
5,044 the cookie gem sparkles
0%
3,043 TheCool
0%
6,647 thecoolar nwower
0%
6,944 TheCowEnjoyer
0%
8,047 The Crazee Animator
0%
585 theCrazyColorBook
0%
6,629 TheCrusade
0%
6,878 The Cube with the Moves
0%
9,821 The cyan salamander
0%
3,075 TheCyndaquilDud / Rivot
0%
6,970 TheDancingMango
0%
1,497 TheDanielSquad
0%
1,900 The Dark Penguin
0%
5,686 The Davestroyer
0%
3,123 The Deafh
0%
5,705 The Decent Guy
0%
2,331 TheDerrpo
0%
4,328 TheDiamondEggy
0%
4,965 the diary of a wimpy kid!!!!!1111
0%
4,144 TheDibber11
0%
8,085 The dictionary
0%
2,645 The Digi Boi
0%
739 The Doe Book
0%
7,251 The Dog-being
0%
♡1 thedogegamer90
0%
3,605 TheDollarSauce
0%
5,903 TheDominick
0%
6,582 TheDoubleGuy
0%
4,692 The Dragon’s Horn
0%
5,180 The Duck Pond
0%
4,932 THEDUDE
0%
311 TheDudePersonGuy
0%
6,729 The DynaDrawer
0%
3,147 TheEdP
0%
6,948 TheEggGuy
0%
7,996 The Egg Lad :]
0%
2,512 theemeraldsword85
0%
3,869 TheEpic_Angel
0%
9,306 TheEpicHotdog
0%
6,067 The Epic Narwhal
0%
6,475 The Epikal REKT
0%
6,643 TheEstonianForestMan
0%
8,582 The ewow lord that is sam
0%
1,108 The Exact Amount
0%
2,165 TheFallenPanda
0%
5,988 The Fancy Potato
0%
8,655 TheFinalEntry
0%
9,345 Thefirskysuperman
0%
3,512 The Fishing Irishman
0%
6,548 The Flame Realm
0%
8,952 the Flarg
0%
9,149 TheFlipFlopped1
0%
3,020 TheFloatyCube
0%
8,994 The Floorboards In Your Room
0%
290 TheFlyingChicken
0%
2,214 The Fool
0%
5,341 The Forest Vagabond
0%
5,960 theforgottenwisp
0%
8,624 The Fortnite OG
0%
6,533 TheFryedPan
0%
6,152 The Fun Gang
0%
7,638 The_funiii
0%
2,001 TheGalacticKitty
0%
9,540 The Gaming Animator!
0%
6,645 TheGatoxeoOfWisdom
0%
5,249 thegeckoisgaming
0%
9,889 The Gloop
0%
8,639 TheGmdGuy
0%
7,809 The Gobbling Goofy Goober
0%
7,870 TheGodOfFans
0%
5,779 TheGoldenGem :3
0%
8,887 TheGoldenTree
0%
6,324 The Gold Titan
0%
2,724 The Goober
0%
1,822 The Good Boi
0%
9,252 TheGoofiestGoober
0%
1,641 TheGoose
0%
8,229 The Goose King
0%
1,594 The Great Horror Known Only As Jolene
0%
6,933 The Great Kiwibeast
0%
4,009 The Green Flame
0%
9,858 The Gun Relvover
0%
4,844 TheGuyAtSchool
0%
1,179 the guyman
0%
4,921 The guy who was known as Cheeto bag
0%
3,409 The Halloween Basketeer
0%
4,856 TheHappyEE
0%
3,586 TheHauntedCheese
0%
5,587 thehexa
0%
7,830 THE HOLY BREAD LORD
0%
9,543 The Human (Not AI)
0%
1,051 The Ice Elemental
0%
9,356 The I-Mazing
0%
4,765 The Instigator
0%
8,609 thejameslx
0%
4,172 theJfluffy
0%
5,944 The J Man
0%
1,733 The Jnrel
0%
6,777 The Johann Gomez
0%
2,726 TheJorden
0%
7,001 The Kindergarten Teacher
0%
5,875 TheKingHomie
0%
4,534 The Kitchen Sink
0%
6,418 TheKoobik
0%
2,350 The Kool-Aid Man
0%
6,230 The Legend of Pork
0%
4,441 The Lego Astronaut
0%
6,312 TheLemon27
0%
7,800 The Lemon Demon
0%
3,645 the Leon Owner
0%
1,246 TheLimeGuy
0%
1,045 TheLimeStick
0%
1,665 the little gremlin living in your toothbrush
0%
3,807 TheLivingCube
0%
8,679 The Loja
0%
2,240 The Lolly Kitty
0%
8,221 Thelonelygengar
0%
7,409 the longest name that i can make in this form of words and i like cheese
0%
3,207 The Lorax
0%
6,474 The loser 1
0%
6,462 The Lost Wanderer!
0%
4,123 The LOT Boeing
0%
3,607 The Low-par Animator65
0%
6,038 TheLuzZ
0%
9,774 The Magnetron
0%
1,169 The Majestic Pineapple
0%
4,981 The Mango Devourer
0%
3,934 TheMaskMan
0%
5,632 The Mathemugician
0%
2,945 ThematiuxT
0%
6,675 The-Maxter >:D
0%
8,001 The MDC
0%
9,700 The mechanic
0%
3,443 The medicine drinker
0%
7,728 thememoryzone
0%
2,586 TheMenace
0%
3,796 The Meteor
0%
6,776 The Midnight Happy Book!
0%
7,684 The Milkman
0%
994 TheMissingPage
0%
451 TheMixedMaster
0%
9,504 TheMostShyGuy
0%
2,101 the motan
0%
8,210 TheMumblingPenguin
0%
5,415 TheMushroomMan
0%
414 The Music Man
0%
1,088 TheNavyBomb
0%
1,883 The Necronomicon
0%
8,259 TheNeon67
0%
3,497 The Nerd Q
0%
4,457 TheNextJacksonADG
0%
8,153 The Offical Cruiser
0%
1,539 TheOne_6
0%
9,332 The One and Only Cheese Lord
0%
3,098 The One Little Boy
0%
9,939 The one who left it all behind
0%
6,890 The One With Hair
0%
7,435 TheOnlyBotLeft
0%
5,600 The Oodles
0%
6,547 theorangebook
0%
7,929 TheOrangeDude
0%
909 TheOrangeSteak
0%
2,629 The Orangutank
0%
3,099 Théostar
0%
3,304 The Other Guy
0%
7,160 The Paper Person
0%
2,228 The Person In The Corner
0%
8,049 The person with the most holly jolly wisdom called Aaric
0%
9,114 The pickle with the eggs
0%
563 The Pizza Tower
0%
6,041 ThePKMNnerdGus12
0%
5,026 ThePlayfulZoroark
0%
7,351 The Ponderer
0%
6,036 thePosom
0%
4,420 The Queen Is Here
0%
1,502 TheQuestioneer
0%
6,691 The Random booker
0%
3,236 TheRavenMaven
0%
3,171 the real book
0%
6,873 The REALEST Purplez
0%
1,718 TheRealGoldenBuoy
0%
3,425 TheRealGrassy
0%
5,176 The Real Lebron Jame
0%
8,699 THErealRADICAL
0%
1,821 TheRealReinbow
0%
9,138 The_Real_Scratcher_1
0%
430 The Red BeanieGuy
0%
3,453 The_Red_Bombing_Renegade
0%
9,549 TheRedGuy
0%
7,005 theredhoodie
0%
990 theredpro
0%
4,694 The Red Velvet Pirate
0%
9,607 The Representor of the Scratch Object Show Community
0%
1,441 TheresaMay311
0%
4,264 Therkle
0%
7,204 Thermol
0%
3,374 Thermulin
0%
5,807 TheRock476
0%
4,282 The Royalty of YouTube
0%
9,464 The runner (Kelpy
0%
4,368 The ruthless duck yt
0%
4,679 therysnergamer
0%
3,700 TheSacredDatura
0%
3,383 The Saint
0%
1,852 The Sass
0%
9,309 The Satellite Ever
0%
8,581 Thesaurus
0%
8,375 Thes_BN
0%
5,441 The Schools Zombie
0%
3,815 THE SCOOP FROM THE DONALD
0%
1,661 The Screaming IceCube
0%
1,550 TheSemiColon;
0%
4,829 thesen
0%
5,294 The Sentient Refrigerator
0%
8,202 The Sesquippedailian Thang
0%
2,903 The Shufflebot from the Party Rock Anthem Music Video by LMFAO
0%
2,057 The Silliest of Billies
0%
1,125 The Silly Guy
0%
5,070 TheSlimeMaster
0%
6,294 The Snazzy Conductor
0%
6,940 The Snowiest Snow
0%
6,164 The Somehow Ordinary 2005
0%
7,814 TheSourestOfAllTheGrapes
0%
1,065 The Spah
0%
2,983 TheStateOfGeorgia
0%
9,711 Thester
0%
9,436 TheSTOOL(y)
0%
3,845 TheStupidPerson12
0%
2,159 TheStupidTomi
0%
6,425 Thesupamegamariokklan
0%
972 The Supervillain
0%
9,588 TheTapTapFish
0%
5,485 TheTastyPi
0%
9,393 TheTheTheTheThe
0%
7,032 The Tism Creature
0%
4,695 The Traveler
0%
900 TheTraveller.
0%
8,082 The Troll of Wisdom
0%
2,777 TheTrueHolyEpicGamer
0%
8,652 The Ultimate Guide Of Cooking
0%
9,647 TheUnFunnyEWOWER
0%
3,153 TheUniverseBook
0%
6,094 The Universe Destroyer
0%
9,014 The Unknown Aquatic Wonders
0%
5,806 TheUnknownWinToken
0%
6,083 The Variety Tree
0%
1,400 TheVexillologyMaster
0%
6,069 TheWackyExecutive
0%
3,064 TheWaddl
0%
5,334 TheWaffleMan
0%
2,355 The Waffle Warrior
0%
6,227 The Warrior
0%
7,605 Thewierdbonker
0%
3,778 The Wiggly Worm
0%
6,470 The Wild Card
0%
7,716 The Wild Nor'wester
0%
9,405 The Wimp
0%
6,827 Thewinningflash
0%
3,244 The Word Nerd Bird
0%
3,855 The World's Largest Oven
0%
8,663 they call me rondo
0%
3,770 TheYeBoy
0%
3,069 TheYellowMarioN64
0%
4,918 theyluvduha
0%
6,181 ThingsTransportation
0%
4,628 Think Green
0%
5,403 thinkingemoji
0%
3,775 ThinkOrDye
0%
3,115 Thisa Lucas
0%
3,456 ThisGuy
0%
4,043 Thisguy8581
0%
2,545 thisisreddawn
0%
8,143 thispaperis2763picometersthick
0%
4,304 THJ
0%
9,248 Thomas
0%
3,204 Thomas1651
0%
9,971 Thompson Brighton
0%
6,182 Thonkus Blonkus
0%
6,031 Three by five
0%
2,927 Thrice Rice
0%
8,371 Thumbling
0%
1,363 ThunderBolt
0%
2,047 Thunder lord
0%
8,603 thunderous aquatica
0%
2,986 Thunderpants
0%
6,688 ThunderStruck
0%
9,133 Thunder teardrop
0%
3,312 Thy Bubbster
0%
4,003 Thycket
0%
746 Thymes
0%
5,366 Tibbt
0%
8,941 Tibby Tibberson
0%
4,530 Tic Tac Toe!!!
0%
1,884 Tigstahh
0%
2,150 Tiixi
0%
4,784 TikiWiki
0%
3,217 Tilskatoff
0%
6,937 TimberFail
0%
1,523 Time Attaxi
0%
3,074 TimepugCreator
0%
5,748 timesnewrava
0%
5,354 timothy10583
0%
1,062 Timothy Cliffhanger
0%
3,045 Timothy Vu
0%
3,884 Timtodile
0%
903 Timvideo326
0%
8,452 Timych
0%
3,265 Tino DaSurly 2
0%
4,614 TintTheGuy!
0%
6,166 Tiny31Boom
0%
2,931 Tiny Ninja!
0%
4,633 TinyPika
0%
4,712 TinyRok
0%
5,325 Tire
0%
8,809 Tired Kenny
0%
6,155 Tiruil
0%
2,118 Titan Speakerman
0%
3,464 tix
0%
1,534 tje24
0%
873 TJGimThing
0%
2,943 TK7
0%
3,824 TKMT_Aniki
0%
7,428 Tmanye
0%
2,471 TMOJ Official
0%
9,915 tnaz
0%
4,026 TNowA
0%
1,474 Tntnol
0%
3,106 Toad8508
0%
920 toadeightyfive
0%
1,240 ToadlyCool
0%
1,596 ToadMX
0%
5,020 Toad's Sugar
0%
501 toast
0%
1,593 Toastarena
0%
7,937 Toastedpancakes
0%
3,520 Toasted Toasty
0%
6,346 Toastee
0%
5,355 Toaster Tart
0%
7,206 Toasterz27
0%
9,542 ToastLeo66!
0%
2,409 ToastyOOF
0%
429 ToastyRoasted
0%
5,338 | 9,036 Toasty Toast
0%
842 Tobias JK
0%
4,198 Tobi Boon
0%
1,679 Tobutori
0%
7,595 TobyLap
0%
3,756 tobyman
0%
9,086 toebel
0%
2,378 ToeSlinger 85
0%
8,433 Tofus
0%
3,620 Togeking
0%
4,583 Tokey
0%
3,629 Toki Pona
0%
9,572 Tokurin177
0%
1,846 Tolozen
0%
8,810 Tom
0%
1,157 tom9mi 2
0%
6,932 Tomao Soup
0%
4,170 Tomato of the Tomato
0%
685 Tomatowski
0%
8,677 tombles
0%
7,347 Tom Foolery
0%
1,315 Tomgazery
0%
517 Tomorand
0%
2,788 Tom Orange Mouse
0%
2,866 TomsonRanch21
0%
8,595 Tom the Doritos fan
0%
7,117 Tonals
0%
1,384 tonnieboy300
0%
2,911 TonyBlair1056
0%
2,850 Tony the Lightning Rod
0%
8,676 Toony11
0%
9,743 Topazes Rosé
0%
7,410 Topazion
0%
957 Tophatted
0%
9,147 TopHattedMan
0%
3,564 TopHatTheHat
0%
5,756 TopHatz
0%
1,035 TopiBoyh
0%
2,740 Topic AL
0%
6,730 Toppy Tophat
0%
1,855 Torchi
0%
4,066 Tornado
0%
1,719 TornadoAltar1
0%
1,044 Toron Beldevar
0%
7,772 Toruto
0%
3,541 Tospsy
0%
1,653 TotalAtrocity
0%
3,295 TotallyG
0%
8,721 TotallyNotBanana
0%
8,997 Totally Not ChatGPT
0%
2,852 TotallyNotSushii
0%
5,003 TotalNormalFry
0%
9,872 TotoWithAClover
0%
5,933 TottalyNotChatGPT
0%
9,871 Toucan780
0%
1,877 ToucanBuddy
0%
3,486 Toulou
0%
9,236 Tourmaline
0%
9,719 Tourning
0%
8,937 ToweletteOfficial
0%
7,945 TOWER POWER
0%
2,007 Towno
0%
9,029 Tow toast
0%
6,894 Tox
0%
2,920 ToxiCity
0%
3,036 Toyota Prius
0%
1,864 ToyotaRAV4
0%
9,824 TPOTHeroes
0%
3,459 tr0pe
0%
2,862 Tracy7773
0%
5,778 Tradgore
0%
4,466 Trainboy307
0%
4,515 Trainguy
0%
9,264 TrainTwister
0%
3,385 Trainy man
0%
3,156 Tranquil Sweetness
0%
5,570 TransBiBook
0%
6,471 TransGaty
0%
3,432 Transparent Tome
0%
1,630 Transparenty
0%
5,104 Tran S. Wright
0%
9,317 Trapper Hat
0%
5,170 TrashbinsRcool
0%
7,504 Trash can
0%
7,650 Trash Can Bookified
0%
3,436 Trashy
0%
7,999 Traveller of Every Object
0%
5,270 Travis Scott
0%
1,308 Traznarf
0%
740 TreeCube
0%
8,654 Treellian
0%
7,863 TREES#1FAN
0%
3,119 Trees&Apples
0%
9,228 Tresi Makin'
0%
6,286 Tress Froest
0%
398 Trev
0%
1,479 Trevnado
0%
6,637 TRex67
0%
5,720 trickytreat
0%
7,332 Triggernometrist
0%
3,707 Trigonometric Hater
0%
♡1 Triko
0%
1,713 TriNitroT
0%
8,354 Trinity
0%
4,863 TrinityGJ
0%
4,867 trinken and schlafen
0%
6,446 triothreep
0%
6,427 triphavoc
0%
5,754 Triptoon
0%
1,233 Tristan G
0%
4,271 tristEWOW
0%
6,258 Trivia Murder Party Obsessed
0%
3,384 Trix
0%
8,555 TrixTreats
0%
9,369 Trixx mixx
0%
2,652 Trodk
0%
3,132 trolli
0%
9,442 Trollse
0%
2,230 Trombonist of Nerdiness
0%
8,892 Tromboon
0%
945 Tropikid
0%
8,848 TRTS
0%
4,230 True Bozo
0%
3,494 TrueGreene18
0%
8,499 TrueKenzie
0%
3,844 True Kris Dreemurr
0%
1,872 TrueSunGaming
0%
8,651 Truji
0%
8,734 Trusted Yakult
0%
8,638 Truth of Life 721
0%
888 Truttle1
0%
3,311 Trybel
0%
6,270 Try Me
0%
8,945 TryThePi
0%
8,908 Try to fly
0%
8,395 TS3Rouge
0%
3,101 tschultz
0%
455 Tsskyx
0%
9,859 TsundereTsunami
0%
8,135 Tsu's Encyclopedia
0%
2,085 TTGS Théo
0%
315 TTGuy10000
0%
2,021 Tubbybloxian
0%
7,775 Tubipedia
0%
860 Tubularity 2304
0%
9,145 TuhGuhWuhGee
0%
508 Tulip System
0%
8,573 Tumbler Mumblerer
0%
1,373 TunaBear
0%
4,155 Tunatory
0%
5,038 Tundra Frost
0%
1,973 Tundrox
0%
3,831 TuneDoesAAA
0%
6,478 TUNM
0%
4,504 Tuppy
0%
3,711 turkey
0%
9,081 TÜRK'LE GURUR TÜRK'LE GURUR DUYUYORUM VE AREMİ SOYKIRIMI OLMADIĞI OSMANLI İMPARATORLUĞUNU YENİDEN DİRİLİYORUM
0%
3,682 Turnaway35
0%
3,839 TurntSnacko
0%
5,767 Turquioii
0%
7,717 Turta
0%
1,486 Turtle_Potatokings1
0%
5,225 TurtleReturns24
0%
5,783 Turtletastic
0%
6,710 Tutto qui
0%
8,069 Tuvkolo
0%
5,475 TUWAN
0%
7,171 TuxedoCat90
0%
7,933 TV and Mini TV
0%
9,574 Tweeeeeeester Meeeeester
0%
8,116 Twelfty
0%
2,254 Twicepedia
0%
7,305 TwiddyBolt
0%
524 Twig the Coyote
0%
1,401 twigxcabaret
0%
7,949 Twigz
0%
9,382 Twilight Firework
0%
797 Twilight Galaxian
0%
9,837 “Twilight Hue”
0%
6,581 Twilight Leaves
0%
4,088 Twilight Tome
0%
6,655 Twingamerdudes
0%
3,971 Twinnie
0%
4,139 TwistedElite
0%
6,314 twistedsun234
0%
204 Twisted Taft
0%
6,707 Twist_writes_stuff
0%
3,739 twistybit
0%
1,337 TwistyStuff
0%
6,745 TwistyTreats
0%
5,431 Twitzy Sandburn
0%
7,094 Two-Face
0%
9,780 twoHundredChicken
0%
4,994 twoletter
0%
474 Twoll
0%
8,925 TwoQuantumBits
0%
3,002 two_squared
0%
8,242 twotrucks
0%
5,689 twow
0%
9,626 Two Windchimes
0%
1,015 Twyforce
0%
5,926 TXT_FILE
0%
8,094 Tygreenie
0%
8,044 Tyler1415
0%
2,858 TypeError441
0%
8,695 Types0fMuff1ns
0%
7,143 TyplosionExplosion
0%
7,462 TypoDimoN
0%
5,601 TyrianPurple
0%
9,212 Udayify
0%
6,337 Ufo
0%
2,923 ughugh9
0%
8,579 Uh Oh Glitchy
0%
9,108 Uiwowwwwwwwwww
0%
1,834 ukaikgx2
0%
3,019 Ukey79
0%
3,894 ukko1998
0%
2,678 ulanpat
0%
866 ultimate chiller
0%
3,213 Ultimate Duck
0%
491 Ultrachooken
0%
5,565 ULTRAKWAIIDESU ٩◔‿◔۶
0%
2,100 ultralight.
0%
3,947 Ultraqua
0%
6,612 UltraRockstar
0%
2,487 Ultrono
0%
7,322 Umbreonix
0%
7,399 Umbreon Racer
0%
8,254 UnabatedBasher
0%
2,963 Uncle Larry
0%
9,283 UncleMunkle
0%
1,452 Uncrestables
0%
5,528 Undead Pillowhead
0%
749 Undecimator
0%
6,930 undefyned
0%
4,744 Underclock
0%
9,716 undercover jnj fan
0%
2,494 Underkat
0%
7,757 UndertheJolteon
0%
4,725 Unfinished Comb
0%
8,370 -Unfunni-
0%
3,556 unication smith
0%
5,361 Unique
0%
1,514 UnitCreamer
0%
6,621 Unity book/winningkids0
0%
6,848 Universe Destroyer
0%
1,522 Universe's Reincarnation
0%
3,130 University Of Pennsylvania Red and International Klein Blue Being
0%
5,841 UnknownGaming
0%
3,589 UnknownKirti
0%
7,073 Unknown Newcomer
0%
1,428 UnknownRager
0%
7,621 Unkown Cloudy (not related to BFB/Tpot)
0%
5,898 Unlucky me
0%
275 Unofficial Spaghet
0%
3,067 UnoLuno
0%
5,376 UNOriginal Character
0%
3,960 Unoriginal Masterpiece
0%
7,907 Unoriginaly
0%
4,626 UnPeruano98
0%
5,343 UnrulyScience
0%
9,592 Un wey ahí nomas
0%
4,058 unxcorn
0%
1,144 uosl!M
0%
405 uPlatm
0%
8,817 upside
0%
5,696 Upside Up
0%
1,410 UQAU
0%
8,180 Uriel Al-Mustafa
0%
7,334 Urki
0%
2,885 [URT]
0%
1,628 Urtson3
0%
8,683 uryear
0%
3,810 USELESSPIE
0%
7,951 User8493
0%
7,905 Username is a Niche
0%
9,762 usernamewastaken1235
0%
3,886 UserNone
0%
5,853 UserSTC
0%
1,135 UTD
0%
4,311 UTF
0%
3,769 Utiba
0%
2,640 UtopianPoyzin
0%
9,510 V1RUS 11
0%
7,103 Vabaolla
0%
4,986 vaie
0%
4,484 ValcanoMania
0%
6,610 valcano rose
0%
9,635 Valebrity
0%
8,233 Valiant Hampter
0%
9,705 ValityLaz
0%
5,086 valleybox
0%
9,803 ValorVanquish
0%
1,090 Valzone
0%
9,091 Vampy
0%
8,705 Van Cam
0%
9,263 Vancouvercalico
0%
2,768 Vani
0%
3,349 VanillaBeanFrappuccino
0%
6,142 VanillaLettucePaprikaCookie.5
0%
2,550 Vanilla Madeira
0%
551 VanillaTurtwig8
0%
8,535 vanillaverses
0%
9,732 vanillotl
0%
6,124 Vanil Mogurt
0%
6,461 vaporwavecranberries
0%
1,096 Variantt
0%
1,820 Varmints
0%
1,614 Varth_
0%
8,172 Vasya bl
0%
6,607 VAT JON
0%
2,146 Vauntiee
0%
6,068 V Booky
0%
7,805 V Coolman
0%
6,966 Vectorman23
0%
9,259 Vee Bee
0%
482 Veedee S
0%
9,495 Veewadd
0%
495 Veilure
0%
4,297 Velocitysweep
0%
1,581 -Vending Machine-
0%
2,760 Vendy (Dev_Q)
0%
1,024 Vengeful Glider
0%
8,696 Venmer
0%
8,415 Venomous Excalibur
0%
7,615 Ven the Blender
0%
5,445 Verabscheuen
0%
8,872 Verify
0%
8,098 Verjes
0%
7,378 Vermilli0n
0%
4,818 Vernoxis
0%
1,515 VerosikaPlaysGames
0%
8,054 Verse Squared
0%
1,817 VeryAverage
0%
3,366 VeryChillDude
0%
6,379 Very Ignorant Guy
0%
8,029 VeryVessel
0%
2,445 Vesper Stryxx
0%
9,984 Vespertine
0%
5,816 Vetzla
0%
2,287 Vex
0%
9,881 Vexillology Nerd
0%
5,626 vgtcross
0%
548 vheeee
0%
1,981 VH Productions
0%
3,070 Vibe Mouse
0%
6,507 viceley
0%
5,719 Viciarius Caelestis
0%
3,899 Victorial_Star
0%
5,396 Victor Trajano
0%
3,811 Videoconsole
0%
4,758 videogamesy
0%
7,009 Videos Ya
0%
5,773 viewer2012
0%
1,273 ViewerLikeU
0%
1,434 ViewPie, holder of the pies
0%
5,991 Vikaka
0%
1,160 viklo
0%
2,200 VileplumeEsperantist
0%
7,090 Villager Glagglepedia
0%
4,178 vinc3nt33
0%
3,129 Vince The Silly Goober
0%
8,889 Vinyl Starz
0%
1,232 Violence
0%
858 Violetvixen
0%
7,652 Violetwhattheduck
0%
3,297 VIQ
0%
4,754 Virescent
0%
8,808 virgilmans
0%
8,921 Virgo Star
0%
7,545 Virus Internet Guide
0%
8,130 Visionary!!
0%
5,943 visualsauces
0%
8,063 Visurient
0%
6,457 vitamin227
0%
4,645 VitaminAFBT
0%
3,994 vitasnova
0%
1,306 vitleysa
0%
3,138 VIvian5757
0%
1,483 viviancherry04
0%
3,988 Vividria
0%
5,154 Viviin
0%
5,398 Vivverfly(Grunge Book)
0%
5,576 VizorR
0%
8,897 Vku
0%
6,544 Vlogger Boy
0%
6,945 Vluuu_y
0%
7,730 V. M. Seventy
0%
5,130 Voboid
0%
4,571 Vocally
0%
5,515 Vodball
0%
1,766 void
0%
668 Voidbringer
0%
5,039 Voided
0%
7,050 VoidedAmy
0%
2,853 VoidedBattery
0%
7,946 Voider314
0%
2,767 Voidia
0%
8,563 Voiding Ink
0%
567 VoidInstructions
0%
2,838 Voidium
0%
2,949 Voki
0%
8,980 voltdude
0%
9,157 Volume three
0%
3,517 VonBunBun
0%
3,269 VonnieToons
0%
2,519 Vortex83
0%
9,088 Vortex Jamz
0%
620 VortexLyte
0%
4,137 Vortices
0%
518 Voyager II
0%
921 Vrdnant
0%
8,709 Vrif
0%
1,909 Vryheidmensen
0%
5,121 VsNub
0%
4,605 VTSGsRock
0%
6,625 Vudak
0%
4,948 VUMANCHU
0%
5,832 vuz buzz
0%
772 vvg_lol
0%
5,654 VVVVVV
0%
4,651 vyno.qwil
0%
6,464 W0lfyN0ah1337
0%
7,041 W1THRD
0%
5,179 W31RD0
0%
1,704 W3rt24
0%
8,112 Wachrawit Sillathum
0%
9,480 Wacky
0%
8,081 Waffer_Quaffer
0%
7,077 waffiewitch
0%
5,500 WaffleDerg
0%
3,584 Wafflepie
0%
8,476 WafflerToast11
0%
2,893 WafflewasXD
0%
2,029 Waffley
0%
1,084 WaffleyDootDoot
0%
3,619 Wafflez
0%
5,116 WafflSock
0%
6,293 Wakalaos
0%
2,273 Waldwick1386
0%
5,278 walkingsophie
0%
4,071 Walkingstix
0%
4,012 Wallace
0%
816 Walle031106
0%
9,712 | 9,863 Walrus
0%
8,170 Walter White
0%
9,505 Wampus Wimbaly
0%
9,414 Wance
0%
3,578 WandererSkye
0%
6,772 Wandering, with a REAL PhD in Trombone!?
0%
9,693 Wannabe Guy
0%
2,630 Wardrobe Ebordraw
0%
6,914 Warheadd
0%
3,737 “wariogurt”
0%
9,062 WarioPower
0%
6,322 Warkat
0%
7,076 Warm snowflake
0%
8,289 Warnernomicon
0%
5,455 WARP ZOOOOOOOOOONE
0%
2,623 WashedSheets
0%
3,232 watawatawhat
0%
1,696 Wate Junior
0%
5,555 WaterBottel
0%
8,439 Water Bottle
0%
5,004 Water Dispenser Commercials (WDC)
0%
1,231 Waterfishy
0%
7,940 water in the sky
0%
7,454 Watermelon
0%
1,862 Watermelonnatto
0%
5,390 watermelon snail
0%
6,205 Watto
0%
8,969 Wave watcher
0%
4,473 wavydish
0%
876 wawapeoe
0%
1,061 Wayan Vistar
0%
1,528 Way Behind
0%
7,205 Wayne Jr
0%
9,167 wazardTheRage!!!
0%
8,557 wbottle
0%
4,259 WebzForevz
0%
6,419 weeb void
0%
4,782 weee dot dot dot
0%
7,597 weekenderbonustime
0%
7,733 Weekes the pink T.V.
0%
777 WeeklyByeBye
0%
3,283 weezerlover122423
0%
6,829 Weighton
0%
4,132 WeillIO
0%
6,327 Weirdcorefan
0%
658 WeirdKid361
0%
7,893 Weird Squatter
0%
5,364 weiwuxianisgay
0%
5,347 Wekky
0%
5,479 Welredd
0%
5,647 Welshite
0%
1,116 Weltin
0%
5,389 Wempi
0%
623 We Now Productions
0%
559 Wenyunity
0%
5,608 Wepeel
0%
7,391 WerdChair
0%
472 Werrywit
0%
3,388 Wertem
0%
9,171 WertieMcBertie
0%
6,250 Westly0524
0%
783 Wet Paint Enterprises
0%
9,941 W.F.M
0%
1,819 wGUy1
0%
6,760 WhabbleTV
0%
1,646 whale animation stuff
0%
4,609 whapadoodle
0%
7,174 WHAT A CHILL KILL... I KNOW YOU WILL, BRING ME LIGHTNING... LIKE A WINNER!
0%
2,735 What a Mouthful
0%
9,084 What is Crizo
0%
1,673 Whatsername
0%
3,056 WHATS_o_EVER
0%
8,859 Whats What
0%
9,274 Where am i?
0%
629 Whiffline
0%
2,871 Whiney Smiley
0%
4,625 WhippyTuna
0%
2,448 Whispering Vagabond
0%
2,524 Whistage
0%
4,830 White Fang
0%
3,951 White Lobster
0%
1,236 White Whiskey
0%
6,319 WhoAmIMaybeMe
0%
8,948 Whooplduf
0%
8,880 WhyAmIHere
0%
2,572 WhyOnEarthWouldYouAllowUsToMakeOurUsernamesUpToSeventyFiveCharactersCaryOMG
0%
3,030 Why r we here
0%
709 Wi928r
0%
3,889 WI9thecreator
0%
4,177 wibblewobble
0%
2,016 Wicked_Daniel
0%
9,174 Wicked Insanity
0%
8,287 Wicycool
0%
992 widetide
0%
7,318 WidgexOne
0%
1,806 Wiffle Waffle 11
0%
1,335 wifishark
0%
1,896 wii7
0%
4,062 Wildcat
0%
7,955 WildCrazyGoose
0%
7,139 WildGeese
0%
7,567 Wild Tiger
0%
690 Wildz
0%
1,309 will9183
0%
9,524 WILLAMLOVESBFDI
0%
1,763 WillDaBeast
0%
8,039 WilliamfromIraq
0%
4,872 williamsdj
0%
3,039 willowafer
0%
9,867 Willski
0%
6,422 Willson
0%
2,242 WillTheGrunt
0%
9,947 WillyCronka
0%
9,391 Willy The Billy
0%
6,713 Wilo7412
0%
4,020 Wimbled Timbled
0%
4,559 Wimpyguybutawsome
0%
6,430 WinADolla
0%
6,718 Wind Gust
0%
9,535 windkite
0%
533 Window Paine
0%
7,792 Windowsfan225
0%
8,298 Windows XP
0%
6,278 Winged Dog
0%
4,587 WingpondTheDuck
0%
4,353 Winharry
0%
7,192 Winnars Graditude
0%
7,061 Winter Brightness
0%
9,340 WinterfromWoF
0%
6,903 wintermint
0%
8,239 Winter Storm
0%
3,604 winterztheidiot
0%
6,828 Wis-book
0%
4,038 Wisdomeum
0%
1,854 Wisdomful Dinosaur
0%
5,900 Wisdomfuln't
0%
4,318 WisdomHuggerofNonsense
0%
570 Wise_Person
0%
7,493 wishfixers
0%
4,521 Wish Volo
0%
3,874 WitekWitek
0%
6,025 Without a Doubt
0%
3,999 Wizard of the Dark Side.
0%
3,356 WJG
0%
9,770 WoahNoah8
0%
3,610 WoajAeron
0%
3,473 Wobox
0%
5,291 Woebow72
0%
8,179 WolfAnimeGamer
0%
2,155 Wolf_Crafter55555
0%
8,456 wolfie
0%
6,024 Wolfiefx
0%
2,566 Wolfkey
0%
841 Wolfmanbark
0%
1,333 wolfolotl
0%
1,654 WolfPlay013
0%
7,087 wolfycake1254
0%
7,369 Wolonova
0%
6,044 WonderBlazin Bomb
0%
5,195 Wondering Wombat
0%
4,865 Wonkadoodledoo
0%
1,492 Woocas
0%
4,822 Wood Chair
0%
6,234 Woodly Wormy
0%
968 woodmango
0%
4,924 Woodpekaz
0%
8,010 Woodvale13
0%
4,089 woooowoooo
0%
696 WoopDoo
0%
2,176 Woopwoopwoop2763
0%
9,841 Words Nebula
0%
2,747 WordsOfTophat
0%
8,364 World Record 2763
0%
3,219 WorldsCoolestPen
0%
3,792 worlio
0%
7,229 worm
0%
7,320 Worman Polka
0%
6,243 Wormiest of the wormyworms
0%
1,824 worst switch player
0%
1,403 Worth Waiting for
0%
2,308 Wot in Tarnation
0%
1,772 WotterWot
0%
1,689 WowABrownCow!
0%
9,675 WOWEE
0%
2,271 Wowie McZowie
0%
1,587 Wowie Zowie
0%
8,870 Wowzers
0%
1,697 Wozzen196
0%
5,548 Wratra
0%
2,024 Wrecking Games
0%
3,068 Write12C
0%
6,820 WRNOB
0%
2,027 wth-is-tenese-balb
0%
2,297 WTIF2023
0%
3,893 Wubtastic
0%
3,332 Wuggolo
0%
8,360 wumbowatcher
0%
6,672 Wurmify
0%
825 WWolla
0%
1,977 Wyatt S.
0%
8,510 WyGuy49
0%
5,577 wyntsyr
0%
5,393 Wyopis
0%
9,225 X-332 from Interminable Rooms
0%
7,529 XAG Coldy
0%
5,935 XanaduAlgo
0%
886 Xananer
0%
9,067 XanderHosick
0%
5,022 X-Animations
0%
1,935 Xanthic
0%
9,275 Xanthophobia
0%
6,154 Xara the Ninja Girl
0%
7,282 Xavier021h
0%
3,967 X Ball
0%
6,638 X-Book series x
0%
9,202 xboxy
0%
2,587 xChespin
0%
5,522 XDCameron
0%
1,669 Xebrax
0%
1,134 Xenocola
0%
8,801 Xenon
0%
2,084 XericIsNotMyName
0%
2,087 XeroGuy0
0%
5,260 XeroXylophone
0%
227 Xes
0%
7,031 Xeuton
0%
7,313 XFlamig2X
0%
6,466 xfrombfblol
0%
9,683 xgoreghoulx
0%
3,636 Xhoc
0%
7,431 Xia Shang Zhou
0%
1,668 Xi Flashlight
0%
2,691 xii!
0%
9,672 XionPartYcal
0%
6,630 XKittyLalaX
0%
1,992 XKZ
0%
2,980 xleph
0%
8,702 Xmob
0%
1,961 xNebular
0%
5,227 Xorel
0%
6,197 Xp1n
0%
792 xpartyhat
0%
4,879 XRato
0%
8,011 xraybloom
0%
7,444 xStep
0%
8,775 XtraLeo
0%
8,519 Xtraviation
0%
8,245 xuerue
0%
3,386 xuniya
0%
6,734 Xxanmie
0%
8,939 xxbennyboygamerxx
0%
7,831 xXcoolgamer257Xx
0%
9,937 xXDellia_TheDevilXx
0%
9,581 Xx_G4M3BL0RG_xX
0%
6,847 XxprofacuxX
0%
3,214 Xx_Razercore_xX
0%
7,978 xX_Rusty_Steel_Beem_Man_2Xx
0%
8,724 XxSTARL1GHTxX
0%
6,092 xXUser_Not_FoundXx
0%
2,828 XXxmrbeanxXX
0%
8,950 xXxTheSkeletonKingxXx
0%
2,775 XxYoshi999xX
0%
8,357 XY-Bee Axis
0%
2,337 Xygarde
0%
5,842 Xzenitic
0%
9,473 Y0U
0%
1,367 yaboiasolai
0%
7,722 Yaboyisya!
0%
3,701 YaGalSamy
0%
1,947 Yahyaball
0%
6,738 Yakman
0%
1,969 Yakob
0%
1,755 Yan-a-dick-a-yan
0%
2,527 Yapinians
0%
7,622 yara2763
0%
1,013 Yaro
0%
760 Yarxxter
0%
1,664 Yauz
0%
6,666 YayerSlayer2012
0%
9,541 YAYIMONYOUTUBE
0%
6,927 Yaypixel
0%
571 YBukko
0%
1,239 YeahYeah1121
0%
6,172 YeetBook
0%
2,156 Yeeterboy
0%
9,471 YeetusMeetus
0%
8,320 Yeetzer
0%
3,178 Yelloredlue
0%
2,627 Yellow Emerald
0%
7,765 Yellowface123
0%
4,171 Yellow Hexagon
0%
4,413 Yellowkiddo13
0%
4,065 yellowmarkers
0%
2,829 YellowSkittleTV
0%
2,392 Yellow_Tiger_672
0%
4,204 Yelly
0%
2,875 YeOldeMan
0%
5,173 Yerboi 73
0%
3,025 Yes I Guess
0%
5,575 Yes no
0%
2,707 Yesseree
0%
4,077 Yessymessy
0%
9,444 YeyyieSeth27
0%
7,191 Yggdrasil
0%
500 Yinto
0%
7,666 yin-yong
0%
3,338 Yippee!
0%
7,365 yippeeeee
0%
7,823 ylumiccoon
0%
6,670 Yogurt Boi
0%
3,600 Yogurt Man
0%
7,434 YogurtYoggy
0%
7,873 yoinked
0%
8,028 Yolker
0%
3,750 Yomers
0%
5,010 Yonyonmaymay
0%
8,305 Yoofighter
0%
879 Yooper Mapping
0%
1,694 Yorkscrew
0%
1,910 Yorkshire
0%
6,353 Yoshi123
0%
♡1 YoshiAwesum
0%
4,367 YoshiEben
0%
4,788 Yoshi Egg
0%
4,218 YoshiEggo
0%
6,759 YOSHIFAN191
0%
6,769 Yoshi Head
0%
757 Yoshikid
0%
884 yoshikid8
0%
6,761 Yoshi-omb
0%
3,773 Yoshipipe539
0%
7,815 YouJustGotGooped
0%
1,632 Youmg44
0%
8,485 Your Answer
0%
1,951 Your Average Dude
0%
8,818 YourAverageNooooob
0%
8,206 _yourboi_
0%
5,265 Youreallythinkicancomeupwithaname
0%
4,968 Your favorite Snox
0%
7,674 Your Fourner II
0%
5,680 Your Mom
0%
3,218 Yowzers Trousers
0%
2,995 Yoxes
0%
8,704 YOYLEBERRY EATER
0%
8,513 Yoylecake!
0%
4,028 Yoylecake2763 bubble
0%
4,833 YoylecakeBaker
0%
6,664 YOYLECAKE FAN
0%
8,096 yoylegame
0%
1,727 YoyleMarker
0%
9,860 YoyleMaster
0%
6,598 YoyleMetalBerry
0%
6,902 Yoyle Notebook
0%
8,373 YOYMike
0%
7,311 yoyyland
0%
8,823 YSL
0%
1,815 YTN1112
0%
9,191 Yugonnuwin
0%
2,761 Yummy Tomato
0%
1,303 Yunnan
0%
3,852 Yvé'lluap
0%
1,874 yvlnt
0%
6,972 YXD0X
0%
1,942 Z01Xy
0%
7,123 zablonb2424
0%
9,300 ZacChrome Book
0%
3,822 zache001
0%
2,174 zachy410
0%
2,056 Zackattack
0%
5,304 zactheblaze64
0%
537 Zafiarox
0%
2,238 Zagyen8913
0%
8,708 Zahaaaaac
0%
1,177 Zai
0%
6,913 zaiden
0%
9,660 Zakomations
0%
4,900 zaneyrxnf
0%
4,976 Zany Zak
0%
9,326 Zap
0%
4,467 Zaphire
0%
656 Zapphire
0%
3,895 Zarbi
0%
5,589 zarive
0%
3,626 zat
0%
6,104 Zavver
0%
6,176 zaydenmYT
0%
833 Z-Bean
0%
6,087 ZDefenderOfTheLands
0%
7,180 ZDubbz
0%
3,185 Zeboosta
0%
4,564 Zebra Book
0%
7,656 Zecal Surfer
0%
6,112 ZedNoX
0%
2,335 zeDok
0%
6,889 Zeeky Boogy Doog
0%
7,580 Zeezy Peazy
0%
6,758 Zeke the coin
0%
3,417 Zeke The Pete
0%
5,257 ZeLaND
0%
278 Zelaznog92
0%
3,001 Zellate
0%
9,005 zelmp
0%
931 Zelo101
0%
2,481 Zenollo
0%
1,757 Zentaro
0%
8,598 Zeonium
0%
7,826 Zer0 Dragon
0%
3,403 zer0widthspace
0%
917 Zera
0%
8,368 ZeriousBenefits77
0%
9,475 zeroawen
0%
6,103 ZerOcarina
0%
6,826 Zerofluids
0%
3,359 ZeroHundred
0%
5,215 zeronull
0%
2,847 ZeroSocialSkillz
0%
9,190 zero words of wisdom
0%
6,746 zerustu
0%
2,030 Zetade1029
0%
8,150 ZevenWower
0%
8,863 Zeyepyr
0%
5,916 ZGU
0%
6,624 Zia - Perezia
0%
9,809 Zielyzii
0%
1,622 Ziggurab
0%
5,065 ZILLY!1!
0%
9,022 Zip File
0%
2,832 ZippityBipBop
0%
1,584 ZipZap
0%
9,221 Z.J
0%
4,486 zkyflowr
0%
7,539 ZLEEPY FIZZY
0%
4,526 zlombt :3
0%
3,418 zlubbii
0%
1,323 zmaj
0%
3,772 Zmavli Caimle
0%
1,582 zmixer789
0%
9,669 Zodiak
0%
2,643 Zoetrope
0%
9,880 Zohergofer
0%
8,125 zoictica
0%
6,908 Zoidee
0%
7,065 zolax
0%
6,862 Żółć
0%
6,692 ZoloTheYolo
0%
5,844 Zombie Turtle17
0%
3,812 Zombie-y
0%
6,306 ZombieZ
0%
9,827 Zombook
0%
6,396 Zom-bread
0%
7,225 Zonixsenez
0%
3,226 Zoobs28
0%
6,539 Zoolu
0%
3,135 Zoom on
0%
839 Zoozony
0%
6,210 Zotty Friend
0%
4,857 Z_Persi
0%
4,904 ZTheStickBook
0%
614 Z Timmy
0%
2,251 zubinwubin
0%
2,288 Zuckern
0%
2,825 Zuko zesty Lemon
0%
2,204 z_urh
0%
2,012 Zushisty
0%
7,111 Zuuzapp
0%
2,280 ZVARRI 2
0%
9,974 Zwariowany
0%
8,090 Zweiloushead
0%
8,626 Zxcvbnm Productions
0%
998 Zygarbodor
0%
3,201 ZyRyZyanic
0%
7,181 zyxro
0%
2,495 zyx_zz0
0%
3,051 Zzyzes
0%
5,052 Zzzypostrope
0%
No matching quizzes found
Score Distribution
Percent of People with Each Score
Percentile by Number Answered
Your Score History
You have not taken this quiz